{"text_format":"3","workbook":"xlsx","n_sheets":1,"sheets":["Лист1"],"not_rendered":{"defined_names":1},"read":"whole","date_system":"1900"}

{"sheet":"Лист1","index":0,"n_rows":706,"n_cols":16,"rows_kept":706,"merged":[[0,0,0,13]]}
["Протокол по итогам муниципального этапа ВсОШ по предмету \"История\"  в 2021-2022 учебном году "]
["№","Наименование ОО","Фамилия","Имя","Отчество","Дата рождения","Пол","Класс обучения","Класс участия","Балл","Добавлено баллов по итогам апелляций","Итоговый балл","Максимальный балл","Статус","ФИО учителя","Место работы учителя"]
[1,"Муниципальное бюджетное общеобразовательное учреждение «Средняя общеобразовательная татарско – русская школа №113 с углубленным изучением отдельных предметов им. Героя России М.Р. Ахметшина» Ново-Савиновского района г. Казани","Прокопьев","Р.","В.","2008-05-15","М",7,7,87,null,87,100,"Победитель","Герасимова Мария Александровна","МБОУ \"Школа №113\""]
[2,"Муниципальное бюджетное общеобразовательное учреждение «Средняя общеобразовательная татарско – русская школа №113 с углубленным изучением отдельных предметов им. Героя России М.Р. Ахметшина» Ново-Савиновского района г. Казани","Горланов","В.","Е.","2008-08-23","М",7,7,85,null,85,100,"Победитель","Герасимова Мария Александровна","МБОУ \"Школа №113\""]
[3,"Общеобразовательная школа-интернат «Лицей имени Н.И. Лобачевского» федерального государственного автономного образовательного учреждения высшего образования \"Казанский (Приволжский) федеральный университет\"","Авраменко","Д.","В.","2009-04-14","М",6,7,80,null,80,100,"Призер","Яковлев Александр Евгеньевич","ОШИ \"Лицей имени Н.И. Лобачевского\" КФУ"]
[4,"Муниципальное бюджетное общеобразовательное учреждение \"Политехнический лицей №182\" Кировского района г.Казани","Темиржанова","И.","И.","2008-10-27","Ж",7,7,70,null,70,100,"Призер","Чиркова Людмила Владимировна","Муниципальное бюджетное общеобразовательное учреждение \"Политехнический лицей №182\" Кировского района г.Казани"]
[5,"Муниципальное бюджетное общеобразовательное учреждение  «Гимназия №14» Авиастроительного района г. Казани","Юсупова","К.","Р.","2008-03-09","Ж",7,7,68,null,68,100,"Призер","Загуменнова Ольга Александровна","Муниципальное бюджетное общеобразовательное учреждение \"Гимназия №14\" г.Казани Республики Татарстан"]
[6,"Частное общеобразовательное учреждение средняя общеобразовательная школа «Елена-Сервис»","Попцов","Г.","С.","2007-12-04","М",7,7,65,null,65,100,"Призер","Якимова Ирина Владимировна","ЧОУ СОШ \"Елена-Сервис\""]
[7,"МАОУ «Лицей-интернат №7» Ново-Савиновского района г. Казани","Хамматов","К.","И.","2008-04-29","М",7,7,65,null,65,100,"Призер","Ахатов Ильяс Ахматович","Муниципальное автономное общеобразовательное учреждение \"Лицей-интернат №7\""]
[8,"Муниципальное бюджетное общеобразовательное учреждение «Лицей №83 - Центр образования» Приволжского района г. Казани","Карагузина","Э.","Р.","2008-02-09","Ж",7,7,65,null,65,100,"Призер","Бегунова Мария Александровна","Муниципальное бюджетное общеобразовательное учреждение «Лицей №83 - Центр образования» Приволжского района г. Казани"]
[9,"Муниципальное бюджетное общеобразовательное учреждение  «Гимназия №14» Авиастроительного района г. Казани","Мухаметгалиева","Д.","А.","2008-04-05","Ж",7,7,64,null,64,100,"Призер","Загуменнова Ольга Александровна","Муниципальное бюджетное общеобразовательное учреждение \"Гимназия №14\" г.Казани Республики Татарстан"]
[10,"Специализированный учебный научный центр – общеобразовательная школа-интернат «IT-лицей» федерального государственного автономного образовательного учреждения высшего образования «Казанский (Приволжский) федеральный университет»","Смородинов","Г.","А.","2008-01-12","М",7,7,64,null,64,100,"Призер","Галимзянова Мадина Ахтямовна","ОШИ IТ-лицей ФГАОУ ВО К(П)ФУ"]
[11,"Муниципальное автономное общеобразовательное учреждение «Гимназия №19» Приволжского района г. Казани","Галиахметова","М.","И.","2008-06-30","Ж",7,7,63,null,63,100,"Призер","Баранова Ольга Алексеевна","Муниципальное автономное образовательное учреждение \"Гимназия№19\""]
[12,"Муниципальное автономное общеобразовательное учреждение «Гимназия №19» Приволжского района г. Казани","Жеребцов","А.","Г.","2008-08-06","М",7,7,62,null,62,100,"Призер","Баранова Ольга Алексеевна","Муниципальное автономное образовательное учреждение \"Гимназия№19\""]
[13,"Муниципальное автономное общеобразовательное учреждение «Гимназия №19» Приволжского района г. Казани","Ишмурадова","С.","И.","2008-06-23","Ж",7,7,62,null,62,100,"Призер","Баранова Ольга Алексеевна","Муниципальное автономное образовательное учреждение \"Гимназия№19\""]
[14,"Муниципальное бюджетное общеобразовательное учреждение «Лицей №83 - Центр образования» Приволжского района г. Казани","Зиганшин","А.","Ф.","2008-03-11","М",7,7,60,null,60,100,"Призер","Бегунова Мария Александровна","Муниципальное бюджетное общеобразовательное учреждение «Лицей №83 - Центр образования» Приволжского района г. Казани"]
[15,"Муниципальное автономное общеобразовательное учреждение «Гимназия №19» Приволжского района г. Казани","Мугинов","А.","Б.","2009-03-04","Ж",7,7,59,null,59,100,"Призер","Баранова Ольга Алексеевна","Муниципальное автономное образовательное учреждение \"Гимназия№19\""]
[16,"Специализированный учебный научный центр – общеобразовательная школа-интернат «IT-лицей» федерального государственного автономного образовательного учреждения высшего образования «Казанский (Приволжский) федеральный университет»","Закиров","А.","И.","2008-07-13","М",7,7,59,null,59,100,"Призер","Галимзянова Мадина Ахтямовна","ОШИ IТ-лицей ФГАОУ ВО К(П)ФУ"]
[17,"Муниципальное бюджетное общеобразовательное учреждение «Гимназия №122 имени Ж.А. Зайцевой» Московского района г.Казани","Низамутдинов","А.","А.","2008-09-12","М",7,7,58,null,58,100,"Призер","Чайковская Светлана Валентиновна","МБОУ \"Гимназия №122 имени Ж.А.Зайцевой\""]
[18,"МАОУ «Лицей-интернат №7» Ново-Савиновского района г. Казани","Гараев","И.","Р.","2008-12-12","М",7,7,55,1,56,100,"Призер","Ахатов Ильяс Ахматович","Муниципальное автономное общеобразовательное учреждение \"Лицей-интернат №7\""]
[19,"Муниципальное автономное общеобразовательное учреждение  «Лицей-интернат №2» Московского района г. Казани","Карамелев","Е.","А.","2008-05-12","М",7,7,55,null,55,100,"Призер","Лазарев Юрий Юрьевич","МАОУ \"Лицей-интернат №2\""]
[20,"Муниципальное бюджетное общеобразовательное учреждение \"Средняя общеобразовательная школа № 54 с углубленным изучением отдельных предметов\" Авиастроительного района  г. Казани","Гатауллин","А.","Р.","2008-06-10","М",7,7,54,null,54,100,"Призер","Гараева Елена Ураловна","Муниципальное бюджетное общеобразовательное учреждение \"Школа №54\" г.Казани Республики Татарстан"]
[21,"Муниципальное автономное общеобразовательное учреждение для детей, проявивших выдающиеся способности «Средняя общеобразовательная школа-интернат «Специализированный олимпиадно-научный центр «СОлНЦе» Вахитовского района г. Казани","Ильин","И.","А.","2008-01-17","М",7,7,54,null,54,100,"Призер","Ковенко Дмитрий Дмитриевич","МАОУ СОШИ «СОлНЦе»"]
[22,"Муниципальное бюджетное образовательное учреждение \"Гимназия №9\" Московского района г.Казани","Листова","П.","Н.","2008-02-14","Ж",7,7,54,null,54,100,"Призер","Голубева Екатерина Юрьевна","МБОУ \"Гимназия №9\""]
[23,"Муниципальное бюджетное общеобразовательное учреждение «Гимназия №122 имени Ж.А. Зайцевой» Московского района г.Казани","Пирогова","А.","А.","2008-10-09","Ж",7,7,54,null,54,100,"Призер","Чайковская Светлана Валентиновна","МБОУ \"Гимназия №122 имени Ж.А.Зайцевой\""]
[24,"ГАОУ \"Полилингвальный комплекс \"Адымнар-Казань\"","Валеев","Ф.","Р.","2008-01-21","М",7,7,54,null,54,100,"Призер","Шамсутдинов Динар Загитович","Государственное автономное общеобразовательное учреждение \"Полилингвальный комплекс \"Адымнар - путь к знаниям и согласию\" г.Казан"]
[25,"Муниципальное бюджетное общеобразовательное учреждение  \"Татарская гимназия №15\" Кировского района г.Казани","Игнатьева","З.","Р.","2008-04-27","Ж",7,7,53,null,53,100,"Призер","Сагдиева Феруза Идрисовна","Муниципальное бюджетное общеобразовательное учреждение \"Татарская гимназия №15\" г.Казани Республики Татарстан"]
[26,"Муниципальное бюджетное общеобразовательное учреждение «Лицей №83 - Центр образования» Приволжского района г. Казани","Тазиева","К.","Э.","2008-01-11","Ж",7,7,53,null,53,100,"Призер","Бегунова Мария Александровна","Муниципальное бюджетное общеобразовательное учреждение «Лицей №83 - Центр образования» Приволжского района г. Казани"]
[27,"Муниципальное бюджетное общеобразовательное учреждение \"Гимназия №3 с татарским языком обучения\"","Замалеев","И.","И.","2008-03-23","М",7,7,52,null,52,100,"Призер","Сагеев Марат Ильдарович","Муниципальное бюджетное общеобразовательное учреждение \"Гимназия №3 с татарским языком обучения\" г.Казани Республики Татарстан"]
[28,"Муниципальное бюджетное общеобразовательное учреждение «Гимназия №122 имени Ж.А. Зайцевой» Московского района г.Казани","Сибгатуллин","Ч.","Ф.","2009-01-18","М",7,7,52,null,52,100,"Призер","Чайковская Светлана Валентиновна","МБОУ \"Гимназия №122 имени Ж.А.Зайцевой\""]
[29,"МБОУ «Средняя общеобразовательная школа №84 с углубленным изучением иностранных языков» Советского района г. Казани","Султанова","З.","М.","2008-09-17","Ж",7,7,51,null,51,100,"Призер","Валиева Венера Фанисовна","Муниципальное бюджетное общеобразовательное учреждение \"Школа № 84\" г.Казани Республики Татарстан"]
[30,"ФГКОУ «Казанское суворовское военное училище »","Смирнов","М.","В.","2008-02-28","М",7,7,50,null,50,100,"Призер","Наумова Марина Леонидовна","ФГКОУ «Казанское суворовское военное училище »"]
[31,"Муниципальное бюджетное общеобразовательное учреждение  \"Татарская гимназия №15\" Кировского района г.Казани","Файзрахманов","Т.","А.","2008-05-03","М",7,7,49,null,49,100,"Участник","Сагдиева Феруза Идрисовна","Муниципальное бюджетное общеобразовательное учреждение \"Татарская гимназия №15\" г.Казани Республики Татарстан"]
[32,"Муниципальное бюджетное общеобразовательное учреждение «Основная общеобразовательная школа №17» Приволжского района г. Казани","Фасхутдинова","К.","И.","2008-07-26","Ж",7,7,49,null,49,100,"Участник","Шайдуллин А.Ф.","МБОУ \"Школа №17\" Приволжского района г.Казани"]
[33,"Специализированный учебный научный центр – общеобразовательная школа-интернат «IT-лицей» федерального государственного автономного образовательного учреждения высшего образования «Казанский (Приволжский) федеральный университет»","Басаргин","А.","И.","2007-12-23","М",7,7,49,null,49,100,"Участник","Галимзянова Мадина Ахтямовна","ОШИ IТ-лицей ФГАОУ ВО К(П)ФУ"]
[34,"Муниципальное автономное общеобразовательное учреждение «Гимназия №37» Авиастроительного района г. Казани","Седухин","А.","А.","2008-08-20","М",7,7,48,null,48,100,"Участник","Виноградова Марина Николаевна","Муниципальное автономное общеобразовательное учреждение \"Гимназия №37\" г. Казани Республики Татарстан"]
[35,"Муниципальное бюджетное общеобразовательное учреждение «Средняя общеобразовательная школа №144 с углубленным изучением отдельных предметов» Советского района г. Казани","Гимадеева","К.","А.","2008-01-25","Ж",7,7,48,null,48,100,"Участник","Хмылова Н.А.","Муниципальное бюджетное общеобразовательное учреждение \"Школа №144\" Советского района г.Казани"]
[36,"Муниципальное бюджетное общеобразовательное учреждение «Многопрофильный лицей №186 - «Перспектива» Приволжского района г.Казани","Осьминин","К.","А.","2008-03-20","М",7,7,47,null,47,100,"Участник","Бастракова Ирина Владимировна","Муниципальное бюджетное общеобразовательное учреждение \"Многопрофильный лицей № 186 - \"Перспектива\" Приволжского района г.Казани"]
[37,"Муниципальное бюджетное общеобразовательное учреждение «Средняя общеобразовательная школа №156» Советского района г. Казани","Миннимуллин","И.","А.","2008-09-06","М",7,7,47,null,47,100,"Участник","Малафеева Татьяна Александровна","Муниципальное бюджетное общеобразовательное учреждение \"Школа №156\" Советского района г.Казани Республики Татарстан"]
[38,"Муниципальное бюджетное общеобразовательное учреждение «Основная общеобразовательная русско- татарская школа №115» Авиастроительного района г. Казани","Гаврилова ","Д. ","Е.","2008-08-03","Ж",7,7,46,null,46,100,"Участник","Клетнёва Анастасия Валерьевна","МБОУ \"Школа №115\""]
[39,"Муниципальное автономное общеобразовательное учреждение \"Лицей №131\" Вахитовского района г. Казани","Билалов","А.","А.","2008-06-22","М",7,7,46,null,46,100,"Участник","Вахтурова Елена Витальевна","МАОУ \"Лицей №131\""]
[40,"Муниципальное автономное общеобразовательное учреждение «Средняя общеобразовательная школа №18 с углубленным изучением английского языка» Вахитовского района г. Казани","Бобров","А.","Л.","2009-07-31","М",7,7,43,null,43,100,"Участник","Марданшина Елена Михайловна","МОАУ СОШ № 18"]
[41,"ФГКОУ «Казанское суворовское военное училище »","Семагин","Е.","О.","2008-08-23","М",7,7,43,null,43,100,"Участник","Наумова Марина Леонидовна","ФГКОУ «Казанское суворовское военное училище »"]
[42,"Муниципальное бюджетное общеобразовательное учреждение «Многопрофильный лицей №186 - «Перспектива» Приволжского района г.Казани","Бочкарев","Р.","А.","2007-12-29","М",7,7,43,null,43,100,"Участник","Бастракова Ирина Владимировна","Муниципальное бюджетное общеобразовательное учреждение \"Многопрофильный лицей № 186 - \"Перспектива\" Приволжского района г.Казани"]
[43,"Муниципальное бюджетное общеобразовательное учреждение «Основная общеобразовательная русско- татарская школа №115» Авиастроительного района г. Казани","Артамонова  ","Д.","А.","2008-08-25","Ж",7,7,42,null,42,100,"Участник","Клетнёва Анастасия Валерьевна","МБОУ \"Школа №115\""]
[44,"ФГКОУ «Казанское суворовское военное училище »","Рамазанов","Т.","Р.","2008-07-15","М",7,7,42,null,42,100,"Участник","Наумова Марина Леонидовна","ФГКОУ «Казанское суворовское военное училище »"]
[45,"Муниципальное бюджетное общеобразовательное учреждение «Гимназия №122 имени Ж.А. Зайцевой» Московского района г.Казани","Алыкин","И.","Д.","2008-01-04","М",7,7,42,null,42,100,"Участник","Чайковская Светлана Валентиновна","МБОУ \"Гимназия №122 имени Ж.А.Зайцевой\""]
[46,"Муниципальное автономное общеобразовательное учреждение «Лицей №146 \"Ресурс\"» Ново-Савиновского района г. Казани","Якупов","Х.","И.","2007-12-16","М",7,7,42,null,42,100,"Участник","Халиуллина Резеда Рашидовна","Муниципальное автономное общеобразовательное учреждение \"Лицей 146\" г.Казани Республики Татарстан"]
[47,"ФГКОУ «Казанское суворовское военное училище »","Голубев","С.","С.","2008-02-08","М",7,7,41,null,41,100,"Участник","Наумова Марина Леонидовна","ФГКОУ «Казанское суворовское военное училище »"]
[48,"Муниципальное автономное общеобразовательное учреждение «Гимназия №19» Приволжского района г. Казани","Гатина","А.","А.","2008-09-01","Ж",7,7,41,null,41,100,"Участник","Баранова Ольга Алексеевна","Муниципальное автономное образовательное учреждение \"Гимназия№19\""]
[49,"Муниципальное бюджетное общеобразовательное учреждение  «Гимназия №27 с татарским языком обучения» Вахитовского района г. Казани","Самарина","Д.","Д.","2008-04-28","Ж",7,7,40,null,40,100,"Участник","Надиманова Зульфия Мансуровна","Муниципальное бюджетное общеобразовательное учреждение \"Гимназия №27\" г.Казани Республики Татарстан"]
[50,"ФГКОУ «Казанское суворовское военное училище »","Олещук","Г.","П.","2009-01-29","М",7,7,40,null,40,100,"Участник","Наумова Марина Леонидовна","ФГКОУ «Казанское суворовское военное училище »"]
[51,"ФГКОУ «Казанское суворовское военное училище »","Сахарных","Р.","Н.","2008-03-19","М",7,7,40,null,40,100,"Участник","Наумова Марина Леонидовна","ФГКОУ «Казанское суворовское военное училище »"]
[52,"Муниципальное бюджетное общеобразовательное учреждение «Основная общеобразовательная школа №17» Приволжского района г. Казани","Шафигуллина","Д.","Р.","2008-04-02","Ж",7,7,40,null,40,100,"Участник","Шайдуллин А.Ф.","МБОУ \"Школа №17\" Приволжского района г.Казани"]
[53,"Специализированный учебный научный центр – общеобразовательная школа-интернат «IT-лицей» федерального государственного автономного образовательного учреждения высшего образования «Казанский (Приволжский) федеральный университет»","Каримов","Б.","Ш.","2008-10-20","М",7,7,40,null,40,100,"Участник","Галимзянова Мадина Ахтямовна","ОШИ IТ-лицей ФГАОУ ВО К(П)ФУ"]
[54,"Муниципальное бюджетное общеобразовательное учреждение «Лицей №110» Советского района г. Казани","Маслова","А.","С.","2008-06-16","Ж",7,7,40,null,40,100,"Участник","Галяутдинова Резеда Рафаилевна","Муниципальное бюджетное общеобразовательное учреждение \"Лицей № 110\" г.Казани Республики Татарстан"]
[55,"МБОУ \"Гимназия №96\" Вахитовского района г. Казани","Зиновьева","А.","А.","2008-08-22","Ж",7,7,39,null,39,100,"Участник","Муллахметова Юлия Геннадьевна","Муниципальное бюджетное общеобразовательное учреждение \"Гимназия № 96\" г.Казани Республики Татарстан"]
[56,"Муниципальное бюджетное общеобразовательное учреждение «Лицей №110» Советского района г. Казани","Земскова","А.","А.","2008-01-24","Ж",7,7,39,null,39,100,"Участник","Галяутдинова Резеда Рафаилевна","Муниципальное бюджетное общеобразовательное учреждение \"Лицей № 110\" г.Казани Республики Татарстан"]
[57,"Муниципальное автономное общеобразовательное учреждение «Средняя общеобразовательная школа №18 с углубленным изучением английского языка» Вахитовского района г. Казани","Исмагилов","Р.","Р.","2008-12-24","М",7,7,38,null,38,100,"Участник","Марданшина Елена Михайловна","МОАУ СОШ № 18"]
[58,"МБОУ \"Лицей №78 \"Фарватер\" Приволжского района г. Казани","Залялиева","И.","И.","2008-09-06","Ж",7,7,37,null,37,100,"Участник","Тумакаева Зухра Наилевна","МБОУ \"Лицей №78 \"Фарватер\""]
[59,"Специализированный учебный научный центр – общеобразовательная школа-интернат «IT-лицей» федерального государственного автономного образовательного учреждения высшего образования «Казанский (Приволжский) федеральный университет»","Жаворонкин","М.","Л.","2008-06-18","М",7,7,37,null,37,100,"Участник","Галимзянова Мадина Ахтямовна","ОШИ IТ-лицей ФГАОУ ВО К(П)ФУ"]
[60,"Муниципальное бюджетное общеобразовательное учреждение «Многопрофильная школа №181» Советского района г.Казани","Камалова","С.","Э.","2008-06-24","Ж",7,7,37,null,37,100,"Участник","Кадиров Ринат Монирович","Муниципальное бюджетное общеобразовательное учреждение «Многопрофильная школа №181» г.Казани Республики Татарстан"]
[61,"Муниципальное бюджетное общеобразовательное учреждение \"Гимназия №10\" Авиастроительного района г.Казани","Латыпов","И.","И.","2008-06-08","М",7,7,35,null,35,100,"Участник","Валитова Зульфия Камилевна","МБОУ \"гимназия №10\" Авиастроительного района г. Казани"]
[62,"Муниципальное бюджетное общеобразовательное учреждение \"Лицей № 35 - образовательный центр \"Галактика\" Приволжского района города Казани","Ахметова","Д.","А.","2008-10-05","Ж",7,7,35,null,35,100,"Участник","Гатауллина Диана Владимировна","Муниципальное бюджетное общеобразовательное учреждение \"Лицей №35 - образовательный центр \"Галактика\" Приволжского района города Казани"]
[63,"Муниципальное бюджетное общеобразовательное учреждение «Многопрофильный лицей №186 - «Перспектива» Приволжского района г.Казани","Козулин","С.","Р.","2008-08-19","М",7,7,35,null,35,100,"Участник","Бастракова Ирина Владимировна","Муниципальное бюджетное общеобразовательное учреждение \"Многопрофильный лицей № 186 - \"Перспектива\" Приволжского района г.Казани"]
[64,"Муниципальное бюджетное общеобразовательное учреждение «Гимназия №175» Советского района г. Казани","Шарифуллин","И.","Р.","2007-11-02","М",7,7,34,null,34,100,"Участник","Корнилова Екатерина Дмитриевна","Муниципальное бюджетное общеобразовательное учреждение \"Гимназия №175\" г.Казани Республики Татарстан"]
[65,"Муниципальное бюджетное общеобразовательное учреждение «Гимназия №75» Московского района г.Казани","Бескиеру","Е.","С.","2008-07-30","Ж",7,7,33,null,33,100,"Участник","Артамошина Марина Александровна","Муниципальное бюджетное общеобразовательное учреждение \"Гимназия № 75\" г.Казани Республики Татарстан"]
[66,"МБОУ «Татарско-русская средняя общеобразовательная школа №10 с углубленным изучением отдельных предметов» Приволжского района г. Казани","Гумерова","Э.","Ф.","2008-08-17","Ж",7,7,33,null,33,100,"Участник","Бердникова Лилия Галимджановна","МБОУ \"Школа №10\""]
[67,"Муниципальное бюджетное общеобразовательное учреждение \"Лицей № 35 - образовательный центр \"Галактика\" Приволжского района города Казани","Зверева","Е.","С.","2008-06-15","Ж",7,7,33,null,33,100,"Участник","Гатауллина Диана Владимировна","Муниципальное бюджетное общеобразовательное учреждение \"Лицей №35 - образовательный центр \"Галактика\" Приволжского района города Казани"]
[68,"Муниципальное бюджетное общеобразовательное учреждение \"Средняя общеобразовательная татарско-русская школа №71 с углубленным изучением отдельных предметов\" Ново-Савиновского района города Казани","Агеносов","С.","М.","2008-01-01","М",7,7,32,null,32,100,"Участник","Халикова Гульназ Габбасовна","Муниципальное бюджетное общеобразовательное учреждение \"Средняя общеобразовательная татарско-русская школа №71 с углубленным изучением отдельных предметов\" Ново-Савиновского района города Казани"]
[69,"Муниципальное автономное общеобразовательное учреждение «Лицей №146 \"Ресурс\"» Ново-Савиновского района г. Казани","Салахов","А.","А.","2008-03-02","М",7,7,32,null,32,100,"Участник","Халиуллина Резеда Рашидовна","Муниципальное автономное общеобразовательное учреждение \"Лицей 146\" г.Казани Республики Татарстан"]
[70,"Специализированный учебный научный центр – общеобразовательная школа-интернат «IT-лицей» федерального государственного автономного образовательного учреждения высшего образования «Казанский (Приволжский) федеральный университет»","Русских","И.","С.","2008-09-18","М",7,7,32,null,32,100,"Участник","Галимзянова Мадина Ахтямовна","ОШИ IТ-лицей ФГАОУ ВО К(П)ФУ"]
[71,"Муниципальное бюджетное общеобразовательное учреждение «Гимназия № 183» Советского района г.Казани","Мотигуллина","Л.","А.","2008-01-23","Ж",7,7,32,null,32,100,"Участник","Майоров Дмитрий Николаевич","Муниципальное бюджетное общеобразовательное учреждение \"Школа №1000\" г.Казани Республики Татарстан"]
[72,"Муниципальное бюджетное общеобразовательное учреждение «Гимназия №6» Приволжского района г. Казани","Акзигитов","Б.","А.","2008-02-23","М",7,7,31,null,31,100,"Участник","Загулов Андрей Владимирович","Муниципальное бюджетное общеобразовательное учреждение \"Гимназия № 6\" Приволжского района г.Казани Республики Татарстан"]
[73,"Специализированный учебный научный центр – общеобразовательная школа-интернат «IT-лицей» федерального государственного автономного образовательного учреждения высшего образования «Казанский (Приволжский) федеральный университет»","Спирин","К.","Г.","2008-10-09","М",7,7,31,null,31,100,"Участник","Галимзянова Мадина Ахтямовна","ОШИ IТ-лицей ФГАОУ ВО К(П)ФУ"]
[74,"Муниципальное автономное общеобразовательное учреждение «Средняя общеобразовательная школа №39 с углубленным изучением английского языка» Вахитовского района г. Казани","Свирина","Т.","А.","2008-02-04","Ж",7,7,30,null,30,100,"Участник","Скокова Елена Степановна","Муниципальное автономное общеобразовательное учреждение \"Средняя общеобразовательная школа №39 с углубленным изучением английского языка\" Вахитовского района г.Казани"]
[75,"Муниципальное бюджетное общеобразовательное учреждение «Средняя общеобразовательная школа № 137 с углубленным изучением отдельных предметов» Кировского района г. Казани","Мякишева","Д.","О.","2008-09-04","Ж",7,7,30,null,30,100,"Участник","Клековкина Людмила Анатольевна","Муниципальное бюджетное общеобразовательное учреждение \"Школа №137 с углубленным изучением отдельных предметов\" Каировского района г.Казани Республики Татарстан"]
[76,"Муниципальное автономное общеобразовательное учреждение «Лицей №146 \"Ресурс\"» Ново-Савиновского района г. Казани","Мавлеев","Р.","Р.","2008-08-06","М",7,7,30,null,30,100,"Участник","Халиуллина Резеда Рашидовна","Муниципальное автономное общеобразовательное учреждение \"Лицей 146\" г.Казани Республики Татарстан"]
[77,"МБОУ «Средняя общеобразовательная школа №171 с углубленным изучением отдельных предметов» Советского района г. Казани (Школа - центр компетенции в электронном образовании)","Миннегалиев","К.","Р.","2008-03-07","М",7,7,30,null,30,100,"Участник","Никифоров Сергей Анатольевич","Муниципальное бюджетное общеобразовательное учреждение \"Школа №171\" Советского района г.Казани"]
[78,"Муниципальное бюджетное общеобразовательное учреждение «Гимназия №175» Советского района г. Казани","Салахов","Р.","Р.","2008-12-06","М",7,7,30,null,30,100,"Участник","Корнилова Екатерина Дмитриевна","Муниципальное бюджетное общеобразовательное учреждение \"Гимназия №175\" г.Казани Республики Татарстан"]
[79,"Муниципальное автономное общеобразовательное учреждение \"Лицей №131\" Вахитовского района г. Казани","Аксенкин","А.","Р.","2009-01-21","М",7,7,29,null,29,100,"Участник","Улыбин Григорий Иванович","МАОУ \"Лицей №131\""]
[80,"Муниципальное бюджетное общеобразовательное учреждение «Гимназия №75» Московского района г.Казани","Носов","К.","Д.","2008-09-17","М",7,7,29,null,29,100,"Участник","Артамошина Марина Александровна","Муниципальное бюджетное общеобразовательное учреждение \"Гимназия № 75\" г.Казани Республики Татарстан"]
[81,"Муниципальное бюджетное общеобразовательное учреждение «Средняя общеобразовательная школа №42» Приволжского района г. Казани","Аксенов","Д.","А.","2007-12-03","М",7,7,29,null,29,100,"Участник","Камалутдинов Раиль Ренатович","Муниципальное бюджетное общеобразовательное учреждение \"Школа №42\" г.Казани Республики Татарстан"]
[82,"МБОУ «Лицей №149 с татарским языком обучения» Советского района г. Казани","Сибгатуллин","М.","Р.","2008-05-08","М",7,7,29,null,29,100,"Участник","Тагирова Халида Миннехановна","Муниципальное бюджетное общеобразовательное учреждение \"Лицей № 149 с татарским языком обучения\"\" г.Казани Республики Татарстан"]
[83,"Муниципальное бюджетное общеобразовательное учреждение «Гимназия №175» Советского района г. Казани","Газизов","К.","А.","2008-07-04","М",7,7,29,null,29,100,"Участник","Корнилова Екатерина Дмитриевна","Муниципальное бюджетное общеобразовательное учреждение \"Гимназия №175\" г.Казани Республики Татарстан"]
[84,"МБОУ \"Лицей №78 \"Фарватер\" Приволжского района г. Казани","Саляхутдинов","А.","Р.","2008-03-07","М",7,7,28,null,28,100,"Участник","Тумакаева Зухра Наилевна","МБОУ \"Лицей №78 \"Фарватер\""]
[85,"МБОУ «Средняя общеобразовательная школа №72 с углубленным изучением немецкого языка» Советского района г. Казани","Чучалина","В.","С.","2008-11-07","Ж",7,7,28,null,28,100,"Участник","Миллер Валерия Сергеевна","Муниципальное бюджетное общеобразовательное учреждение \"Школа №72\" г.Казани Республики Татарстан"]
[86,"МБОУ «Средняя общеобразовательная  русско-татарская школа №111» Советского района г. Казани","Галимов","Р.","Р.","2007-11-24","М",7,7,28,null,28,100,"Участник","Шагдалеева А.Ф.","Муниципальное бюджетное общеобразовательное учреждение \"Школа №111\" г.Казани Республики Татарстан"]
[87,"Муниципальное бюджетное общеобразовательное учреждение «Гимназия № 183» Советского района г.Казани","Шариазданова","С.","А.","2008-04-07","Ж",7,7,28,null,28,100,"Участник","Майоров Дмитрий Николаевич","Муниципальное бюджетное общеобразовательное учреждение \"Гимназия 183\" г.Казани Республики Татарстан"]
[88,"Муниципальное бюджетное общеобразовательное учреждение «Лицей №23» Ново-Савиновского района г.Казани","Каримов","Т.","Р.","2008-05-31","М",7,7,27,null,27,100,"Участник","Апаков Рустем Хасанович","Муниципальное бюджетное общеобразовательное учреждение \"Лицей №23\" Ново - Савиновского г.Казани"]
[89,"Муниципальное бюджетное общеобразовательное учреждение \"Гимназия № 179-центр образования\" Ново-Савиновского района г.Казани","Хамидуллин","Э.","Д.","2007-10-17","М",7,7,27,null,27,100,"Участник","Егоров Антон Алексеевич","Гимназия №179 -центр образования"]
[90,"Специализированный учебный научный центр – общеобразовательная школа-интернат «IT-лицей» федерального государственного автономного образовательного учреждения высшего образования «Казанский (Приволжский) федеральный университет»","Юсупов","И.","Д.","2008-09-09","М",7,7,27,null,27,100,"Участник","Галимзянова Мадина Ахтямовна","ОШИ IТ-лицей ФГАОУ ВО К(П)ФУ"]
[91,"Муниципальное автономное общеобразовательное учреждение «Средняя общеобразовательная школа №39 с углубленным изучением английского языка» Вахитовского района г. Казани","Федоров","З.","В.","2008-12-09","М",7,7,26,null,26,100,"Участник","Скокова Елена Степановна","Муниципальное автономное общеобразовательное учреждение \"Средняя общеобразовательная школа №39 с углубленным изучением английского языка\" Вахитовского района г.Казани"]
[92,"Муниципальное бюджетное общеобразовательное учреждение «Гимназия №94» Московского района г. Казани","Рябова","К.","С.","2009-01-21","Ж",6,7,26,null,26,100,"Участник","Хлопочкина Кристина Васильевна","Муниципальное бюджетное общеобразовательное учреждение \"Гимназия №94\" г.Казани Республики Татарстан"]
[93,"МБОУ \"Лицей №78 \"Фарватер\" Приволжского района г. Казани","Хасанов","К.","Р.","2008-10-08","М",7,7,26,null,26,100,"Участник","Тумакаева Зухра Наилевна","МБОУ \"Лицей №78 \"Фарватер\""]
[94,"Муниципальное бюджетное общеобразовательное учреждение «Многопрофильный лицей №186 - «Перспектива» Приволжского района г.Казани","Какабадзе","Н.","М.","2008-08-04","М",7,7,26,null,26,100,"Участник","Бастракова Ирина Владимировна","Муниципальное бюджетное общеобразовательное учреждение \"Многопрофильный лицей № 186 - \"Перспектива\" Приволжского района г.Казани"]
[95,"Специализированный учебный научный центр – общеобразовательная школа-интернат «IT-лицей» федерального государственного автономного образовательного учреждения высшего образования «Казанский (Приволжский) федеральный университет»","Гвоздикова","В.","А.","2008-10-31","Ж",7,7,26,null,26,100,"Участник","Галимзянова Мадина Ахтямовна","ОШИ IТ-лицей ФГАОУ ВО К(П)ФУ"]
[96,"Муниципальное бюджетное общеобразовательное учреждение  «Гимназия №27 с татарским языком обучения» Вахитовского района г. Казани","Шагавиев","Х.","Д.","2007-10-23","М",7,7,25,null,25,100,"Участник","Надиманова Зульфия Мансуровна","Муниципальное бюджетное общеобразовательное учреждение \"Гимназия №27\" г.Казани Республики Татарстан"]
[97,"Муниципальное автономное общеобразовательное учреждение «Средняя общеобразовательная школа №39 с углубленным изучением английского языка» Вахитовского района г. Казани","Беолва","М.","С.","2008-11-17","Ж",7,7,25,null,25,100,"Участник","Скокова Елена Степановна","Муниципальное автономное общеобразовательное учреждение \"Средняя общеобразовательная школа №39 с углубленным изучением английского языка\" Вахитовского района г.Казани"]
[98,"МБОУ \"Гимназия №96\" Вахитовского района г. Казани","Шайдуллин","А.","И.","2008-02-15","М",7,7,25,null,25,100,"Участник","Семенова Вероника Васильевна","Муниципальное бюджетное общеобразовательное учреждение \"Гимназия № 96\" г.Казани Республики Татарстан"]
[99,"Муниципальное бюджетное общеобразовательное учреждение \"Средняя общеобразовательная школа № 173\" г. Казани","Исхаков","М.","О.","2008-04-09","М",7,7,25,null,25,100,"Участник","Хафизова Альбина Ильдусовна","МБОУ \"Школа 173\""]
[100,"МБОУ «Лицей №149 с татарским языком обучения» Советского района г. Казани","Таллин","Т.","С.","2008-07-04","М",7,7,25,null,25,100,"Участник","Тагирова Халида Миннехановна","Муниципальное бюджетное общеобразовательное учреждение \"Лицей № 149 с татарским языком обучения\"\" г.Казани Республики Татарстан"]
[101,"МБОУ «Средняя общеобразовательная школа №171 с углубленным изучением отдельных предметов» Советского района г. Казани (Школа - центр компетенции в электронном образовании)","Фаттахова","А.","Р.","2008-09-23","Ж",7,7,25,null,25,100,"Участник","Никифоров Сергей Анатольевич","Муниципальное бюджетное общеобразовательное учреждение \"Школа №171\" Советского района г.Казани"]
[102,"Муниципальное автономное общеобразовательное учреждение «Многопрофильный лицей №11» Советского района г.Казани","Калимуллин","Б.","Т.","2008-08-20","М",7,7,25,null,25,100,"Участник","Першагин Алексей Эдуардович","Муниципальное автономное общеобразовательное учреждение «Многопрофильный лицей №11» г. Казани Республика Татарстан"]
[103,"государственное автономное общеобразовательное учреждение \"Полилингвальный комплекс \"Адымнар - путь к знаниям и согласию\" г.Казани","Волков","Ф.","А.","2008-03-06","М",7,7,24,null,24,100,"Участник","Семененко Оксана Владимировна","Государственное автономное общеобразовательное учреждение \"Адымнар-путь к знаниям и согласию\" г.Казани Республики Татарстан"]
[104,"Муниципальное бюджетное общеобразовательное учреждение «Гимназия №8- Центр образования» Советского района г. Казани","Миндубаев","Э.","Р.","2008-02-28","М",7,7,24,null,24,100,"Участник","Хамидова Альфия Альфатовна","Муниципальное бюджетное общеобразовательное учреждение \"Гимназия №8-Центр Образования\" г.Казани Республики Татарстан"]
[105,"МАОУ \"Лицей №121 имени Героя Советского Союза С. А. Ахтямова\" Советского района г.Казани","Иманаева","В.","Д.","2008-08-13","Ж",7,7,24,null,24,100,"Участник","Фомина Светлана Александровна","Муниципальное автономное общеобразовательное учреждение \"Лицей №121\" г.Казани Республики Татарстан"]
[106,"МБОУ \"Лицей №83-Центр образования\"","Мамедов ","Д. ","О.","2008-07-14","М",7,7,23,null,23,100,"Участник","Ануфриева Лариса Анатольевна","МБОУ \"Лицей №83-Центр образования\""]
[107,"Муниципальное бюджетное общеобразовательное учреждение «Средняя общеобразовательная школа № 137 с углубленным изучением отдельных предметов» Кировского района г. Казани","Соколова","М.","А.","2008-08-07","Ж",7,7,22,null,22,100,"Участник","Клековкина Людмила Анатольевна","Муниципальное бюджетное общеобразовательное учреждение \"Школа №137 с углубленным изучением отдельных предметов\" Каировского района г.Казани Республики Татарстан"]
[108,"Муниципальное Бюджетное Общеобразовательное Учреждение \"Средняя общеобразовательная школа №153\" Кировского района г. Казани","Васильева","А.","Р.","2008-09-17","Ж",7,7,22,null,22,100,"Участник","Гаранина Елена Владимировна","Муниципальное бюджетное общеобразовательное учреждение \"СОШ №153\" Кировского района г.Казани Республики Татарстан"]
[109,"Муниципальное бюджетное общеобразовательное учреждение \"Лицей № 35 - образовательный центр \"Галактика\" Приволжского района города Казани","Минеева","А.","А.","2008-09-10","Ж",7,7,22,null,22,100,"Участник","Гатауллина Диана Владимировна","Муниципальное бюджетное общеобразовательное учреждение \"Лицей №35 - образовательный центр \"Галактика\" Приволжского района города Казани"]
[110,"Муниципальное бюджетное общеобразовательное учреждение «Татарская гимназия №2 имени Шигабутдина Марджани при Казанском Федеральном Университете» Московского района г.Казани","Абдракипова","З.","И.","2008-04-16","Ж",7,7,21,null,21,100,"Участник","Шакирова Рузиля Раисовна","МБОУ \"Татарская гимназия № 2\""]
[111,"Муниципальное бюджетное общеобразовательное учреждение «Средняя общеобразовательная школа №38» Ново-Савиновского района г.Казани","Богатова","Д.","А.","2008-05-11","Ж",7,7,21,null,21,100,"Участник","Селецкая Ирина Алексеевна","Муниципальное бюджетное общеобразовательное учреждение \"Школа №38\" г.Казани Республики Татарстан"]
[112,"Муниципальное бюджетное общеобразовательное учреждение «Гимназия №21» Приволжского района г. Казани","Ивлев","М.","А.","2008-03-25","М",7,7,21,null,21,100,"Участник","Филюнин Владимир Александрович","МБОУ \" Гимназия № 21\" Приволжского района г Казани"]
[113,"Специализированный учебный научный центр – общеобразовательная школа-интернат «IT-лицей» федерального государственного автономного образовательного учреждения высшего образования «Казанский (Приволжский) федеральный университет»","Хазеев","А.","Р.","2008-04-03","М",7,7,21,null,21,100,"Участник","Галимзянова Мадина Ахтямовна","ОШИ IТ-лицей ФГАОУ ВО К(П)ФУ"]
[114,"Муниципальное бюджетное общеобразовательное учреждение «Многопрофильная школа №181» Советского района г.Казани","Курганова","Э.","Р.","2008-03-19","Ж",7,7,21,null,21,100,"Участник","Кадиров Ринат Монирович","Муниципальное бюджетное общеобразовательное учреждение «Многопрофильная школа №181» г.Казани Республики Татарстан"]
[115,"Муниципальное автономное общеобразовательное учреждение «Многопрофильный лицей №11» Советского района г.Казани","Туманина","О.","В.","2008-11-20","Ж",7,7,21,null,21,100,"Участник","Першагин Алексей Эдуардович","Муниципальное автономное общеобразовательное учреждение «Многопрофильный лицей №11» г. Казани Республика Татарстан"]
[116,"ГАОУ \"Полилингвальный комплекс \"Адымнар-Казань\"","Замалиев","Ч.","А.","2008-03-27","М",7,7,20,null,20,100,"Участник","Фархутдинова Ания Раисовна","Государственное автономное общеобразовательное учреждение \"Полилингвальный комплекс \"Адымнар - путь к знаниям и согласию\" г.Казан"]
[117,"Муниципальное бюджетное общеобразовательное учреждение «Средняя общеобразовательная школа №42» Приволжского района г. Казани","Карабаева","А.","М.","2008-03-14","Ж",7,7,20,null,20,100,"Участник","Камалутдинов Раиль Ренатович","Муниципальное бюджетное общеобразовательное учреждение \"Школа №42\" г.Казани Республики Татарстан"]
[118,"МБОУ «Русско-татарская средняя общеобразовательная школа №129» Приволжского района г. Казани","Маслеников","Н.","А.","2008-01-14","М",7,7,20,null,20,100,"Участник","Кунакбаева Альбина Фанисовна","Муниципальное бюджетное общеобразовательное учреждение \"Русско-татарская школа №129\"Приволжского района города Казани"]
[119,"МАОУ \"Лицей №121 имени Героя Советского Союза С. А. Ахтямова\" Советского района г.Казани","Пронина","А.","А.","2008-01-06","Ж",7,7,20,null,20,100,"Участник","Хабибуллина Ильсеяр Ильдусовна","Муниципальное автономное общеобразовательное учреждение \"Лицей №121\" г.Казани Республики Татарстан"]
[120,"Муниципальное бюджетное общеобразовательное учреждение \"Средняя общеобразовательная школа  с углубленным изучением отдельных предметов №62\" Авиастроительного района г.Казани","Максимова","А.","О.","2007-10-09","Ж",7,7,19,null,19,100,"Участник","Шагеева Резида Фахрлисламовна","Муниципальное бюджетное общеобразовательное учреждение \"Школа № 62\" Авиастроительного района г.Казани Республики Татарстан"]
[121,"Муниципальное автономное общеобразовательное учреждение «Гимназия-интернат №4» Кировского района г.Казани","Гайфуллина","Р.","И.","2008-09-11","Ж",7,7,19,null,19,100,"Участник","Газизуллина Алина Ильнуровна","МАОУ \"Гимназия-интернат №4\" г.Казани"]
[122,"Муниципальное бюджетное общеобразовательное учреждение «Средняя общеобразовательная школа №156» Советского района г. Казани","Каюмова","А.","И.","2009-03-12","Ж",7,7,19,null,19,100,"Участник","Малафеева Татьяна Александровна","Муниципальное бюджетное общеобразовательное учреждение \"Школа №156\" Советского района г.Казани Республики Татарстан"]
[123,"Муниципальное бюджетное общеобразовательное учреждение «Средняя общеобразовательная школа №43» Ново-Савиновского района г. Казани","Яшина","Я.","Р.","2008-02-08","Ж",7,7,18,null,18,100,"Участник","Шаряфетдинова Гюльнара Ингильевна","Муниципальное бюджетное общеобразовательное учреждение \"Школа №43\" г.Казани Республики Татарстан"]
[124,"Муниципальное бюджетное общеобразовательное учреждение «Гимназия №18 с татарским языком обучения» Приволжского района г. Казани","Закирова","Р.","М.","2008-06-07","Ж",7,7,18,null,18,100,"Участник","Тахавиева Наиля Зиннуровна","Муниципальное бюджетное общеобразовательное учреждение \"Гимназия №18 с татарским языком обучения\" Приволжского р-на г.Казани РТ"]
[125,"МБОУ «Гимназия № 174» Советского района г. Казани","Орлов","А.","В.","2008-11-20","М",7,7,18,null,18,100,"Участник","Борисова Ксения Борисовна","Муниципальное бюджетное общеобразовательное учреждение \"Гимназия №174\" г.Казани Республики Татарстан"]
[126,"Муниципальное автономное общеобразовательное учреждение «Средняя общеобразовательная школа №39 с углубленным изучением английского языка» Вахитовского района г. Казани","Рыбушкин","И.","А.","2008-07-03","М",7,7,16,null,16,100,"Участник","Скокова Елена Степановна","Муниципальное автономное общеобразовательное учреждение \"Средняя общеобразовательная школа №39 с углубленным изучением английского языка\" Вахитовского района г.Казани"]
[127,"Муниципальное бюджетное общеобразовательное учреждение «Татарская гимназия №17 имени Г. Ибрагимова» Московского района г. Казани","Назипов","М.","Р.","2008-10-17","М",7,7,16,null,16,100,"Участник","Галиева Рита Рашидовна","Муниципальное бюджетное общеобразовательное учреждение «Татарская гимназия №17 имени Г. Ибрагимова» Московского района г. Казани"]
[128,"Муниципальное бюджетное общеобразовательное учреждение «Гимназия №20 \"Гармония\"» Московского района г. Казани","Шайхутдинов","М.","Р.","2008-07-24","М",7,7,16,null,16,100,"Участник","Шкарина Л. В.","МБОУ \"Гимназия №20 \"Гармония\"\" Московского района г.Казани"]
[129,"Муниципальное бюджетное общеобразовательное учреждение «Гимназия №7 имени Героя России А.В.Козина» Ново-Савиновского района г.Казани. Школа-центр компетенции в электронном образовании","Вагин","М.","В.","2008-04-14","М",7,7,16,null,16,100,"Участник","Мелехова Гульнара Ильдусовна","Муниципальное бюджетное общеобразовательное учреждение \"Гимнзия N7\" г.Казани Республики Татарстан"]
[130,"Муниципальное бюджетное общеобразовательное учреждение «Гимназия №6» Приволжского района г. Казани","Якупова","А.","И.","2008-01-20","Ж",7,7,16,null,16,100,"Участник","Зелепуина Людмина Георгиевна","Муниципальное бюджетное общеобразовательное учреждение \"Гимназия № 6\" Приволжского района г.Казани Республики Татарстан"]
[131,"МБОУ \"Лицей №83-Центр образования\"","Гарипов","Б.","А.","2008-02-24","М",7,7,16,null,16,100,"Участник","Ануфриева Лариса Анатольевна","МБОУ \"Лицей №83-Центр образования\""]
[132,"Муниципальное бюджетное общеобразовательное учреждение «Средняя общеобразовательная русско-татарская школа №161» Советского района г. Казани","Нижник","Е.","П.","2007-12-28","Ж",7,7,16,null,16,100,"Участник","Виноградова Лилия Салахетдиновна","Муниципальное бюджетное общеобразовательное учреждение \"Школа №161\" г.Казани Республики Татарстан"]
[133,"Муниципальное бюджетное общеобразовательное учреждение «Многопрофильная школа №181» Советского района г.Казани","Мингараева","Р.","И.","2008-07-22","Ж",7,7,15,null,15,100,"Участник","Кадиров Ринат Монирович","Муниципальное бюджетное общеобразовательное учреждение «Многопрофильная школа №181» г.Казани Республики Татарстан"]
[134,"Муниципальное бюджетное общеобразовательное учреждение «Средняя общеобразовательная русско-татарская школа №161» Советского района г. Казани","Галимова","З.","Л.","2008-10-02","Ж",7,7,14,null,14,100,"Участник","Виноградова Лилия Салахетдиновна","Муниципальное бюджетное общеобразовательное учреждение \"Школа №161\" г.Казани Республики Татарстан"]
[135,"Муниципальное бюджетное общеобразовательное учреждение «Гимназия №175» Советского района г. Казани","Афанасьев","Р.","М.","2008-09-17","М",7,7,14,null,14,100,"Участник","Корнилова Екатерина Дмитриевна","Муниципальное бюджетное общеобразовательное учреждение \"Гимназия №175\" г.Казани Республики Татарстан"]
[136,"Муниципальное бюджетное общеобразовательное учреждение «Средняя общеобразовательная русско-татарская школа №13» Вахитовского района г. Казани","Королев ","А.","Д.","2008-05-31","М",7,7,13,null,13,100,"Участник","Григорьева Ангелина Борисовна","Муниципальное бюджетное общеобразовательное учреждение «Школа №13» г. Казани Республики Татарстан"]
[137,"Муниципальное бюджетное общеобразовательное учреждение «Гимназия №20 \"Гармония\"» Московского района г. Казани","Асханов","К.","И.","2008-10-01","М",7,7,13,null,13,100,"Участник","Шкарина Л. В.","МБОУ \"Гимназия №20 \"Гармония\"\" Московского района г.Казани"]
[138,"Муниципальное бюджетное общеобразовательное учреждение «Средняя общеобразовательная школа №64» Московского района г. Казани","Абульханова","В.","Р.","2008-03-05","Ж",7,7,13,null,13,100,"Участник","Галиева Мадина Анваровна","Муниципальное бюджетное общеобразовательное учреждение \"Школа №64\" Московского района г.Казани"]
[139,"МБОУ \"Лицей №83-Центр образования\"","Гудков","Н.","Д.","2008-02-13","М",7,7,13,null,13,100,"Участник","Ануфриева Лариса Анатольевна","МБОУ \"Лицей №83-Центр образования\""]
[140,"Муниципальное бюджетное общеобразовательное учреждение «Гимназия № 90» Советского района г. Казани","Исмагилова","Р.","Р.","2008-06-29","Ж",7,7,13,null,13,100,"Участник","Володин Александр Геннадьевич","Муниципальное бюджетное общеобразовательное учреждение «Гимназия №90» Советского района г. Казани"]
[141,"Муниципальное бюджетное общеобразовательное учреждение «Многопрофильная школа №181» Советского района г.Казани","Бикова","М.","Л.","2009-02-08","Ж",7,7,13,null,13,100,"Участник","Кадиров Ринат Монирович","Муниципальное бюджетное общеобразовательное учреждение «Многопрофильная школа №181» г.Казани Республики Татарстан"]
[142,"Муниципальное автономное общеобразовательное учреждение «Гимназия №139 - Центр образования» Приволжского района г. Казани","Власов","М.","Ф.","2008-11-21","М",7,7,12,null,12,100,"Участник","Блохина Лилия Надировна","Муниципальное автономное общеобразовательное учреждение \"Гимназия №139-Центр образования\" Приволжского района г.Казани"]
[143,"Муниципальное Бюджетное Общеобразовательное Учреждение \"Средняя общеобразовательная школа №151 с углубленным изучением отдельных предметов\" Кировского района г.Казани","Тукмакова","А.","Ю.","2007-07-16","Ж",7,7,11,null,11,100,"Участник","Тимофеева Наталья Владимировна","Муниципальное бюджетное общеобразовательное учреждение «Средняя общеобразовательная школа №151 с углубленным изучением отдельных предметов» Кировского района города Казани"]
[144,"МБОУ «Русско-татарская средняя общеобразовательная школа №129» Приволжского района г. Казани","Хузин","К.","В.","2008-11-03","М",7,7,11,null,11,100,"Участник","Кунакбаева Альбина Фанисовна","Муниципальное бюджетное общеобразовательное учреждение \"Русско-татарская школа №129\"Приволжского района города Казани"]
[145,"Муниципальное Бюджетное Общеобразовательное Учреждение \"Средняя общеобразовательная школа №151 с углубленным изучением отдельных предметов\" Кировского района г.Казани","Хафизова","А.","Р.","2008-08-15","Ж",7,7,9,null,9,100,"Участник","Тимофеева Наталья Владимировна","Муниципальное бюджетное общеобразовательное учреждение «Средняя общеобразовательная школа №151 с углубленным изучением отдельных предметов» Кировского района города Казани"]
[146,"Муниципальное бюджетное общеобразовательное учреждение «Татаро-английская гимназия №16» Приволжского района г. Казани","Ложеницына","С.","М.","2008-09-16","Ж",7,7,9,null,9,100,"Участник","Павлюхина Мария Ивановна","Муниципальное бюджетное общеобразовательное учреждение \"Гимназия №16 г.Казани Республики Татарстан"]
[147,"МБОУ \"Лицей №78 \"Фарватер\" Приволжского района г. Казани","Шакиров","Э.","И.","2008-09-01","М",7,7,9,null,9,100,"Участник","Тумакаева Зухра Наилевна","МБОУ \"Лицей №78 \"Фарватер\""]
[148,"МБОУ \"Лицей №83-Центр образования\"","Зиганшина","А.","Р.","2009-02-28","Ж",7,7,9,null,9,100,"Участник","Ануфриева Лариса Анатольевна","МБОУ \"Лицей №83-Центр образования\""]
[149,"Муниципальное бюджетное общеобразовательное учреждение «Средняя общеобразовательная школа №156» Советского района г. Казани","Курамшина","С.","З.","2008-10-01","Ж",7,7,9,null,9,100,"Участник","Малафеева Татьяна Александровна","Муниципальное бюджетное общеобразовательное учреждение \"Школа №156\" Советского района г.Казани Республики Татарстан"]
[150,"Муниципальное бюджетное общеобразовательное учреждение «Средняя общеобразовательная русско-татарская школа №13» Вахитовского района г. Казани","Низамов ","Т.","А.","2008-08-24","М",7,7,8,null,8,100,"Участник","Григорьева Ангелина Борисовна","Муниципальное бюджетное общеобразовательное учреждение «Школа №13» г. Казани Республики Татарстан"]
[151,"МБОУ \"Средняя русско-татарская общеобразовательная школа №57\" Кировского района г.Казани","Гилазов ","И.","И.","2008-07-30","М",7,7,8,null,8,100,"Участник","Газизов Альберт Фаилович","МБОУ «Школа № 57»"]
[152,"МБОУ \"Средняя русско-татарская общеобразовательная школа №57\" Кировского района г.Казани","Сагитов","И.","Л.","2008-04-17","М",7,7,8,null,8,100,"Участник","Газизов Альберт Фаилович","МБОУ «Школа № 57»"]
[153,"Муниципальное бюджетное общеобразовательное учреждение \"Средняя общеобразовательная школа № 173\" г. Казани","Каюмова","С.","Р.","2007-11-27","Ж",7,7,8,null,8,100,"Участник","Хафизова Альбина Ильдусовна","МБОУ \"Школа 173\""]
[154,"государственное автономное общеобразовательное учреждение \"Полилингвальный комплекс \"Адымнар - путь к знаниям и согласию\" г.Казани","Алексеева","А.","А.","2008-10-19","Ж",7,7,7,null,7,100,"Участник","Семененко Оксана Владимировна","Государственное автономное общеобразовательное учреждение \"Адымнар-путь к знаниям и согласию\" г.Казани Республики Татарстан"]
[155,"МБОУ «Русско-татарская средняя общеобразовательная школа №129» Приволжского района г. Казани","Микалев","Б.","А.","2008-11-11","М",7,7,7,null,7,100,"Участник","Кунакбаева Альбина Фанисовна","Муниципальное бюджетное общеобразовательное учреждение \"Русско-татарская школа №129\"Приволжского района города Казани"]
[156,"Муниципальное бюджетное общеобразовательное учреждение «Средняя общеобразовательная школа №156» Советского района г. Казани","Гатина","А.","Н.","2008-08-22","Ж",7,7,7,null,7,100,"Участник","Малафеева Татьяна Александровна","Муниципальное бюджетное общеобразовательное учреждение \"Школа №156\" Советского района г.Казани Республики Татарстан"]
[157,"Муниципальное бюджетное общеобразовательное учреждение «Гимназия №21» Приволжского района г. Казани","Макарова","А.","А.","2007-11-14","Ж",7,7,6,null,6,100,"Участник","Филюнин Владимир Александрович","МБОУ \" Гимназия № 21\" Приволжского района гКазани"]
[158,"МБОУ «Средняя общеобразовательная школа №171 с углубленным изучением отдельных предметов» Советского района г. Казани (Школа - центр компетенции в электронном образовании)","Халилова","Л.","Р.","2008-10-10","Ж",7,7,5,null,5,100,"Участник","Никифоров Сергей Анатольевич","Муниципальное бюджетное общеобразовательное учреждение \"Школа №171\" Советского района г.Казани"]
[159,"Муниципальное бюджетное общеобразовательное учреждение «Лицей №23» Ново-Савиновского района г.Казани","Солдатов","Е.","С.","2008-07-24","М",7,7,3,null,3,100,"Участник","Апаков Рустем Хасанович","Муниципальное бюджетное общеобразовательное учреждение \"Лицей №23\" Ново - Савиновского г.Казани"]
[160,"Муниципальное бюджетное общеобразовательное учреждение «Гимназия №7 имени Героя России А.В.Козина» Ново-Савиновского района г.Казани. Школа-центр компетенции в электронном образовании","Шакиров","А.","И.","2007-07-15","М",8,8,73,3,76,100,"Победитель","Коломина Фирдания Шарифовна","Муниципальное бюджетное общеобразовательное учреждение \"Гимнзия N7\" г.Казани Республики Татарстан"]
[161,"Муниципальное автономное общеобразовательное учреждение \"Лицей №131\" Вахитовского района г. Казани","Разин","Д.","А.","2007-07-12","М",8,8,57,14,71,100,"Призер","Вахтурова Елена Витальевна","МАОУ \"Лицей №131\""]
[162,"Муниципальное автономное общеобразовательное учреждение «Гимназия №19» Приволжского района г. Казани","Королева","К.","М.","2006-12-16","Ж",8,8,69,null,69,100,"Призер","Лобанов Евгений Михайлович","Муниципальное автономное образовательное учреждение \"Гимназия№19\""]
[163,"ФГКОУ «Казанское суворовское военное училище »","Нерсесян","М.","А.","2008-01-08","М",8,8,64,null,64,100,"Призер","Казаков Андрей Владимирович","ФГКОУ «Казанское суворовское военное училище »"]
[164,"Муниципальное бюджетное общеобразовательное учреждение «Лицей №83 - Центр образования» Приволжского района г. Казани","Исмагилов","И.","Ш.","2007-09-06","М",8,8,59,4,63,100,"Призер","Бегунова Мария Александровна","Муниципальное бюджетное общеобразовательное учреждение «Лицей №83 - Центр образования» Приволжского района г. Казани"]
[165,"Муниципальное бюджетное общеобразовательное учреждение \"Лицей №5\" Вахитовского района г. Казани","Шамсутдинова","Я.","Ш.","2007-09-19","Ж",8,8,60,null,60,100,"Призер","Ахметзянов Ильфар Зуфарович","Муниципальное бюджетное общеобразовательное учреждение \"Лицей №5\" г.Казани Республики Татарстан"]
[166,"Муниципальное автономное общеобразовательное учреждение «Гимназия №37» Авиастроительного района г. Казани","Муртазина","А.","Л.","2007-12-07","Ж",8,8,59,null,59,100,"Призер","Атлашкина Эльза Альбертовна","Муниципальное автономное общеобразовательное учреждение \"Гимназия №37\" г. Казани Республики Татарстан"]
[167,"Муниципальное бюджетное общеобразовательное учреждение  «Гимназия №14» Авиастроительного района г. Казани","Павлова","М.","В.","2007-06-15","Ж",8,8,58,null,58,100,"Призер","Загуменнова Ольга Александровна","Муниципальное бюджетное общеобразовательное учреждение \"Гимназия №14\" г.Казани Республики Татарстан"]
[168,"Муниципальное бюджетное общеобразовательное учреждение \"Гимназия №3 с татарским языком обучения\"","Габдуллин","Н.","Р.","2007-08-29","М",8,8,58,null,58,100,"Призер","Сагеев Марат Ильдарович","Муниципальное бюджетное общеобразовательное учреждение \"Гимназия №3 с татарским языком обучения\" г.Казани Республики Татарстан"]
[169,"Муниципальное бюджетное  общеобразовательное учреждение \"Гимназия №20 имени Абдуллы Алиша\" Советского района г.Казани","Шарипов","Р.","Р.","2006-11-06","М",8,8,57,null,57,100,"Призер","Садыкова Азалина Азатовна","Муниципальное бюджетное общеобразовательное учреждение \"Гимназия №20 имени Абдуллы Алиша\" г.Казани Республики Татарстан"]
[170,"Частное общеобразовательное учреждение средняя общеобразовательная школа «Елена-Сервис»","Волостнова","Н.","Д.","2007-03-27","Ж",8,8,56,null,56,100,"Призер","Якимова Ирина Владимировна","ЧОУ СОШ \"Елена-Сервис\""]
[171,"МБОУ «Средняя общеобразовательная школа № 9 с углубленным изучением английского языка» Ново-Савиновского района г.Казани","Сорокина","М.","А.","2007-05-10","Ж",8,8,56,null,56,100,"Призер","Черкес Сергей Вячеславович","МБОУ \"Школа №9\" Ново-Савиновского района г.Казани"]
[172,"Муниципальное бюджетное общеобразовательное учреждение \"Политехнический лицей №182\" Кировского района г.Казани","Ахметова","А.","Л.","2007-12-24","Ж",8,8,55,null,55,100,"Призер","Кручинина Злата Романовна","Муниципальное бюджетное общеобразовательное учреждение \"Политехнический лицей №182\" Кировского района г.Казани"]
[173,"Муниципальное бюджетное общеобразовательное учреждение «Средняя общеобразовательная школа №91» Ново-Савиновского района г. Казани","Гарипов","Н.","А.","30.07.2007","М",8,8,55,null,55,100,"Призер","Бурганова ТатьянаНаилевна","Муниципальное бюджетное общеобразовательное учреждение \"Средняя общеобразовательная школа №91\" Ново-Савиновского района г. Казани\""]
[174,"Муниципальное автономное общеобразовательное учреждение «Средняя общеобразовательная школа №39 с углубленным изучением английского языка» Вахитовского района г. Казани","Гайнутдинов","Р.","И.","2007-07-26","М",8,8,54,null,54,100,"Призер","Скокова Елена Степановна","Муниципальное автономное общеобразовательное учреждение \"Средняя общеобразовательная школа №39 с углубленным изучением английского языка\" Вахитовского района г.Казани"]
[175,"Муниципальное бюджетное общеобразовательное учреждение «Лицей №23» Ново-Савиновского района г.Казани","Гиззатуллина","А.","А.","2008-01-10","Ж",8,8,54,null,54,100,"Призер","Мустафина Айгуль Фагимовна","Муниципальное бюджетное общеобразовательное учреждение \"Лицей №23\" Ново - Савиновского г.Казани"]
[176,"Муниципальное автономное общеобразовательное учреждение «Гимназия №19» Приволжского района г. Казани","Саттарова","К.","В.","2007-12-05","Ж",8,8,54,null,54,100,"Призер","Лобанов Евгений Михайлович","Муниципальное автономное образовательное учреждение \"Гимназия№19\""]
[177,"МБОУ «Средняя общеобразовательная школа №143 с углубленным изучением отдельных предметов» Ново-Савиновского района г. Казани","Хоанг","Х.","Ч.","18.04.2007","Ж",8,8,54,null,54,100,"Призер","Мухамматгалиев АлмазМарсович","Муниципальное бюджетное общеобразовательное учреждение \"Средняя общеобразовательная школа №143 с углубленным изучением отдельных предметов\" Ново-Савиновского района г.Казани\""]
[178,"Муниципальное автономное общеобразовательное учреждение \"Лицей №131\" Вахитовского района г. Казани","Осипов","И.","А.","2007-07-25","М",8,8,53,null,53,100,"Призер","Вахтурова Елена Витальевна","МАОУ \"Лицей №131\""]
[179,"ФГКОУ «Казанское суворовское военное училище »","Завгородний","В.","И.","2007-11-05","М",8,8,53,null,53,100,"Призер","Казаков Андрей Владимирович","ФГКОУ «Казанское суворовское военное училище »"]
[180,"Муниципальное бюджетное общеобразовательное учреждение «Средняя общеобразовательная школа №167 с углубленным изучением отдельных предметов» Советского района г. Казани","Камалеев","Б.","Р.","2006-11-03","М",8,8,53,null,53,100,"Призер","Макарова Светлана Анатольевна","Муниципальное бюджетное общеобразовательное учреждение «Средняя общеобразовательная школа № 167 с углубленным изучением отдельных предметов» Советского района г. Казани"]
[181,"Муниципальное бюджетное общеобразовательное учреждение «Лицей №23» Ново-Савиновского района г.Казани","Хубатхузина","К.","А.","2007-06-18","Ж",8,8,52,null,52,100,"Призер","Мустафина Айгуль Фагимовна","Муниципальное бюджетное общеобразовательное учреждение \"Лицей №23\" Ново - Савиновского г.Казани"]
[185,"Муниципальное бюджетное общеобразовательное учреждение \"Гимназия № 179-центр образования\" Ново-Савиновского района г.Казани","Горюнов","Е.","А.","2007-01-14","М",8,8,49,3,52,100,"Призер","Пекменова Алла Владимировна","Гимназия №179 -центр образования"]
[182,"Общеобразовательная школа-интернат «Лицей имени Н.И. Лобачевского» федерального государственного автономного образовательного учреждения высшего образования \"Казанский (Приволжский) федеральный университет\"","Северьянова","Р.","О.","2008-03-04","Ж",8,8,51,null,51,100,"Призер","Яковлев Александр Евгеньевич","ОШИ \"Лицей имени Н.И. Лобачевского\" КФУ"]
[183,"МБОУ \"Гимназия №96\" Вахитовского района г. Казани","Колегов","Н.","С.","11.10.2006","М",8,8,50,null,50,100,"Призер","Муллахметова ЮлияГеннадьевна","Муниципальное бюджетное общеобразовательное учреждение \"Гимназия №96\""]
[184,"Муниципальное Бюджетное Общеобразовательное Учреждение \"Средняя общеобразовательная школа №151 с углубленным изучением отдельных предметов\" Кировского района г.Казани","Сидорова","Н.","И.","2007-07-20","Ж",8,8,49,null,49,100,"Участник","Маркина Анна Александровна","Муниципальное бюджетное общеобразовательное учреждение «Средняя общеобразовательная школа №151 с углубленным изучением отдельных предметов» Кировского района города Казани"]
[186,"Муниципальное бюджетное общеобразовательное учреждение «Основная общеобразовательная русско- татарская школа №115» Авиастроительного района г. Казани","Куликова ","А. ","С.","2006-11-22","Ж",8,8,46,null,46,100,"Участник","Сергеева Инна Александровна  ","МБОУ «Школа №115»"]
[187,"Муниципальное бюджетное общеобразовательное учреждение «Средняя общеобразовательная школа №12» Вахитовского района г. Казани","Курносов","Р.","Д.","2007-05-27","М",8,8,46,null,46,100,"Участник","Клековкина НВ","МБОУ \"Школа № 12\" Вахитовского района г. Казани"]
[188,"Муниципальное бюджетное общеобразовательное учреждение «Многопрофильная гимназия №189 “Заман”» Кировского района г. Казани","Идрисова","М.","Р.","2007-02-07","Ж",8,8,46,null,46,100,"Участник","Гимадеев Ильфат Халялетдинович","МБОУ Многопрофильная гимназия №189 \"Заман\""]
[189,"ГАОУ \"Полилингвальный комплекс \"Адымнар-Казань\"","Сунгатуллина","Р.","А.","2007-06-11","Ж",8,8,46,null,46,100,"Участник","Шамсутдинов Динар Загитович","Государственное автономное общеобразовательное учреждение \"Полилингвальный комплекс \"Адымнар - путь к знаниям и согласию\" г.Казан"]
[190,"Муниципальное бюджетное общеобразовательное учреждение «Гимназия № 90» Советского района г. Казани","Солдатов","Р.","А.","2007-09-20","М",8,8,46,null,46,100,"Участник","Михайлова Тамара Борисовна","Муниципальное бюджетное общеобразовательное учреждение «Гимназия №90» Советского района г. Казани"]
[191,"Муниципальное бюджетное общеобразовательное учреждение «Гимназия №155 с татарским языком обучения» Ново-Савиновского района г. Казани","Ибрагимова","М.","Р.","23.06.2007","Ж",8,8,46,null,46,100,"Участник","Нигматуллина НурияФаруковна","Муниципальное бюджетное общеобразовательное учреждение \"Гимназия №155 с татарским языком обучения\" Ново-Савиновского района г. Казани\""]
[192,"государственное автономное общеобразовательное учреждение \"Полилингвальный комплекс \"Адымнар - путь к знаниям и согласию\" г.Казани","Гараев","Д.","Р.","2007-10-02","М",8,8,44,null,44,100,"Участник","Галямов Эльмир Талгатович","Государственное автономное общеобразовательное учреждение \"Адымнар-путь к знаниям и согласию\" г.Казани Республики Татарстан"]
[193,"Муниципальное автономное общеобразовательное учреждение «Гимназия №19» Приволжского района г. Казани","Шакирова","К.","О.","2006-12-23","Ж",8,8,44,null,44,100,"Участник","Лобанов Евгений Михайлович","Муниципальное автономное образовательное учреждение \"Гимназия№19\""]
[194,"МБОУ «Русско-татарская средняя общеобразовательная школа №129» Приволжского района г. Казани","Балянина","У.","Д.","2007-07-27","Ж",8,8,44,null,44,100,"Участник","Олексенко Ольга Александровна","муниципальное бюджетное общеобразовательное учреждение \"Русско-татарская школа №129\"Приволжского района города Казани"]
[195,"МБОУ \"Средняя общеобразовательная русско-татарская школа № 124\" Советского района г.Казани\"","Хузина","А.","И.","20.08.2007","Ж",8,8,44,null,44,100,"Участник","Гамидзаде ДианаРашидовна","Муниципальное бюджетное общеобразовательное учреждение \"Средняя общеобразовательная русско-татарская школа № 124\" Советского района г.Казани\""]
[196,"ФГКОУ «Казанское суворовское военное училище »","Шафигуллин","Т.","А.","2007-01-21","М",8,8,43,null,43,100,"Участник","Казаков Андрей Владимирович","ФГКОУ «Казанское суворовское военное училище »"]
[197,"Муниципальное автономное общеобразовательное учреждение \"Гимназия №141\" Советского района г.Казани","Байбикова","К.","Ф.","2007-02-10","Ж",8,8,43,null,43,100,"Участник","-","-"]
[198,"Муниципальное бюджетное общеобразовательное учреждение «Татарская гимназия №2 имени Шигабутдина Марджани при Казанском Федеральном Университете» Московского района г.Казани","Рахимзянов","И.","Г.","15.09.2007","М",8,8,42,null,42,100,"Участник","Шакирова РузиляРаисовна","Муниципальное бюджетное общеобразовательное учреждение \"Татарская гимназия № 2 имени Шигабутдина Марджани при Казанском Федеральном университете\" Московского района города Казани"]
[199,"Муниципальное автономное общеобразовательное учреждение «Гимназия №19» Приволжского района г. Казани","Шириязданов","К.","М.","09.07.2007","М",8,8,42,null,42,100,"Участник","Лобанов ЕвгенийМихайлович","Муниципальное автономное общеобразовательное учреждение \"Гимназия №19\""]
[200,"Муниципальное бюджетное общеобразовательное учреждение  \"Татарская гимназия №15\" Кировского района г.Казани","Иванов","Б.","А.","2007-04-23","М",8,8,41,null,41,100,"Участник","Сагдиева Феруза Идрисовна","Муниципальное бюджетное общеобразовательное учреждение \"Татарская гимназия №15\" г.Казани Республики Татарстан"]
[201,"Муниципальное бюджетное общеобразовательное учреждение \"Лицей № 35 - образовательный центр \"Галактика\" Приволжского района города Казани","Сайфуллин","Т.","Р.","2007-07-07","М",8,8,41,null,41,100,"Участник","Ахметзянов Ильназ Зуфарович","Муниципальное бюджетное общеобразовательное учреждение \"Лицей №35 - образовательный центр \"Галактика\" Приволжского района города Казани"]
[202,"Специализированный учебный научный центр – общеобразовательная школа-интернат «IT-лицей» федерального государственного автономного образовательного учреждения высшего образования «Казанский (Приволжский) федеральный университет»","Баландина","С.","И.","2007-04-23","Ж",8,8,41,null,41,100,"Участник","Аглямзянов Рим Камилевич","ОШИ IТ-лицей ФГАОУ ВО К(П)ФУ"]
[203,"Муниципальное автономное общеобразовательное учреждение \"Лицей №131\" Вахитовского района г. Казани","Даешева","А.","Р.","2007-10-01","Ж",8,8,40,null,40,100,"Участник","Вахтурова Елена Витальевна","МАОУ \"Лицей №131\""]
[204,"ФГКОУ «Казанское суворовское военное училище »","Бурмистров","Е.","А.","2007-04-15","М",8,8,40,null,40,100,"Участник","Казаков Андрей Владимирович","ФГКОУ «Казанское суворовское военное училище »"]
[205,"МБОУ «Средняя  общеобразовательная школа №49» Ново-Савиновского района г. Казани","Сергеева","Д.","Е.","2006-11-14","Ж",8,8,39,null,39,100,"Участник","Девятко Екатерина Вячеславовна","Муниципальное бюджетное общеобразовательное учреждение \"Школа №49\" г.Казани Республики Татарстан"]
[206,"Муниципальное бюджетное общеобразовательное учреждение «Татарская гимназия №2 имени Шигабутдина Марджани при Казанском Федеральном Университете» Московского района г.Казани","Акшев","А.","А.","2007-03-30","М",8,8,37,null,37,100,"Участник","Шакирова Рузиля Раисовна","МБОУ \"Татарская гимназия № 2\""]
[207,"Муниципальное бюджетное общеобразовательное учреждение \"Гимназия № 179-центр образования\" Ново-Савиновского района г.Казани","Васильев","М.","Д.","2007-07-20","М",8,8,37,null,37,100,"Участник","Пекменова Алла Владимировна","Гимназия №179 -центр образования"]
[208,"ФГКОУ «Казанское суворовское военное училище »","Севастьянов","А.","Е.","2007-08-29","М",8,8,36,null,36,100,"Участник","Казаков Андрей Владимирович","ФГКОУ «Казанское суворовское военное училище »"]
[209,"Муниципальное бюджетное общеобразовательное учреждение «Гимназия №20 \"Гармония\"» Московского района г. Казани","Миннахметов","Т.","А.","2007-02-07","М",8,8,36,null,36,100,"Участник","Конышева Е.В.","МБОУ \"Гимназия №20 \"Гармония\"\" Московского района г.Казани"]
[210,"Муниципальное автономное общеобразовательное учреждение  «Лицей-интернат №2» Московского района г. Казани","Замалиев","Д.","Р.","20.07.2007","М",8,8,36,null,36,100,"Участник","Лазарев ЮрийЮрьевич","Муниципальное автономное общеобразовательное учреждение - \"лицей-интернат № 2\" Московского района города Казани\""]
[211,"Муниципальное автономное общеобразовательное учреждение  «Лицей-интернат №2» Московского района г. Казани","Сергевнин","В.","В.","2008-05-03","М",7,8,35,null,35,100,"Участник","Лазарев Юрий Юрьевич","МАОУ \"Лицей-интернат №2\""]
[212,"Муниципальное автономное общеобразовательное учреждение  «Лицей-интернат №2» Московского района г. Казани","Хабибрахманов","А.","Д.","2007-06-19","М",8,8,35,null,35,100,"Участник","Лазарев Юрий Юрьевич","МАОУ \"Лицей-интернат №2\""]
[213,"Муниципальное бюджетное общеобразовательное учреждение «Гимназия №102 им. М.С.Устиновой» Московского района г. Казани","Ильина","И.","И.","2007-07-08","Ж",8,8,35,null,35,100,"Участник","Шор Игорь Хаимович","Муниципальное бюджетное общеобразовательное учреждение \"Гимназия №102\" г.Казани Республики Татарстан"]
[214,"Муниципальное бюджетное общеобразовательное учреждение «Гимназия № 90» Советского района г. Казани","Лебедева","Д.","С.","2007-06-22","Ж",8,8,35,null,35,100,"Участник","Михайлова Тамара Борисовна","Муниципальное бюджетное общеобразовательное учреждение «Гимназия №90» Советского района г. Казани"]
[215,"Муниципальное бюджетное общеобразовательное учреждение «Средняя общеобразовательная школа №55 с углубленным изучением отдельных предметов» Московского района г.Казани","Харрасов","С.","А.","2006-12-20","М",8,8,35,null,35,100,"Участник","Фатхеева А.В.","МБОУ \"Школа №55\" г.Казани Республики Татарстан"]
[216,"МБОУ \"Гимназия №96\" Вахитовского района г. Казани","Валякова","А.","А.","2007-03-17","Ж",8,8,34,null,34,100,"Участник","Бузюкин Сергей Аркадьевич","Муниципальное бюджетное общеобразовательное учреждение \"Гимназия № 96\" г.Казани Республики Татарстан"]
[217,"Муниципальное бюджетное общеобразовательное учреждение \"Средняя общеобразовательная школа № 70 с углубленным изучением отдельных предметов\" Кировского района г.Казани","Каисиди","М.","В.","2006-12-25","М",8,8,34,null,34,100,"Участник","Шишков Алексей Иванович","Муниципальное бюджетное общеобразовательное учреждение \"Школа №70\" г.Казани Республики Татарстан"]
[218,"Муниципальное бюджетное общеобразовательное учреждение «Татарская гимназия №2 имени Шигабутдина Марджани при Казанском Федеральном Университете» Московского района г.Казани","Ахметов","А.","И.","2007-05-22","М",8,8,34,null,34,100,"Участник","Шакирова Рузиля Раисовна","МБОУ \"Татарская гимназия № 2\""]
[219,"Муниципальное бюджетное общеобразовательное учреждение «Гимназия №94» Московского района г. Казани","Назиров","М.","А.","2007-02-07","М",8,8,34,null,34,100,"Участник","Хлопочкина Кристина Васильевна","Муниципальное бюджетное общеобразовательное учреждение \"Гимназия №94\" г.Казани Республики Татарстан"]
[220,"Муниципальное бюджетное общеобразовательное учреждение «Средняя общеобразовательная школа №114» Приволжского района г. Казани","Колягина","С.","Э.","2007-08-02","Ж",8,8,34,null,34,100,"Участник","Максимова Надежда Аглеевна","Муниципальное бюджетное общеобразовательное учреждение \"СОШ №114\""]
[221,"Муниципальное бюджетное общеобразовательное учреждение «Средняя общеобразовательная школа №117» Авиастроительного района г. Казани","Кутузова","В.","С.","2007-03-20","Ж",8,8,33,null,33,100,"Участник","Ганиева Гузель Рафиковна","МБОУ \"Школа №117\""]
[222,"Муниципальное бюджетное общеобразовательное учреждение \"Политехнический лицей №182\" Кировского района г.Казани","Хабирова","А.","Р.","2006-10-13","Ж",8,8,33,null,33,100,"Участник","Кручинина Злата Романовна","Муниципальное бюджетное общеобразовательное учреждение \"Политехнический лицей №182\" Кировского района г.Казани"]
[223,"Муниципальное бюджетное общеобразовательное учреждение «Гимназия №21» Приволжского района г. Казани","Абдрахманов","И.","Р.","2007-04-20","М",8,8,33,null,33,100,"Участник","Филюнин Владимир Александрович","МБОУ\" Гимназия № 21\" Приволжского района г Казани"]
[224,"Муниципальное бюджетное общеобразовательное учреждение «Средняя общеобразовательная школа №117» Авиастроительного района г. Казани","Галиуллин","А.","Р.","2007-09-25","М",8,8,31,null,31,100,"Участник","Ганиева Гузель Рафиковна","МБОУ \"Школа №117\""]
[225,"МБОУ «Средняя  общеобразовательная школа №49» Ново-Савиновского района г. Казани","Ефимов","А.","А.","2007-05-29","М",8,8,30,null,30,100,"Участник","Девятко Екатерина Вячеславовна","Муниципальное бюджетное общеобразовательное учреждение \"Школа №49\" г.Казани Республики Татарстан"]
[226,"МБОУ «Средняя общеобразовательная русско-татарская школа №103» Ново-Савиновского района г. Казани","Панкратова","А.","И.","2007-09-03","Ж",8,8,30,null,30,100,"Участник","Преснова Н.Г.","МБОУ \"СОШ №103\" Ново-Савиновского района г. Казани"]
[227,"Муниципальное бюджетное общеобразовательное учреждение «Многопрофильный лицей №186 - «Перспектива» Приволжского района г.Казани","Уланов","А.","А.","2007-04-15","М",8,8,30,null,30,100,"Участник","Бикмуллин Инсаф Кабирович","Муниципальное бюджетное общеобразовательное учреждение \"Многопрофильный лицей № 186 - \"Перспектива\" Приволжского района г.Казани"]
[228,"МБОУ «Средняя общеобразовательная школа №84 с углубленным изучением иностранных языков» Советского района г. Казани","Петровская","Б.","А.","2007-01-24","Ж",8,8,30,null,30,100,"Участник","Валиева Венера Фанисовна","Муниципальное бюджетное общеобразовательное учреждение \"Школа № 84\" г.Казани Республики Татарстан"]
[229,"Муниципальное автономное общеобразовательное учреждение «Многопрофильный лицей №11» Советского района г.Казани","Зайнутдинова","Р.","Э.","2008-02-12","Ж",8,8,30,null,30,100,"Участник","Першагин Алексей Эдуардович","Муниципальное автономное общеобразовательное учреждение «Многопрофильный лицей №11» г. Казани Республика Татарстан"]
[230,"Общеобразовательная школа-интернат «Лицей имени Н.И. Лобачевского» федерального государственного автономного образовательного учреждения высшего образования \"Казанский (Приволжский) федеральный университет\"","Садыкова","Д.","А.","2006-11-29","Ж",8,8,29,null,29,100,"Участник","Яковлев Александр Евгеньевич","ОШИ \"Лицей имени Н.И. Лобачевского\" КФУ"]
[231,"Муниципальное бюджетное общеобразовательное учреждение «Гимназия №21» Приволжского района г. Казани","Мусиенко ","С. ","С.","2007-07-27","Ж",8,8,29,null,29,100,"Участник","Филюнин Владимир Александрович","МБОУ \" Гимназия № 21\" Приволжского района г казани"]
[232,"МБОУ «Средняя общеобразовательная школа №171 с углубленным изучением отдельных предметов» Советского района г. Казани (Школа - центр компетенции в электронном образовании)","Хафизов","Н.","М.","2008-12-14","М",8,8,29,null,29,100,"Участник","Файзуллин Эмиль Равилевич","Муниципальное бюджетное общеобразовательное учреждение \"Школа №171\" Советского района г.Казани"]
[233,"МБОУ «Средняя  общеобразовательная школа №49» Ново-Савиновского района г. Казани","Миннебаева","М.","Б.","2007-05-08","Ж",8,8,28,null,28,100,"Участник","Девятко Екатерина Вячеславовна","Муниципальное бюджетное общеобразовательное учреждение \"Школа №49\" г.Казани Республики Татарстан"]
[234,"государственное автономное общеобразовательное учреждение \"Полилингвальный комплекс \"Адымнар - путь к знаниям и согласию\" г.Казани","Гатауллин","Р.","Ф.","2006-12-28","М",8,8,28,null,28,100,"Участник","Галямов Эльмир Талгатович","Государственное автономное общеобразовательное учреждение \"Адымнар-путь к знаниям и согласию\" г.Казани Республики Татарстан"]
[235,"Муниципальное бюджетное общеобразовательное учреждение \"Гимназия №152\" Кировского района г.Казани","Миронова","Е.","А.","2007-10-28","Ж",8,8,27,null,27,100,"Участник","Никишина Елена Юрьевна","МБОУ \"Гимназия № 152\" Кировсого района г.Казани"]
[236,"Муниципальное бюджетное общеобразовательное учреждение «Гимназия №6» Приволжского района г. Казани","Агафетов","М.","А.","2007-06-14","М",8,8,27,null,27,100,"Участник","Николаева Татьяна Антониновна","Муниципальное бюджетное общеобразовательное учреждение \"Гимназия № 6\" Приволжского района г.Казани Республики Татарстан"]
[237,"Муниципальное бюджетное общеобразовательное учреждение «Многопрофильный лицей №187» Советского района г.Казани","Козлова","А.","В.","2007-09-25","Ж",8,8,27,null,27,100,"Участник","Файзуллин Динар Ринатович","МБОУ \"Многопрофильный лицей 187\""]
[238,"Муниципальное бюджетное общеобразовательное учреждение \"Средняя общеобразовательная школа  с углубленным изучением отдельных предметов №62\" Авиастроительного района г.Казани","Миннебаева","Л.","М.","2006-11-12","Ж",8,8,26,null,26,100,"Участник","Иванкова Ольга Алексеевна","Муниципальное бюджетное общеобразовательное учреждение \"Школа № 62\" Авиастроительного района г.Казани Республики Татарстан"]
[239,"Муниципальное автономное общеобразовательное учреждение «Средняя общеобразовательная школа №39 с углубленным изучением английского языка» Вахитовского района г. Казани","Толузакова","К.","П.","2007-07-29","Ж",8,8,26,null,26,100,"Участник","Скокова Елена Степановна","Муниципальное автономное общеобразовательное учреждение \"Средняя общеобразовательная школа №39 с углубленным изучением английского языка\" Вахитовского района г.Казани"]
[240,"МБОУ \"Лицей №78 \"Фарватер\" Приволжского района г. Казани","Хуснутдинов","С.","А.","2007-02-24","М",8,8,26,null,26,100,"Участник","Клюева Арина Евгеньевна","МБОУ \"Лицей №78 \"Фарватер\""]
[241,"Муниципальное бюджетное общеобразовательное учреждение «Гимназия № 90» Советского района г. Казани","Литвиненко","Н.","И.","2007-04-18","Ж",8,8,26,null,26,100,"Участник","Володин Александр Геннадьевич","Муниципальное бюджетное общеобразовательное учреждение «Гимназия №90» Советского района г. Казани"]
[242,"Муниципальное бюджетное общеобразовательное учреждение «Гимназия №122 имени Ж.А. Зайцевой» Московского района г.Казани","Шамарданова","Я.","А.","2007-09-13","Ж",8,8,25,null,25,100,"Участник","Садыков Жаудат Назипович","МБОУ \"Гимназия №122 имени Ж.А.Зайцевой\""]
[243,"Муниципальное бюджетное общеобразовательное учреждение «Средняя общеобразовательная школа №167 с углубленным изучением отдельных предметов» Советского района г. Казани","Сулейманова","А.","А.","2007-10-02","Ж",8,8,25,null,25,100,"Участник","Кучеренко Валерия Константиновна","Муниципальное бюджетное общеобразовательное учреждение «Средняя общеобразовательная школа № 167 с углубленным изучением отдельных предметов» Советского района г. Казани"]
[244,"Муниципальное бюджетное общеобразовательное учреждение \"Средняя общеобразовательная школа  с углубленным изучением отдельных предметов №62\" Авиастроительного района г.Казани","Хафизова","А.","И.","2007-02-12","Ж",8,8,24,null,24,100,"Участник","Иванкова Ольга Алексеевна","Муниципальное бюджетное общеобразовательное учреждение \"Школа № 62\" Авиастроительного района г.Казани Республики Татарстан"]
[245,"Муниципальное бюджетное общеобразовательное учреждение «Средняя общеобразовательная русско-татарская школа №13» Вахитовского района г. Казани","Клдиашвили ","С.","Р.","2007-06-07","Ж",8,8,24,null,24,100,"Участник","Григорьева Ангелина Борисовна","Муниципальное бюджетное общеобразовательное учреждение «Школа №13» г. Казани Республики Татарстан"]
[246,"Муниципальное автономное общеобразовательное учреждение «Средняя общеобразовательная школа №39 с углубленным изучением английского языка» Вахитовского района г. Казани","Любина","П.","С.","2007-02-11","Ж",8,8,24,null,24,100,"Участник","Скокова Елена Степановна","Муниципальное автономное общеобразовательное учреждение \"Средняя общеобразовательная школа №39 с углубленным изучением английского языка\" Вахитовского района г.Казани"]
[247,"государственное автономное общеобразовательное учреждение \"Полилингвальный комплекс \"Адымнар - путь к знаниям и согласию\" г.Казани","Хайруллина","А.","А.","2008-01-13","Ж",8,8,24,null,24,100,"Участник","Галямов Эльмир Талгатович","Государственное автономное общеобразовательное учреждение \"Адымнар-путь к знаниям и согласию\" г.Казани Республики Татарстан"]
[248,"МБОУ «Татарско-русская средняя общеобразовательная школа №68 с углублённым изучением отдельных предметов» Приволжского района г. Казани","Майер-Бренер","А.","А.","2006-12-13","М",8,8,24,null,24,100,"Участник","Айдимирова Людмила Олеговна","Муниципальное бюджетное общеобразовательное учреждение \"Школа №68\" Приволжского р-на г.Казани Республики Татарстан"]
[249,"МБОУ «Лицей №149 с татарским языком обучения» Советского района г. Казани","Галимов","М.","Р.","2007-03-27","М",8,8,24,null,24,100,"Участник","Абдреева Айгуль Вакиловна","Муниципальное бюджетное общеобразовательное учреждение \"Лицей № 149 с татарским языком обучения\"\" г.Казани Республики Татарстан"]
[250,"Муниципальное бюджетное общеобразовательное учреждение \"Гимназия №10\" Авиастроительного района г.Казани","Хамзин","Р.","Р.","2006-10-21","М",8,8,23,null,23,100,"Участник","Валитова Зульфия Камилевна","МБОУ \"гимназия №10\" Авиастроительного района г. Казани"]
[251,"Муниципальное автономное общеобразовательное учреждение «Средняя общеобразовательная школа №18 с углубленным изучением английского языка» Вахитовского района г. Казани","Фролов","М.","А.","2007-03-22","М",8,8,23,null,23,100,"Участник","Марданшина Елена Михайловна","МОАУ СОШ № 18"]
[252,"Муниципальное бюджетное общеобразовательное учреждение «Гимназия №122 имени Ж.А. Зайцевой» Московского района г.Казани","Белицкая","С.","Д.","2007-09-02","Ж",8,8,23,null,23,100,"Участник","Садыков Жаудат Назипович","МБОУ \"Гимназия №122 имени Ж.А.Зайцевой\""]
[253,"МБОУ «Средняя общеобразовательная школа №171 с углубленным изучением отдельных предметов» Советского района г. Казани (Школа - центр компетенции в электронном образовании)","Фазлиахметов","И.","И.","2007-08-23","М",8,8,23,null,23,100,"Участник","Файзуллин Эмиль Равилевич","Муниципальное бюджетное общеобразовательное учреждение \"Школа №171\" Советского района г.Казани"]
[254,"Муниципальное бюджетное общеобразовательное учреждение \"Лицей № 35 - образовательный центр \"Галактика\" Приволжского района города Казани","Ларионов","Г.","А.","2007-01-06","М",8,8,22,null,22,100,"Участник","Ахметзянов Ильназ Зуфарович","Муниципальное бюджетное общеобразовательное учреждение \"Лицей №35 - образовательный центр \"Галактика\" Приволжского района города Казани"]
[255,"МБОУ «Русско-татарская средняя общеобразовательная школа №129» Приволжского района г. Казани","Масалимова","Р.","А.","2006-01-23","Ж",8,8,22,null,22,100,"Участник","Олексенко Ольга Александровна","Муниципальное бюджетное общеобразовательное учреждение \"Русско-татарская школа №129\"Приволжского района города Казани"]
[256,"МБОУ «Средняя общеобразовательная  русско-татарская школа №111» Советского района г. Казани","Николаева","Е.","М.","2007-07-19","Ж",8,8,22,null,22,100,"Участник","Шагдалеева А.Ф.","Муниципальное бюджетное общеобразовательное учреждение \"Школа №111\" г.Казани Республики Татарстан"]
[257,"Муниципальное бюджетное общеобразовательное учреждение «Средняя общеобразовательная школа №42» Приволжского района г. Казани","Сабиров","Э.","Э.","2007-08-19","М",8,8,21,null,21,100,"Участник","Аисова Зульфия Абдуловна","Муниципальное бюджетное общеобразовательное учреждение \"Школа №42\" г.Казани Республики Татарстан"]
[258,"МБОУ \"Средняя русско-татарская общеобразовательная школа №57\" Кировского района г.Казани","Тарасова","А.","С.","2007-04-13","Ж",8,8,20,null,20,100,"Участник","Варфоломеева Зоя Владимировна","МБОУ \"Школа №57\""]
[259,"Муниципальное бюджетное общеобразовательное учреждение «Гимназия №12 с татарским языком обучения имени Ф. Г. Аитовой» Московского района г. Казани","Сафина","А.","А.","2007-08-17","Ж",8,8,20,null,20,100,"Участник","Ямбулатова Алсу Анваровна","Муниципальное бюджетное общеобразовательное учреждение \"Гимназия №12 имени Ф.Г.Аитовой\" Московского района г.Казани Республики Татарстан"]
[260,"Частное общеобразовательное учреждение средняя общеобразовательная школа «Елена-Сервис»","Корнилова","Л.","П.","2007-02-16","Ж",8,8,20,null,20,100,"Участник","Якимова Ирина Владимировна","ЧОУ СОШ \"Елена-Сервис\""]
[261,"Муниципальное бюджетное общеобразовательное учреждение «Средняя общеобразовательная школа №42» Приволжского района г. Казани","Фарухов","И.","И.","2007-08-20","М",8,8,20,null,20,100,"Участник","Аисова Зульфия Абдуловна","Муниципальное бюджетное общеобразовательное учреждение \"Школа №42\" г.Казани Республики Татарстан"]
[262,"Муниципальное автономное общеобразовательное учреждение для детей, проявивших выдающиеся способности «Средняя общеобразовательная школа-интернат «Специализированный олимпиадно-научный центр «СОлНЦе» Вахитовского района г. Казани","Файзуллин","А.","А.","22.07.2007","М",8,8,20,null,20,100,"Участник","Тухватулин АйратХалитович","Муниципальное автономное общеобразовательное учреждение Средняя общеобразовательная школа-интернат \"Специализированный олимпиадно-научный центр \"СОлНЦе\""]
[263,"Муниципальное бюджетное общеобразовательное учреждение \"Средняя общеобразовательная татарско-русская школа №71 с углубленным изучением отдельных предметов\" Ново-Савиновского района города Казани","Трофимов","В.","Д.","2007-05-14","М",8,8,19,null,19,100,"Участник","Халикова Гульназ Габбасовна","Муниципальное бюджетное общеобразовательное учреждение \"Средняя общеобразовательная татарско-русская школа №71 с углубленным изучением отдельных предметов\" Ново-Савиновского района города Казани"]
[264,"МБОУ «Средняя общеобразовательная школа №84 с углубленным изучением иностранных языков» Советского района г. Казани","Татаурова","А.","В.","2006-12-15","Ж",8,8,19,null,19,100,"Участник","Валиева Венера Фанисовна","Муниципальное бюджетное общеобразовательное учреждение \"Школа № 84\" г.Казани Республики Татарстан"]
[265,"Муниципальное бюджетное общеобразовательное учреждение «Основная общеобразовательная русско- татарская школа №115» Авиастроительного района г. Казани","Филиппов  ","М.","А.","2007-11-06","М",8,8,18,null,18,100,"Участник","Сергеева Инна Александровна  ","МБОУ «Школа №115»"]
[266,"МБОУ \"Средняя русско-татарская общеобразовательная школа №57\" Кировского района г.Казани","Мохитов","З.","А.","2007-03-31","М",8,8,18,null,18,100,"Участник","Варфоломеева Зоя Владимировна","МБОУ \"Школа №57\""]
[267,"государственное автономное общеобразовательное учреждение \"Полилингвальный комплекс \"Адымнар - путь к знаниям и согласию\" г.Казани","Салихов","А.","Ф.","2006-12-29","М",8,8,18,null,18,100,"Участник","Галямов Эльмир Талгатович","Государственное автономное общеобразовательное учреждение \"Адымнар-путь к знаниям и согласию\" г.Казани Республики Татарстан"]
[268,"МБОУ «Средняя общеобразовательная  русско-татарская школа №111» Советского района г. Казани","Фасхутдинов","И.","Р.","2006-11-21","М",8,8,18,null,18,100,"Участник","Шагдалеева А.Ф.","Муниципальное бюджетное общеобразовательное учреждение \"Школа №111\" г.Казани Республики Татарстан"]
[269,"МБОУ «Лицей №149 с татарским языком обучения» Советского района г. Казани","Минеев","С.","Р.","2007-06-13","М",8,8,18,null,18,100,"Участник","Абдреева Айгуль Вакиловна","Муниципальное бюджетное общеобразовательное учреждение \"Лицей № 149 с татарским языком обучения\"\" г.Казани Республики Татарстан"]
[270,"Муниципальное автономное общеобразовательное учреждение «Средняя общеобразовательная школа №39 с углубленным изучением английского языка» Вахитовского района г. Казани","Нестерова","В.","С.","2007-12-29","Ж",8,8,17,null,17,100,"Участник","Скокова Елена Степановна","Муниципальное автономное общеобразовательное учреждение \"Средняя общеобразовательная школа №39 с углубленным изучением английского языка\" Вахитовского района г.Казани"]
[271,"МБОУ \"Лицей №83-Центр образования\"","Китаев","Т.","Р.","2007-07-12","М",8,8,17,null,17,100,"Участник","Воробьева Сария Нуриевна","МБОУ \"Лицей №83-Центр образования\""]
[272,"Муниципальное бюджетное  общеобразовательное учреждение \"Гимназия №20 имени Абдуллы Алиша\" Советского района г.Казани","Ахметова","С.","Р.","2007-09-14","Ж",8,8,17,null,17,100,"Участник","Садыкова Азалина Азатовна","Муниципальное бюджетное общеобразовательное учреждение \"Гимназия №20 имени Абдуллы Алиша\" г.Казани Республики Татарстан"]
[273,"Муниципальное бюджетное общеобразовательное учреждение «Гимназия № 183» Советского района г.Казани","Рашитова","М.","И.","2007-09-28","Ж",8,8,17,null,17,100,"Участник","Майоров Дмитрий Николаевич","Муниципальное бюджетное общеобразовательное учреждение \"Гимназия 183\" г.Казани Республики Татарстан"]
[274,"Муниципальное бюджетное общеобразовательное учреждение \"Средняя общеобразовательная школа № 169\" Советского района г. Казани","Сайфуллина","С.","Р.","2007-03-22","Ж",8,8,16,null,16,100,"Участник","Тарасова Светлана Сергеевна","Муниципальное бюджетное общеобразовательное учреждение \"Школа №169\" г.Казани Республики Татарстан"]
[275,"Муниципальное бюджетное общеобразовательное учреждение \"Средняя общеобразовательная татарско-русская школа №71 с углубленным изучением отдельных предметов\" Ново-Савиновского района города Казани","Жигитова","П.","А.","2007-12-22","Ж",8,8,15,null,15,100,"Участник","Халикова Гульназ Габбасовна","Муниципальное бюджетное общеобразовательное учреждение \"Средняя общеобразовательная татарско-русская школа №71 с углубленным изучением отдельных предметов\" Ново-Савиновского района города Казани"]
[276,"государственное автономное общеобразовательное учреждение \"Полилингвальный комплекс \"Адымнар - путь к знаниям и согласию\" г.Казани","Мустафина","Л.","М.","2007-08-14","Ж",8,8,15,null,15,100,"Участник","Галямов Эльмир Талгатович","Государственное автономное общеобразовательное учреждение \"Адымнар-путь к знаниям и согласию\" г.Казани Республики Татарстан"]
[277,"Муниципальное бюджетное общеобразовательное учреждение «Гимназия № 183» Советского района г.Казани","Гаранина","В.","В.","2007-08-02","Ж",8,8,15,null,15,100,"Участник","Майоров Дмитрий Николаевич","Муниципальное бюджетное общеобразовательное учреждение \"Гимназия 183\" г.Казани Республики Татарстан"]
[278,"Муниципальное бюджетное общеобразовательное учреждение «Средняя общеобразовательная школа №38» Ново-Савиновского района г.Казани","Кубарев","В.","А.","2007-04-04","М",8,8,13,null,13,100,"Участник","Хакимова Алеся Дмитриевна","Муниципальное бюджетное общеобразовательное учреждение \"Школа №38\" г.Казани Республики Татарстан"]
[279,"государственное автономное общеобразовательное учреждение \"Полилингвальный комплекс \"Адымнар - путь к знаниям и согласию\" г.Казани","Низмутдинова","К.","Д.","2007-05-25","Ж",8,8,13,null,13,100,"Участник","Галямов Эльмир Талгатович","Государственное автономное общеобразовательное учреждение \"Адымнар-путь к знаниям и согласию\" г.Казани Республики Татарстан"]
[280,"Муниципальное бюджетное  общеобразовательное учреждение \"Гимназия №20 имени Абдуллы Алиша\" Советского района г.Казани","Валиева","А.","И.","2007-02-05","Ж",8,8,13,null,13,100,"Участник","Садыкова Азалина Азатовна","Муниципальное бюджетное общеобразовательное учреждение \"Гимназия №20 имени Абдуллы Алиша\" г.Казани Республики Татарстан"]
[281,"Муниципальное бюджетное общеобразовательное учреждение «Средняя общеобразовательная русско-татарская школа №161» Советского района г. Казани","Канышев","Д.","Г.","2007-03-31","М",8,8,13,null,13,100,"Участник","Ганеева Алсу Фиргатовна","Муниципальное бюджетное общеобразовательное учреждение \"Школа №161\" г.Казани Республики Татарстан"]
[282,"Муниципальное бюджетное общеобразовательное учреждение  «Гимназия №27 с татарским языком обучения» Вахитовского района г. Казани","Хикматова","А.","Р.","2007-12-25","Ж",8,8,12,null,12,100,"Участник","Батреев Ильдус Фирдусович","Муниципальное бюджетное общеобразовательное учреждение \"Гимназия №27 с татарским языком обучения\" г.Казани Республики Татарстан"]
[283,"МБОУ «Русско-татарская средняя общеобразовательная школа №97» Приволжского района г. Казани","Морозова","П.","С.","2007-01-12","Ж",8,8,12,null,12,100,"Участник","Тюгаев И.А.","МБОУ \"Школа№97\""]
[284,"МБОУ «Русско-татарская средняя общеобразовательная школа №97» Приволжского района г. Казани","Фаттахова","В.","А.","2007-06-05","Ж",8,8,12,null,12,100,"Участник","Тюгаев И.А.","МБОУ \"Школа№97\""]
[285,"Муниципальное бюджетное общеобразовательное учреждение «Гимназия № 90» Советского района г. Казани","Савицкая","Е.","С.","2008-01-15","Ж",8,8,12,null,12,100,"Участник","Володин Александр Геннадьевич","Муниципальное бюджетное общеобразовательное учреждение «Гимназия №90» Советского района г. Казани"]
[286,"МБОУ «Средняя общеобразовательная школа №143 с углубленным изучением отдельных предметов» Ново-Савиновского района г. Казани","Никитин","В.","А.","2006-11-06","М",8,8,11,null,11,100,"Участник","Мифтахова К.А.","МБОУ \"Школа №143 с углубленным изучением отдельных предметов\" Ново-Савиновского района г.Казани"]
[287,"МБОУ \"Лицей №83-Центр образования\"","Дорофеев","А.","О.","2007-07-03","М",8,8,11,null,11,100,"Участник","Воробьева Сария Нуриевна","МБОУ \"Лицей №83-Центр образования\""]
[288,"МБОУ \"Средняя русско-татарская общеобразовательная школа №57\" Кировского района г.Казани","Фарафонов","А.","Е.","2007-07-19","М",8,8,10,null,10,100,"Участник","Варфоломеева Зоя Владимировна","МБОУ \"Школа №57\""]
[289,"Муниципальное автономное общеобразовательное учреждение «Средняя общеобразовательная школа №18 с углубленным изучением английского языка» Вахитовского района г. Казани","Ахунов","Ю.","А.","2007-03-14","М",8,8,9,null,9,100,"Участник","Марданшина Елена Михайловна","МОАУ СОШ № 18"]
[290,"МБОУ «Русско-татарская средняя общеобразовательная школа №129» Приволжского района г. Казани","Панова","А.","Е.","2007-06-13","Ж",8,8,9,null,9,100,"Участник","Олексенко Ольга Александровна","Муниципальное бюджетное общеобразовательное учреждение \"Русско-татарская школа №129\"Приволжского района города Казани"]
[291,"МБОУ \"Средняя русско-татарская общеобразовательная школа №57\" Кировского района г.Казани","Камалиева","Д.","Д.","2007-08-02","Ж",8,8,8,null,8,100,"Участник","Варфоломеева Зоя Владимировна","МБОУ \"Школа №57\""]
[292,"Муниципальное бюджетное общеобразовательное учреждение «Средняя общеобразовательная школа №38» Ново-Савиновского района г.Казани","Самигуллин","С.","Э.","2007-08-15","М",8,8,8,null,8,100,"Участник","Хакимова Алеся Дмитриевна","Муниципальное бюджетное общеобразовательное учреждение \"Школа №38\" г.Казани Республики Татарстан"]
[293,"МБОУ \"Лицей №83-Центр образования\"","Осипова","В.","В.","2007-06-28","Ж",8,8,8,null,8,100,"Участник","Воробьева Сария Нуриевна","МБОУ \"Лицей №83-Центр образования\""]
[294,"МБОУ «Средняя общеобразовательная школа №171 с углубленным изучением отдельных предметов» Советского района г. Казани (Школа - центр компетенции в электронном образовании)","Шигапов","Р.","Д.","2007-09-19","М",8,8,8,null,8,100,"Участник","Файзуллин Эмиль Равилевич","Муниципальное бюджетное общеобразовательное учреждение \"Школа №171\" Советского района г.Казани"]
[295,"МБОУ \"Средняя русско-татарская общеобразовательная школа №57\" Кировского района г.Казани","Татарчук","Н.","Р.","2007-06-15","Ж",8,8,7,null,7,100,"Участник","Варфоломеева Зоя Владимировна","МБОУ \"Школа №57\""]
[296,"Муниципальное бюджетное общеобразовательное учреждение «Гимназия №175» Советского района г. Казани","Малкина","В.","А.","2007-11-17","Ж",8,8,7,null,7,100,"Участник","Корнилова Екатерина Дмитриевна","Муниципальное бюджетное общеобразовательное учреждение \"Гимназия №175\" г.Казани Республики Татарстан"]
[297,"МБОУ «Русско-татарская средняя общеобразовательная школа №97» Приволжского района г. Казани","Шарапов","И.","Р.","2007-05-22","М",8,8,6,null,6,100,"Участник","Тюагаев И.А.","МБОУ \"Школа№97\""]
[298,"Муниципальное бюджетное общеобразовательное учреждение «Средняя общеобразовательная школа с углубленным изучением отдельных предметов №184 им.М.И.Махмутова» Советского района г.Казани","Саткус","А.","А.","2007-05-13","М",8,8,5,null,null,100,"Участник","Насыбуллин Л.А.","Муниципальное бюджетное общеобразовательное учреждение \"Школа №184\" г. Казани Республики Татарстан"]
[299,"Муниципальное автономное общеобразовательное учреждение «Гимназия №19» Приволжского района г. Казани","Кузнецов","И.","Д.","2006-02-03","М",9,9,82,null,82,100,"Победитель","Никонорова Евгения Александровна","Муниципальное автономное образовательное учреждение \"Гимназия№19\""]
[300,"Муниципальное автономное общеобразовательное учреждение \"Лицей №131\" Вахитовского района г. Казани","Тухбатуллин","А.","И.","2006-11-04","М",9,9,81,1,82,100,"Победитель","Вахтурова Елена Витальевна","МАОУ «Лицей - инженерный центр»"]
[301,"Муниципальное автономное общеобразовательное учреждение \"Лицей №131\" Вахитовского района г. Казани","Кузнецов","М.","Д.","2005-02-10","М",9,9,75,null,75,100,"Призер","Вахтурова Елена Витальевна","МАОУ \"Лицей №131\""]
[302,"Специализированный учебный научный центр – общеобразовательная школа-интернат «IT-лицей» федерального государственного автономного образовательного учреждения высшего образования «Казанский (Приволжский) федеральный университет»","Мустафин","К.","Р.","2006-07-30","М",9,9,73,null,73,100,"Призер","Аглямзянов Рим Камилевич","ОШИ IТ-лицей ФГАОУ ВО К(П)ФУ"]
[303,"Муниципальное автономное общеобразовательное учреждение  «Лицей-интернат №2» Московского района г. Казани","Мурзакаев","И.","Э.","2008-01-05","М",8,9,63,3,66,100,"Призер","Лазарев Юрий Юрьевич","МАОУ \"Лицей-интернат №2\""]
[304,"Муниципальное бюджетное общеобразовательное учреждение «Гимназия №13 с татарским языком обучения» Ново-Савиновского района г.Казани","Самикова","А.","Т.","2006-07-12","Ж",9,9,66,null,66,100,"Призер","Низамова Лилия Габделхалимовна","Муниципальное бюджетное общеобразовательное учреждение \"Гимназия № 13 с татарским яыком обучения\" Ново-Савиновско района г. Казани "]
[305,"ГАОУ \"Полилингвальный комплекс \"Адымнар-Казань\"","Гатауллина","Э.","М.","2006-09-11","Ж",9,9,63,null,63,100,"Призер","Шамсутдинов Динар Загитович","Государственное автономное общеобразовательное учреждение \"Полилингвальный комплекс \"Адымнар - путь к знаниям и согласию\" г.Казан"]
[306,"ФГКОУ «Казанское суворовское военное училище »","Хабиров","Т.","Р.","2006-06-11","М",9,9,63,null,63,100,"Призер","Романова Оксана Александровна","ФГКОУ \"Казанское суворовское военное училище\""]
[307,"МАОУ «Лицей-интернат №7» Ново-Савиновского района г. Казани","Сергеев","А.","Е.","2006-05-10","М",9,9,61,null,61,100,"Призер","Алексеева Лариса Владимировна","Муниципальное автономное общеобразовательное учреждение \"Лицей-интернат №7\""]
[308,"Специализированный учебный научный центр – общеобразовательная школа-интернат «IT-лицей» федерального государственного автономного образовательного учреждения высшего образования «Казанский (Приволжский) федеральный университет»","Шакиров","Э.","Р.","2006-04-17","М",9,9,58,2,60,100,"Призер","Белякова Ксения Валерьевна","ОШИ IТ-лицей ФГАОУ ВО К(П)ФУ"]
[309,"Муниципальное бюджетное общеобразовательное учреждение \"Политехнический лицей №182\" Кировского района г.Казани","Дубровина","Е.","Д.","2006-09-30","Ж",9,9,58,null,58,100,"Призер","Чиркова Людмила Владимировна","Муниципальное бюджетное общеобразовательное учреждение \"Политехнический лицей №182\" Кировского района г.Казани"]
[310,"ФГКОУ «Казанское суворовское военное училище »","Тихомиров","Е.","А.","2006-03-01","М",9,9,58,null,58,100,"Призер","Романова Оксана Александровна","ФГКОУ «Казанское суворовское военное училище »"]
[311,"Муниципальное автономное общеобразовательное учреждение \"Гимназия №141\" Советского района г.Казани","Трофимова","О.","Д.","2006-06-17","Ж",9,9,57,null,57,100,"Призер","Гармашова Ю.Н.","МАОУ СОШ № 141"]
[312,"Муниципальное бюджетное общеобразовательное учреждение «Гимназия №8- Центр образования» Советского района г. Казани","Харитонов","И.","С.","2006-07-17","М",9,9,56,null,56,100,"Призер","Гирфанутдинова Наталья Михайловна","Муниципальное бюджетное общеобразовательное учреждение \"Гимназия №8-Центр Образования\" г.Казани Республики Татарстан"]
[313,"Муниципальное бюджетное общеобразовательное учреждение «Лицей №83 - Центр образования» Приволжского района г. Казани","Яруллин","А.","Р.","2006-05-05","М",9,9,55,null,55,100,"Призер","Бегунова Мария Александровна","Муниципальное бюджетное общеобразовательное учреждение «Лицей №83 - Центр образования» Приволжского района г. Казани"]
[314,"МБОУ «Средняя общеобразовательная школа №170 с углублённым изучением отдельных предметов» Ново-Савиновского района г. Казани","Андреева","М.","А.","2006-01-30","Ж",9,9,53,1,54,100,"Призер","Волкова Наталья Витальевна","Муниципальное бюджетное общеобразовательное учреждение \"Школа №170\" г.Казани Республики Татарстан"]
[315,"МБОУ «Средняя общеобразовательная школа № 9 с углубленным изучением английского языка» Ново-Савиновского района г.Казани","Пластинин","С.","О.","2006-06-22","М",9,9,54,null,54,100,"Призер","Былинкина Ирина Анатольевна","МБОУ \"Школа №9\" Ново-Савиновского района г.Казани"]
[316,"Муниципальное автономное общеобразовательное учреждение \"Лицей №131\" Вахитовского района г. Казани","Фарукшин","А.","И.","2006-09-21","М",9,9,53,1,54,100,"Призер","Вахтурова Елена Витальевна","МАОУ \"Лицей №131\""]
[317,"ФГКОУ «Казанское суворовское военное училище »","Мартынко","И.","В.","2006-02-18","М",9,9,53,null,53,100,"Призер","Романова Оксана Александровна","ФГКОУ \"Казанское суворовское военное училище\""]
[318,"Муниципальное бюджетное общеобразовательное учреждение «Многопрофильный лицей №185» Советского района г.Казани","Соломатин","К.","Е.","2006-11-20","М",9,9,53,null,53,100,"Призер","Ишмеева Алия Илхамовна","Муниципальное бюджетное общеобразовательное учреждение «Многопрофильный лицей №185» Советского района г.Казани"]
[319,"ГАОУ \"Полилингвальный комплекс \"Адымнар-Казань\"","Хасанова","А.","И.","2006-01-24","Ж",9,9,51,1,52,100,"Призер","Шамсутдинов Динар Загитович","Государственное автономное общеобразовательное учреждение \"Полилингвальный комплекс \"Адымнар - путь к знаниям и согласию\" г.Казан"]
[320,"ФГКОУ «Казанское суворовское военное училище »","Черанев","И.","В.","2006-07-05","М",9,9,52,null,52,100,"Призер","Романова Оксана Александровна","ФГКОУ «Казанское суворовское военное училище »"]
[321,"Муниципальное бюджетное общеобразовательное учреждение  «Гимназия №27 с татарским языком обучения» Вахитовского района г. Казани","Каюмов","К.","Р.","2006-08-21","М",9,9,50,null,50,100,"Призер","Фахрутдинова Файруза Раефовна","Муниципальное бюджетное общеобразовательное учреждение \"Гимназия №27 с татарским языком обучения\" г.Казани Республики Татарстан"]
[322,"ФГКОУ «Казанское суворовское военное училище »","Агарков","Г.","Н.","2006-05-25","М",9,9,49,null,49,100,"Участник","Романова Оксана Александрова","ФГКОУ «Казанское суворовское военное училище »"]
[323,"Муниципальное бюджетное общеобразовательное учреждение «Гимназия №7 имени Героя России А.В.Козина» Ново-Савиновского района г.Казани. Школа-центр компетенции в электронном образовании","Цветков","К.","В.","2006-10-24","М",9,9,48,null,48,100,"Участник","Ипполитова Лариса Владимировна","Муниципальное бюджетное общеобразовательное учреждение \"Гимнзия N7\" г.Казани Республики Татарстан"]
[324,"Муниципальное бюджетное общеобразовательное учреждение «Татаро-английская гимназия №16» Приволжского района г. Казани","Королева","С.","С.","2005-12-19","Ж",9,9,45,null,45,100,"Участник","Павлюхина Мария Ивановна","Муниципальное бюджетное общеобразовательное учреждение \"Гимназия №16 г.Казани Республики Татарстан"]
[325,"Муниципальное бюджетное общеобразовательное учреждение «Гимназия №175» Советского района г. Казани","Глазунов","И.","П.","2006-08-17","М",9,9,43,null,43,100,"Участник","Хафизова Эльвира Закирзяновна","Муниципальное бюджетное общеобразовательное учреждение \"Гимназия №175\" г.Казани Республики Татарстан"]
[326,"Муниципальное бюджетное общеобразовательное учреждение «Гимназия №102 им. М.С.Устиновой» Московского района г. Казани","Антонов","Н.","В.","2006-09-30","М",9,9,42,null,42,100,"Участник","Анненкова Наталья Вадимировна","Муниципальное бюджетное общеобразовательное учреждение \"Гимназия №102\" г.Казани Республики Татарстан"]
[327,"Муниципальное автономное общеобразовательное учреждение \"Лицей №131\" Вахитовского района г. Казани","Косинов","В.","С.","2006-03-24","М",9,9,42,null,42,100,"Участник","Улыбин Григорий Иванович","МАОУ \"Лицей №131\""]
[328,"Муниципальное бюджетное общеобразовательное учреждение «Гимназия №125» Советского района г. Казани","Гаврилов","М.","И.","2006-09-26","М",9,9,41,null,41,100,"Участник","Патранина Татьяна Ивановна","Муниципальное бюджетное общеобразовательное учреждение \"Гимназия №125\" г. Казани Республики Татарстан"]
[329,"Муниципальное автономное общеобразовательное учреждение «Средняя общеобразовательная школа №18 с углубленным изучением английского языка» Вахитовского района г. Казани","Романенко","П.","Д.","2006-01-12","Ж",9,9,41,null,41,100,"Участник","Бухарина Ирина Владимировна","МОАУ СОШ № 18"]
[330,"Муниципальное автономное общеобразовательное учреждение «Средняя общеобразовательная школа №18 с углубленным изучением английского языка» Вахитовского района г. Казани","Архипова","П.","Е.","2006-06-16","Ж",9,9,39,null,39,100,"Участник","Бухарина Ирина Владимировна","МОАУ СОШ № 18"]
[331,"МБОУ «Средняя общеобразовательная школа №84 с углубленным изучением иностранных языков» Советского района г. Казани","Буштак","Д.","П.","2007-05-18","Ж",9,9,39,null,39,100,"Участник","Батманова Гульнар Ильдаровна","Муниципальное бюджетное общеобразовательное учреждение \"Школа № 84\" г.Казани Республики Татарстан"]
[332,"Муниципальное автономное общеобразовательное учреждение «Средняя общеобразовательная школа №18 с углубленным изучением английского языка» Вахитовского района г. Казани","Мелихов","Н.","Р.","2006-05-07","М",9,9,39,null,39,100,"Участник","Бухарина Ирина Владимировна","МОАУ СОШ № 18"]
[333,"Муниципальное автономное общеобразовательное учреждение «Гимназия №19» Приволжского района г. Казани","Ерашова","Д.","А.","2006-04-18","Ж",9,9,38,null,38,100,"Участник","Галиахметов Артур Каримович","Муниципальное автономное образовательное учреждение \"Гимназия№19\""]
[334,"Муниципальное бюджетное общеобразовательное учреждение «Гимназия №33» Авиастроительного района г. Казани","Сайфутдинова","А.","Р.","2006-02-23","Ж",9,9,38,null,38,100,"Участник","Нуруллина Эльмира Рафиковна","МБОУ \" Гимназия №33\""]
[335,"Муниципальное бюджетное общеобразовательное учреждение \"Средняя общеобразовательная школа №77\" Авиастроительного района г. Казани","Степанова","Т.","А.","2006-01-24","Ж",9,9,36,null,36,100,"Участник","Иванова Ольга Геннадьевна","Мбоу \"Школа №77\""]
[336,"МБОУ «Средняя общеобразовательная школа №171 с углубленным изучением отдельных предметов» Советского района г. Казани (Школа - центр компетенции в электронном образовании)","Валиуллина","Ф.","Р.","2006-07-20","Ж",9,9,35,null,35,100,"Участник","Владимирова Ильсияр Аглямовна","Муниципальное бюджетное общеобразовательное учреждение \"Школа №171\" Советского района г.Казани"]
[337,"Муниципальное бюджетное общеобразовательное учреждение «Многопрофильный лицей №185» Советского района г.Казани","Мустафаева","К.","К.","2007-07-17","Ж",9,9,35,null,35,100,"Участник","Ишмеева Алия Илхамовна","Муниципальное бюджетное общеобразовательное учреждение «Многопрофильный лицей №185» Советского района г.Казани"]
[338,"Муниципальное бюджетное общеобразовательное учреждение «Многопрофильный лицей №185» Советского района г.Казани","Ногуманова","К.","К.","31.07.2006","Ж",9,9,34,null,34,100,"Участник","Ишмеева АлияИлхамовна","МБОУ\"Многопрофильный лицей №185\""]
[339,"Муниципальное автономное общеобразовательное учреждение «Гимназия №19» Приволжского района г. Казани","Филипов","А.","А.","2006-11-15","М",9,9,34,null,34,100,"Участник","Никонорова Евгения Александровна","Муниципальное автономное образовательное учреждение \"Гимназия№19\""]
[340,"Муниципальное бюджетное общеобразовательное учреждение «Гимназия №21» Приволжского района г. Казани","Шакиров","Э.","Э.","2006-10-26","М",9,9,34,null,34,100,"Участник","Филюнин Владимир Александрович","МБОУ \" Гимназия № 21\" Приволжского района г Казани"]
[341,"Муниципальное автономное общеобразовательное учреждение «Средняя общеобразовательная школа №39 с углубленным изучением английского языка» Вахитовского района г. Казани","Шафеев","М.","А.","2006-04-14","М",9,9,34,null,34,100,"Участник","Акимова Ирина Сергеевна","Муниципальное автономное общеобразовательное учреждение \"Средняя общеобразовательная школа №39 с углубленным изучением английского языка\" Вахитовского района г.Казани"]
[342,"ГАОУ \"Полилингвальный комплекс \"Адымнар-Казань\"","Давлетшина","Р.","Р.","2006-03-22","Ж",9,9,33,null,33,100,"Участник","Шамсутдинов Динар Загитович","Государственное автономное общеобразовательное учреждение \"Полилингвальный комплекс \"Адымнар - путь к знаниям и согласию\" г.Казан"]
[343,"Муниципальное бюджетное общеобразовательное учреждение «Гимназия №125» Советского района г. Казани","Журавлева","О.","Ю.","2006-06-29","Ж",9,9,33,null,33,100,"Участник","Патранина Татьяна Ивановна","Муниципальное бюджетное общеобразовательное учреждение \"Гимназия №125\" г. Казани Республики Татарстан"]
[344,"Муниципальное бюджетное общеобразовательное учреждение «Гимназия №122 имени Ж.А. Зайцевой» Московского района г.Казани","Назырова","А.","А.","2006-04-27","Ж",9,9,33,null,33,100,"Участник","Чайковская Светлана Валентиновна","МБОУ \"Гимназия №122 имени Ж.А.Зайцевой\""]
[345,"Муниципальное бюджетное общеобразовательное учреждение «Татарская гимназия №2 имени Шигабутдина Марджани при Казанском Федеральном Университете» Московского района г.Казани","Хайруллина","С.","М.","2006-07-05","Ж",9,9,33,null,33,100,"Участник","Юнусова Гузель Равилевна","МБОУ \"Татарская гимназия № 2\""]
[346,"Муниципальное автономное общеобразовательное учреждение «Гимназия №19» Приволжского района г. Казани","Арсланов","Д.","И.","2006-10-30","М",9,9,32,null,32,100,"Участник","Галиахметов Артур Каримович","Муниципальное автономное образовательное учреждение \"Гимназия№19\""]
[347,"Муниципальное автономное общеобразовательное учреждение \"Гимназия №141\" Советского района г.Казани","Кириллов","М.","Д.","2006-09-28","М",9,9,32,null,32,100,"Участник","Гармашова Ю.Н.","МАОУ СОШ № 141"]
[348,"МУНИЦИПАЛЬНОЕ БЮДЖЕТНОЕ ОБЩЕОБРАЗОВАТЕЛЬНОЕ УЧРЕЖДЕНИЕ \"Средняя общеобразовательная школа №99\" Московского района г. Казани","Помигуев","Г.","П.","2005-12-29","М",9,9,32,null,32,100,"Участник","Зарипова Миляуша Ринатовна","Муниципальное бюджетное общеобразовательное учреждение \"Школа №99\" г.Казани Республики Татарстан"]
[349,"МБОУ «Лицей №149 с татарским языком обучения» Советского района г. Казани","Сафиуллин","Д.","М.","2006-03-04","М",9,9,32,null,32,100,"Участник","Самигуллина Гульназ Габдулкаюмовна","Муниципальное бюджетное общеобразовательное учреждение \"Лицей № 149 с татарским языком обучения\"\" г.Казани Республики Татарстан"]
[350,"Муниципальное автономное общеобразовательное учреждение \"Гимназия №141\" Советского района г.Казани","Сидоров","О.","А.","2006-08-17","М",9,9,32,null,32,100,"Участник","Гармашова Ю.Н.","МАОУ СОШ № 141"]
[351,"ГАОУ \"Полилингвальный комплекс \"Адымнар-Казань\"","Федотова","С.","А.","2006-04-07","Ж",9,9,32,null,32,100,"Участник","Шамсутдинов Динар Загитович","Государственное автономное общеобразовательное учреждение \"Полилингвальный комплекс \"Адымнар - путь к знаниям и согласию\" г.Казан"]
[352,"Муниципальное бюджетное общеобразовательное учреждение \"Средняя общеобразовательная школа №77\" Авиастроительного района г. Казани","Юлдашева","Р.","Ф.","2006-04-29","Ж",9,9,31,null,31,100,"Участник","Иванова Ольга Геннадьевна","Мбоу \"Школа№77\""]
[353,"Частное общеобразовательное учреждение средняя общеобразовательная школа «Елена-Сервис»","Тарасова","Е.","А.","2006-10-07","Ж",9,9,30,null,30,100,"Участник","Якимова Ирина Владимировна","ЧОУ СОШ \"Елена-Сервис\""]
[354,"МАОУ \"Лицей №121 имени Героя Советского Союза С. А. Ахтямова\" Советского района г.Казани","Шаехов","А.","А.","2006-09-17","М",9,9,30,null,30,100,"Участник","Восканова Елена Михайловна","Муниципальное автономное общеобразовательное учреждение \"Лицей №121\" г.Казани Республики Татарстан"]
[355,"МБОУ «Средняя общеобразовательная школа №72 с углубленным изучением немецкого языка» Советского района г. Казани","Муллагалиев","Д.","Р.","2006-08-18","М",9,9,29,null,29,100,"Участник","Корнеева Елена Викторовна","Муниципальное бюджетное общеобразовательное учреждение \"Школа №72\" г.Казани Республики Татарстан"]
[356,"Муниципальное бюджетное общеобразовательное учреждение \"Гимназия №10\" Авиастроительного района г.Казани","Сахибгареев","Р.","М.","2006-07-31","М",9,9,29,null,29,100,"Участник","Валитова Зульфия Камилевна","МБОУ \"гимназия №10\" Авиастроительного района г. Казани"]
[357,"Муниципальное бюджетное общеобразовательное учреждение «Гимназия №13 с татарским языком обучения» Ново-Савиновского района г.Казани","Зайдуллов","А.","А.","2006-02-21","М",9,9,28,null,28,100,"Участник","Низамова Лилия Габделхалимовна","Муниципальное бюджетное общеобразовательное учреждение \"Гимназия № 13 с татарским яыком обучения\" Ново-Савиновско района г. Казани "]
[358,"Муниципальное бюджетное общеобразовательное учреждение «Основная общеобразовательная русско- татарская школа №115» Авиастроительного района г. Казани","Миронов  ","Н.","С.","2005-12-26","М",9,9,28,null,28,100,"Участник","Клетнёва Анастасия Валерьевна","МБОУ \"Школа №115\""]
[359,"Муниципальное бюджетное общеобразовательное учреждение «Татарская гимназия №2 имени Шигабутдина Марджани при Казанском Федеральном Университете» Московского района г.Казани","Хаерзин","Т.","Р.","2006-09-28","М",9,9,28,null,28,100,"Участник","Насыбуллина Резеда Сайриновна","МБОУ \"Татарская гимназия № 2\""]
[360,"Муниципальное бюджетное общеобразовательное учреждение «Гимназия №6» Приволжского района г. Казани","Гареев","А.","Р.","2006-10-04","М",9,9,27,null,27,100,"Участник","Загулов Андрей Владимирович","Муниципальное бюджетное общеобразовательное учреждение \"Гимназия № 6\" Приволжского района г.Казани Республики Татарстан"]
[361,"МБОУ \"Лицей №78 \"Фарватер\" Приволжского района г. Казани","Дублевич","В.","М.","2005-10-16","Ж",9,9,27,null,27,100,"Участник","Тумакаева Зухра Наилевна","МБОУ \"Лицей №78 \"Фарватер\""]
[362,"МБОУ «Русско-татарская средняя общеобразовательная школа №129» Приволжского района г. Казани","Романова","Я.","С.","2006-05-17","Ж",9,9,27,null,27,100,"Участник","Олексенко Ольга Александровна","Муниципальное бюджетное общеобразовательное учреждение \"Русско-татарская школа №129\"Приволжского района города Казани"]
[363,"Муниципальное бюджетное общеобразовательное учреждение «Многопрофильный лицей №187» Советского района г.Казани","Хайрутдинова","К.","Р.","2006-07-26","Ж",9,9,27,null,27,100,"Участник","Квитко Мария Владимировна","МБОУ \"Многопрофильный лицей 187\""]
[364,"Муниципальное бюджетное общеобразовательное учреждение «Средняя общеобразовательная школа №12» Вахитовского района г. Казани","Гальперин","М.","Д.","2006-09-27","М",9,9,26,null,26,100,"Участник","Земницкая М.А","МБОУ «Школа № 12» Вахитовского района г. Казани"]
[365,"Муниципальное бюджетное общеобразовательное учреждение «Средняя общеобразовательная школа №38» Ново-Савиновского района г.Казани","Журавлев","И.","М.","2006-03-10","М",9,9,26,null,26,100,"Участник","Хакимова Алеся Дмитриевна","Муниципальное бюджетное общеобразовательное учреждение \"Школа №38\" г.Казани Республики Татарстан"]
[366,"Муниципальное бюджетное общеобразовательное учреждение «Гимназия №94» Московского района г. Казани","Ильдуганов","Д.","М.","2006-02-24","М",9,9,26,null,26,100,"Участник","Сафина Гульнара Исламовна","Муниципальное бюджетное общеобразовательное учреждение \"Гимназия №94\" г.Казани Республики Татарстан"]
[367,"Муниципальное бюджетное общеобразовательное учреждение \"Средняя общеобразовательная школа № 54 с углубленным изучением отдельных предметов\" Авиастроительного района  г. Казани","Савельев","К.","М.","2005-04-14","М",9,9,26,null,26,100,"Участник","Красильникова Светлана Викторовна","Муниципальное бюджетное общеобразовательное учреждение \"Школа №54\" г.Казани Республики Татарстан"]
[368,"МБОУ \"Средняя русско-татарская общеобразовательная школа №57\" Кировского района г.Казани","Спирюхина","Е.","Д.","2006-01-22","Ж",9,9,26,null,26,100,"Участник","Варфоломеева Зоя Владимировна","МБОУ \"Школа №57\""]
[369,"ГАОУ \"Полилингвальный комплекс \"Адымнар-Казань\"","Гарипов","А.","Р.","2006-07-04","Ж",9,9,25,null,25,100,"Участник","Шамсутдинов Динар Загитович","Государственное автономное общеобразовательное учреждение \"Полилингвальный комплекс \"Адымнар - путь к знаниям и согласию\" г.Казан"]
[370,"МБОУ \"Средняя русско-татарская общеобразовательная школа №57\" Кировского района г.Казани","Трушкова","А.","А.","2006-08-03","Ж",9,9,25,null,25,100,"Участник","Варфоломеева Зоя Владимировна","МБОУ \"Школа №57\""]
[371,"Муниципальное бюджетное общеобразовательное учреждение «Гимназия №7 имени Героя России А.В.Козина» Ново-Савиновского района г.Казани. Школа-центр компетенции в электронном образовании","Черныш","А.","В.","2006-07-05","М",9,9,25,null,25,100,"Участник","Ипполитова Лариса Владимировна","Муниципальное бюджетное общеобразовательное учреждение \"Гимнзия N7\" г.Казани Республики Татарстан"]
[372,"Муниципальное автономное общеобразовательное учреждение «Гимназия №139 - Центр образования» Приволжского района г. Казани","Шамгунова","Э.","Р.","2006-10-20","Ж",9,9,25,null,25,100,"Участник","Блохина Лилия Надировна","Муниципальное автономное общеобразовательное учреждение \"Гимназия №139-Центр образования\" Приволжского района г.Казани"]
[373,"Муниципальное бюджетное общеобразовательное учреждение «Гимназия №18 с татарским языком обучения» Приволжского района г. Казани","Газизова","Д.","А.","2006-03-12","Ж",9,9,24,null,24,100,"Участник","Усманова Эльмира Расыховна","Муниципальное бюджетное общеобразовательное учреждение \"Гимназия №18 с татарским языком обучения\" Приволжского р-на г.Казани РТ"]
[374,"Муниципальное бюджетное общеобразовательное учреждение  \"Татарская гимназия №15\" Кировского района г.Казани","Галеев","А.","Р.","2005-11-03","М",9,9,24,null,24,100,"Участник","Сагдиева Феруза Идрисовна","Муниципальное бюджетное общеобразовательное учреждение \"Татарская гимназия №15\" г.Казани Республики Татарстан"]
[375,"Муниципальное бюджетное общеобразовательное учреждение «Гимназия №13 с татарским языком обучения» Ново-Савиновского района г.Казани","Чернаков ","С.","С.","2006-06-23","М",9,9,24,null,24,100,"Участник","Низамова Лилия Габделхалимовна","Муниципальное бюджетное общеобразовательное учреждение \"Гимназия № 13 с татарским яыком обучения\" Ново-Савиновско района г. Казани "]
[376,"Муниципальное автономное общеобразовательное учреждение «Средняя общеобразовательная школа №39 с углубленным изучением английского языка» Вахитовского района г. Казани","Галимов","Т.","Л.","2006-11-03","М",9,9,23,null,23,100,"Участник","Акимова Ирина Сергеевна","Муниципальное автономное общеобразовательное учреждение \"Средняя общеобразовательная школа №39 с углубленным изучением английского языка\" Вахитовского района г.Казани"]
[377,"Муниципальное бюджетное общеобразовательное учреждение \"Средняя общеобразовательная школа  с углубленным изучением отдельных предметов №62\" Авиастроительного района г.Казани","Калинин","Е.","С.","2006-05-25","М",9,9,23,null,23,100,"Участник","Иванкова Ольга Алексеевна","Муниципальное бюджетное общеобразовательное учреждение \"Школа № 62\" Авиастроительного района г.Казани Республики Татарстан"]
[378,"МБОУ \"Лицей №83-Центр образования\"","Мухаметшина ","З. ","Р.","2006-02-16","Ж",9,9,23,null,23,100,"Участник","Ануфриева Лариса Анатольевна","МБОУ \"Лицей №83-Центр образования\""]
[379,"МБОУ \"Лицей №83-Центр образования\"","Гатауллин ","А. ","Д.","2006-08-30","М",9,9,22,null,22,100,"Участник","Ануфриева Лариса Анатольевна","МБОУ \"Лицей №83-Центр образования\""]
[380,"Муниципальное бюджетное общеобразовательное учреждение «Основная общеобразовательная русско- татарская школа №115» Авиастроительного района г. Казани","Ибрагимова ","А. ","Р.","2006-04-28","Ж",9,9,22,null,22,100,"Участник","Клетнёва Анастасия Валерьевна","МБОУ \"Школа №115\""]
[381,"Муниципальное бюджетное общеобразовательное учреждение «Гимназия №7 имени Героя России А.В.Козина» Ново-Савиновского района г.Казани. Школа-центр компетенции в электронном образовании","Косолапов","К.","А.","2006-10-24","М",9,9,22,null,22,100,"Участник","Ипполитова Лариса Владимировна","Муниципальное бюджетное общеобразовательное учреждение \"Гимнзия N7\" г.Казани Республики Татарстан"]
[382,"Муниципальное бюджетное общеобразовательное учреждение «Татарская гимназия №1 им.Г.Тукая» Вахитовского района г. Казани","Лапина","В.","В.","2006-11-26","Ж",9,9,22,null,22,100,"Участник","Ахметшина Алсу Тальгатовна","МБОУ \"Татарская гимназия №1 им.  Г. Тукая\" Вахитовского района г. Казани"]
[383,"Муниципальное бюджетное общеобразовательное учреждение \"Средняя общеобразовательная школа № 70 с углубленным изучением отдельных предметов\" Кировского района г.Казани","Мингалеева","З.","Л.","неверная дата","Ж",9,9,22,null,22,100,"Участник","Никифорова Татьяна Егоровна","Муниципальное бюджетное общеобразовательное учреждение \"Школа №70\" г.Казани Республики Татарстан"]
[384,"Муниципальное бюджетное общеобразовательное учреждение  \"Русско-татарская средняя общеобразовательная школа №81 с углубленным изучением отдельных предметов имени В.А.Григорьева\" Кировского района г. Казани","Михайлова","Т.","А.","2007-02-09","Ж",9,9,22,null,22,100,"Участник","Лазарева Ольга Салиховна","Муниципальное бюджетное общеобразовательное учреждение \"Русско-татарская средняя общеобразовательная школа №81 с углубленным изучением отдельных предметов имени В.А. Григорьева\" Кировского района г.Казани Республики Татарстан"]
[385,"Муниципальное бюджетное общеобразовательное учреждение «Гимназия №75» Московского района г.Казани","Табаев","А.","И.","2006-08-26","М",9,9,22,null,22,100,"Участник","Султанова Кадрия Ханяфиевна","Муниципальное бюджетное общеобразовательное учреждение \"Гимназия № 75\" г.Казани Республики Татарстан"]
[386,"Муниципальное бюджетное общеобразовательное учреждение «Средняя общеобразовательная школа №42» Приволжского района г. Казани","Скрябин","Р.","С.","2007-08-21","М",9,9,21,null,21,100,"Участник","Аисова Зульфия Абдуловна","Муниципальное бюджетное общеобразовательное учреждение \"Школа №42\" г.Казани Республики Татарстан"]
[387,"МБОУ \"Лицей №78 \"Фарватер\" Приволжского района г. Казани","Тургенева","А.","М.","2006-11-13","Ж",9,9,21,null,21,100,"Участник","Тумакаева Зухра Наилевна","МБОУ \"Лицей №78 \"Фарватер\""]
[388,"Муниципальное бюджетное общеобразовательное учреждение «Лицей №23» Ново-Савиновского района г.Казани","Назмеева","Р.","М.","2006-09-05","Ж",9,9,20,null,20,100,"Участник","Мустафина Айгуль Фагимовна","Муниципальное бюджетное общеобразовательное учреждение \"Лицей №23\" Ново - Савиновского г.Казани"]
[389,"Муниципальное бюджетное общеобразовательное учреждение «Гимназия №33» Авиастроительного района г. Казани","Сафина","Т.","Р.","2006-09-22","Ж",9,9,20,null,20,100,"Участник","Нуруллина Эльмира Рафиковна","МБОУ \" Гимназия №33\""]
[390,"Муниципальное бюджетное общеобразовательное учреждение «Средняя общеобразовательная русско-татарская школа №13» Вахитовского района г. Казани","Шигапов ","А.","М.","2006-07-04","М",9,9,20,null,20,100,"Участник","Григорьева Ангелина Борисовна","Муниципальное бюджетное общеобразовательное учреждение «Школа №13» г. Казани Республики Татарстан"]
[391,"Муниципальное бюджетное общеобразовательное учреждение «Гимназия №33» Авиастроительного района г. Казани","Абубакирова","К.","А.","2006-06-22","Ж",9,9,19,null,19,100,"Участник","Нуруллина Эльмира Рафиковна","МБОУ \" Гимназия №33\""]
[392,"Муниципальное бюджетное общеобразовательное учреждение  «Гимназия №27 с татарским языком обучения» Вахитовского района г. Казани","Галеева","Г.","А.","2006-08-31","Ж",9,9,19,null,19,100,"Участник","Фахрутдинова Файруза Раефовна","Муниципальное бюджетное общеобразовательное учреждение \"Гимназия №27 с татарским языком обучения\" г.Казани Республики Татарстан"]
[393,"Муниципальное бюджетное общеобразовательное учреждение «Гимназия №21» Приволжского района г. Казани","Гараева","К.","И.","2006-06-07","Ж",9,9,19,null,19,100,"Участник","Филюнин ВладимирАлександрович ","МБОУ \" Гимназия № 21\" Приволжского района г Казани"]
[394,"Муниципальное бюджетное общеобразовательное учреждение «Средняя общеобразовательная школа №167 с углубленным изучением отдельных предметов» Советского района г. Казани","Гузаирова","Д.","А.","2006-02-06","Ж",9,9,19,null,19,100,"Участник","Макарова Светлана Анатольевна","Муниципальное бюджетное общеобразовательное учреждение «Средняя общеобразовательная школа № 167 с углубленным изучением отдельных предметов» Советского района г. Казани"]
[395,"Муниципальное бюджетное общеобразовательное учреждение «Гимназия №6» Приволжского района г. Казани","Ещенко","А.","Е.","2006-03-29","М",9,9,19,null,19,100,"Участник","Загулов Андрей Владимирович","Муниципальное бюджетное общеобразовательное учреждение \"Гимназия № 6\" Приволжского района г.Казани Республики Татарстан"]
[396,"МБОУ \"Лицей №83-Центр образования\"","Пыженкова ","А. ","Е.","2006-03-25","Ж",9,9,19,null,19,100,"Участник","Ануфриева Лариса Анатольевна","МБОУ \"Лицей №83-Центр образования\""]
[397,"Муниципальное бюджетное общеобразовательное учреждение «Средняя общеобразовательная русско-татарская школа №13» Вахитовского района г. Казани","Асылгареев","И.","Т.","2006-03-30","М",9,9,18,null,18,100,"Участник","Григорьева Ангелина Борисовна","Муниципальное бюджетное общеобразовательное учреждение «Школа №13» г. Казани Республики Татарстан"]
[398,"МБОУ «Лицей №149 с татарским языком обучения» Советского района г. Казани","Вафина","Я.","И.","2006-07-06","Ж",9,9,18,null,18,100,"Участник","Самигуллина Гульназ Габдулкаюмовна","Муниципальное бюджетное общеобразовательное учреждение \"Лицей № 149 с татарским языком обучения\"\" г.Казани Республики Татарстан"]
[399,"Муниципальное бюджетное общеобразовательное учреждение «Гимназия №8- Центр образования» Советского района г. Казани","Ефимова","О.","А.","2006-07-03","Ж",9,9,18,null,18,100,"Участник","Грошева Татьяна Александровна","Муниципальное бюджетное общеобразовательное учреждение \"Гимназия №8-Центр Образования\" г.Казани Республики Татарстан"]
[400,"Муниципальное бюджетное общеобразовательное учреждение «Средняя общеобразовательная школа №140» Советского района г. Казани (с дошкольным отделением)","Семенова","В.","Ф.","2006-08-11","Ж",9,9,18,null,18,100,"Участник","Кулинич Олег Аркадьевич","МБОУ \"СОШ №140\"  Советского района г.Казани "]
[401,"Муниципальное бюджетное общеобразовательное учреждение «Гимназия №18 с татарским языком обучения» Приволжского района г. Казани","Шайхаттарова","К.","Р.","2006-06-22","Ж",9,9,18,null,18,100,"Участник","Усманова Эльмира Расыховна","Муниципальное бюджетное общеобразовательное учреждение \"Гимназия №18 с татарским языком обучения\" Приволжского р-на г.Казани РТ"]
[402,"Муниципальное бюджетное общеобразовательное учреждение «Гимназия № 90» Советского района г. Казани","Абдрахманов","И.","Т.","2006-02-02","М",9,9,17,null,17,100,"Участник","Михайлова Тамара Борисовна","Муниципальное бюджетное общеобразовательное учреждение «Гимназия №90» Советского района г. Казани"]
[403,"МБОУ «Средняя общеобразовательная школа № 9 с углубленным изучением английского языка» Ново-Савиновского района г.Казани","Ахмадуллин","А.","Р.","2006-09-04","М",9,9,17,null,17,100,"Участник","Былинкина Ирина Анатольевна","МБОУ \"Школа №9\" Ново-Савиновского района г.Казани"]
[404,"Муниципальное бюджетное общеобразовательное учреждение \"Средняя общеобразовательная школа № 70 с углубленным изучением отдельных предметов\" Кировского района г.Казани","Джабиева","Ж.","Н.","2006-03-26","Ж",9,9,17,null,17,100,"Участник","Никифорова Татьяна Егоровна","Муниципальное бюджетное общеобразовательное учреждение \"Школа №70\" г.Казани Республики Татарстан"]
[405,"Муниципальное бюджетное общеобразовательное учреждение «Основная общеобразовательная русско- татарская школа №115» Авиастроительного района г. Казани","Лепешкина","Л.","К.","2006-02-26","Ж",9,9,17,null,17,100,"Участник","Клетнёва Анастасия Валерьевна","МБОУ \"Школа №115\""]
[406,"Муниципальное бюджетное общеобразовательное учреждение \"Средняя общеобразовательная школа №77\" Авиастроительного района г. Казани","Полякова","А.","Е.","2006-02-03","Ж",9,9,17,null,17,100,"Участник","Иванова Ольга Геннадьевна","МБОУ \"Школа№77\""]
[407,"Муниципальное бюджетное общеобразовательное учреждение «Лицей №23» Ново-Савиновского района г.Казани","Ромазанов","Р.","Р.","2006-04-27","М",9,9,17,null,17,100,"Участник","Мустафина Айгуль Фагимовна","Муниципальное бюджетное общеобразовательное учреждение \"Лицей №23\" Ново - Савиновского г.Казани"]
[408,"Муниципальное автономное общеобразовательное учреждение «Гимназия №139 - Центр образования» Приволжского района г. Казани","Салимова","Д.","Р.","2006-02-25","Ж",9,9,17,null,17,100,"Участник","Блохина Лилия Надировна","Муниципальное автономное общеобразовательное учреждение \"Гимназия №139-Центр образования\" Приволжского района г.Казани"]
[409,"Муниципальное бюджетное общеобразовательное учреждение «Гимназия № 90» Советского района г. Казани","Хайбуллина","К.","И.","2006-10-25","Ж",9,9,17,null,17,100,"Участник","Михайлова Тамара Борисовна","Муниципальное бюджетное общеобразовательное учреждение «Гимназия №90» Советского района г. Казани"]
[410,"Муниципальное бюджетное общеобразовательное учреждение \"Средняя общеобразовательная школа № 169\" Советского района г. Казани","Вавилов","В.","М.","2006-05-13","М",9,9,16,null,16,100,"Участник","Кадырова Гузель Рафаэльевна","Муниципальное бюджетное общеобразовательное учреждение \"Школа №169\" г.Казани Республики Татарстан"]
[411,"Муниципальное бюджетное общеобразовательное учреждение \"Средняя общеобразовательная школа №32\" Кировского района г. Казани","Стась","Н.","А.","2006-08-26","М",9,9,16,null,16,100,"Участник","Салахов Динар Дамирович","МБОУ \"Школа №32\" Кировского района г. Казани"]
[412,"Муниципальное бюджетное общеобразовательное учреждение «Средняя общеобразовательная школа №140» Советского района г. Казани (с дошкольным отделением)","Яранов","Н.","С.","2006-05-11","М",9,9,16,null,16,100,"Участник","Кулинич Олег Аркадьевич","МБОУ \"СОШ №140\" Советского района г.Казани "]
[413,"МБОУ \"Средняя русско-татарская общеобразовательная школа №57\" Кировского района г.Казани","Макарычева ","К.","К.","2006-04-25","Ж",9,9,15,null,15,100,"Участник","Варфоломеева Зоя Владимировна","МБОУ \"Школа №57\""]
[414,"Муниципальное бюджетное общеобразовательное учреждение \"Лицей № 35 - образовательный центр \"Галактика\" Приволжского района города Казани","Халметова","С.","Т.","2006-06-14","Ж",9,9,15,null,15,100,"Участник","Ахметзянов Ильназ Зуфарович","Муниципальное бюджетное общеобразовательное учреждение \"Лицей №35 - образовательный центр \"Галактика\" Приволжского района города Казани"]
[415,"Муниципальное бюджетное общеобразовательное учреждение \"Средняя общеобразовательная школа № 169\" Советского района г. Казани","Шеботнева","Л.","Д.","2006-08-03","Ж",9,9,15,null,15,100,"Участник","Кадырова Гузель Рафаэльевна","Муниципальное бюджетное общеобразовательное учреждение \"Школа №169\" г.Казани Республики Татарстан"]
[416,"Муниципальное бюджетное общеобразовательное учреждение \"Средняя общеобразовательная школа №77\" Авиастроительного района г. Казани","Абрамова","З.","А.","2005-12-06","Ж",9,9,14,null,14,100,"Участник","Иванова Ольга Геннадьевна","МБОУ \"Школа№77\""]
[417,"Муниципальное бюджетное общеобразовательное учреждение «Средняя общеобразовательная школа с углубленным изучением отдельных предметов №184 им.М.И.Махмутова» Советского района г.Казани","Ахунов","Т.","Д.","2006-01-20","М",9,9,14,null,14,100,"Участник","Насыбуллин Л.А.","Муниципальное бюджетное общеобразовательное учреждение \"Школа №184\" г. Казани Республики Татарстан"]
[418,"Муниципальное бюджетное общеобразовательное учреждение  «Гимназия №14» Авиастроительного района г. Казани","Потемкина","А.","А.","2006-03-31","Ж",9,9,14,null,14,100,"Участник","Камаева Лилия Габдулхалимовна","Муниципальное бюджетное общеобразовательное учреждение \"Гимназия №14\" г.Казани Республики Татарстан"]
[419,"МБОУ «Татарско-русская средняя общеобразовательная школа №68 с углублённым изучением отдельных предметов» Приволжского района г. Казани","Соколова","А.","А.","2006-03-24","Ж",9,9,14,null,14,100,"Участник","Айдимирова Людмила Олеговна","Муниципальное бюджетное общеобразовательное учреждение \"Школа №68\" Приволжского р-на г.Казани Республики Татарстан"]
[420,"МБОУ «Русско-татарская средняя общеобразовательная школа №129» Приволжского района г. Казани","Хусаенова","А.","А.","2006-10-30","Ж",9,9,14,null,14,100,"Участник","Олексенко Ольга Александровна","Муниципальное бюджетное общеобразовательное учреждение \"Русско-татарская школа №129\"Приволжского района города Казани"]
[421,"Муниципальное бюджетное общеобразовательное учреждение «Татарская гимназия №17 имени Г. Ибрагимова» Московского района г. Казани","Кадыйров","Н.","Р.","2006-12-11","М",9,9,13,null,13,100,"Участник","Фархутдинов Ильшат Мансурович","Муниципальное бюджетное общеобразовательное учреждение «Татарская гимназия №17 имени Г. Ибрагимова» Московского района г. Казани"]
[422,"Муниципальное бюджетное общеобразовательное учреждение \"Средняя общеобразовательная школа № 54 с углубленным изучением отдельных предметов\" Авиастроительного района  г. Казани","Назарова","М.","Р.","2006-08-09","Ж",9,9,13,null,13,100,"Участник","Красильникова Светлана Викторовна","Муниципальное бюджетное общеобразовательное учреждение \"Школа №54\" г.Казани Республики Татарстан"]
[423,"Муниципальное бюджетное общеобразовательное учреждение «Гимназия №122 имени Ж.А. Зайцевой» Московского района г.Казани","Большакова","А.","А.","2006-06-01","Ж",9,9,12,null,12,100,"Участник","Галихина Ляля Раисовна","МБОУ \"Гимназия №122 имени Ж.А.Зайцевой\""]
[424,"Муниципальное бюджетное общеобразовательное учреждение «Средняя общеобразовательная школа с углубленным изучением отдельных предметов №184 им.М.И.Махмутова» Советского района г.Казани","Воробьева","А.","Е.","2006-06-27","Ж",9,9,12,null,12,100,"Участник","Насыбуллин Л.А.","Муниципальное бюджетное общеобразовательное учреждение \"Школа №184\" г. Казани Республики Татарстан"]
[425,"Муниципальное бюджетное общеобразовательное учреждение «Средняя общеобразовательная школа №140» Советского района г. Казани (с дошкольным отделением)","Носова","К.","И.","2006-09-12","Ж",9,9,12,null,12,100,"Участник","Кулинич Олег Аркадьевич","МБОУ \"СОШ №140\"  Советского района г.Казани "]
[426,"Муниципальное бюджетное общеобразовательное учреждение «Многопрофильный лицей №187» Советского района г.Казани","Кузьмин","М.","Р.","2006-08-09","М",9,9,11,null,11,100,"Участник","Квитко Мария Владимировна","МБОУ \"Многопрофильный лицей 187\""]
[427,"МБОУ «Средняя общеобразовательная  русско-татарская школа №111» Советского района г. Казани","Ланцов","К.","Д.","2006-04-15","М",9,9,10,null,10,100,"Участник","Шагдалеева А.Ф.","Муниципальное бюджетное общеобразовательное учреждение \"Школа №111\" г.Казани Республики Татарстан"]
[428,"МБОУ \"Лицей №78 \"Фарватер\" Приволжского района г. Казани","Нуриев","А.","Н.","2006-03-29","М",9,9,10,null,10,100,"Участник","Шалаев Олег Тамерланович Муни","МБОУ \"Лицей №78 \"Фарватер\""]
[429,"Муниципальное бюджетное общеобразовательное учреждение  «Гимназия №126» Советского района г. Казани","Царева","К.","Р.","2006-06-02","Ж",9,9,10,null,10,100,"Участник","Абдуллина Алина Гаяновна","МБОУ \"Гимназия №126\""]
[430,"Муниципальное бюджетное общеобразовательное учреждение «Гимназия №122 имени Ж.А. Зайцевой» Московского района г.Казани","Рагузинская","Б.","В.","2006-03-20","Ж",9,9,9,null,9,100,"Участник","Галихина Ляля Раисовна","МБОУ \"Гимназия №122 имени Ж.А.Зайцевой\""]
[431,"Муниципальное автономное общеобразовательное учреждение «Гимназия №139 - Центр образования» Приволжского района г. Казани","Бабакова","М.","С.","2005-12-15","Ж",9,9,8,null,8,100,"Участник","Блохина Лилия Надировна","Муниципальное автономное общеобразовательное учреждение \"Гимназия №139-Центр образования\" Приволжского района г.Казани"]
[432,"Муниципальное автономное общеобразовательное учреждение  «Лицей-интернат №2» Московского района г. Казани","Нойкин","Г.","Г.","2005-05-14","М",10,10,80,8,88,100,"Победитель","Лазарев Юрий Юрьевич","МАОУ \"Лицей-интернат №2\""]
[433,"МБОУ «Русско-татарская средняя общеобразовательная школа №136» Приволжского района города Казани","Черепанова","М.","Е.","2005-12-18","Ж",10,10,84,null,84,100,"Призер","Чумарова Екатерина Андреевна","Муниципальное бюджетное общеобразовательное учреждение \"Школа №136\" г.Казани Республики Татарстан"]
[434,"Муниципальное автономное общеобразовательное учреждение «Гимназия №19» Приволжского района г. Казани","Тукмаков","П.","М.","2003-04-06","М",10,10,83,null,83,100,"Призер","Баранова Ольга Алексеевна","Муниципальное автономное образовательное учреждение \"Гимназия№19\""]
[435,"МАОУ «Лицей-интернат №7» Ново-Савиновского района г. Казани","Камалиев","К.","Ф.","2005-09-22","М",10,10,82,null,82,100,"Призер","Ахатов Ильяс Ахматович","Муниципальное автономное общеобразовательное учреждение \"Лицей-интернат №7\""]
[436,"Муниципальное автономное общеобразовательное учреждение \"Лицей №131\" Вахитовского района г. Казани","Безин","Д.","С.","2005-03-21","М",10,10,80,null,80,100,"Призер","Улыбин Григорий Иванович","МАОУ \"Лицей №131\""]
[437,"Специализированный учебный научный центр – общеобразовательная школа-интернат «IT-лицей» федерального государственного автономного образовательного учреждения высшего образования «Казанский (Приволжский) федеральный университет»","Мухаммадиева","Г.","С.","2005-03-22","Ж",10,10,75,4,79,100,"Призер","Белякова Ксения Валерьевна","ОШИ IТ-лицей ФГАОУ ВО К(П)ФУ"]
[438,"ФГКОУ «Казанское суворовское военное училище »","Славкин","Н.","А.","2005-08-25","М",10,10,74,null,74,100,"Призер","Задорин Александр Викторович","ФГКОУ «Казанское суворовское военное училище »"]
[439,"Муниципальное автономное общеобразовательное учреждение «Средняя общеобразовательная школа №39 с углубленным изучением английского языка» Вахитовского района г. Казани","Белов","И.","С.","2006-03-16","М",10,10,73,null,73,100,"Призер","Максимова Чулпан Афраимовна","Муниципальное автономное общеобразовательное учреждение \"Средняя общеобразовательная школа №39 с углубленным изучением английского языка\" Вахитовского района г.Казани"]
[440,"Муниципальное бюджетное общеобразовательное учреждение \"Политехнический лицей №182\" Кировского района г.Казани","Панченко","А.","Р.","2005-02-11","Ж",10,10,73,null,73,100,"Призер","Кручинина Злата Романовна","Муниципальное бюджетное общеобразовательное учреждение \"Политехнический лицей №182\" Кировского района г.Казани"]
[441,"Муниципальное бюджетное общеобразовательное учреждение \"Гимназия № 179-центр образования\" Ново-Савиновского района г.Казани","Романов","Д.","С.","2005-01-03","М",10,10,72,null,72,100,"Призер","Пекменова Алла Владимировна","Гимназия №179 -центр образования"]
[442,"ФГКОУ «Казанское суворовское военное училище »","Александров","А.","С.","2005-06-15","М",10,10,71,null,71,100,"Призер","Задорин Александр Викторович","ФГКОУ «Казанское суворовское военное училище »"]
[443,"Муниципальное бюджетное общеобразовательное учреждение \"Политехнический лицей №182\" Кировского района г.Казани","Ремезова","А.","Г.","2005-02-20","Ж",10,10,71,null,71,100,"Призер","Кручинина Злата Романовна","Муниципальное бюджетное общеобразовательное учреждение \"Политехнический лицей №182\" Кировского района г.Казани"]
[444,"Муниципальное автономное общеобразовательное учреждение «Гимназия №37» Авиастроительного района г. Казани","Калимуллина","А.","З.","2005-05-08","Ж",10,10,70,null,70,100,"Призер","Атлашкина Эльза Альбертовна","Муниципальное автономное общеобразовательное учреждение \"Гимназия №37\" г. Казани Республики Татарстан"]
[445,"Муниципальное автономное общеобразовательное учреждение «Средняя общеобразовательная школа №39 с углубленным изучением английского языка» Вахитовского района г. Казани","Капитонова","Ю.","Л.","2005-08-18","Ж",10,10,70,null,70,100,"Призер","Максимова Чулпан Афраимовна","Муниципальное автономное общеобразовательное учреждение \"Средняя общеобразовательная школа №39 с углубленным изучением английского языка\" Вахитовского района г.Казани"]
[446,"МБОУ «Гимназия № 174» Советского района г. Казани","Масленникова","Л.","С.","2005-06-02","Ж",10,10,67,3,70,100,"Призер","Михайлова Елена Павловна","Муниципальное бюджетное общеобразовательное учреждение \"Гимназия №174\"г.Казани Республики Татарстан"]
[447,"Муниципальное автономное общеобразовательное учреждение «Гимназия №19» Приволжского района г. Казани","Матюшин","М.","О.","2004-11-13","М",10,10,70,null,70,100,"Призер","Баранова Ольга Алексеевна","Муниципальное автономное образовательное учреждение \"Гимназия№19\""]
[448,"ФГКОУ «Казанское суворовское военное училище »","Назаров","С.","К.","2005-06-18","М",10,10,70,null,70,100,"Призер","Задорин Александр Викторович","ФГКОУ «Казанское суворовское военное училище »"]
[449,"ФГКОУ «Казанское суворовское военное училище »","Савельев","И.","К.","2005-05-25","М",10,10,68,null,68,100,"Призер","Задорин Александр Викторович","ФГКОУ «Казанское суворовское военное училище »"]
[450,"Муниципальное автономное общеобразовательное учреждение «Лицей №146 \"Ресурс\"» Ново-Савиновского района г. Казани","Гулиев","А.","С. О.","2005-04-10","М",10,10,66,null,66,100,"Призер","Халиуллина Резеда Рашидовна","Муниципальное автономное общеобразовательное учреждение \"Лицей 146\" г.Казани Республики Татарстан"]
[451,"ФГКОУ «Казанское суворовское военное училище »","Ефимов","А.","Н.","2005-08-30","М",10,10,65,null,65,100,"Призер","Задорин Александр Викторович","ФГКОУ \"Казанское суворовское военное училище\""]
[452,"МБОУ «Гимназия № 174» Советского района г. Казани","Галиев","Т.","Р.","2005-03-19","М",10,10,63,null,63,100,"Призер","Михайлова Елена Павловна","Муниципальное бюджетное общеобразовательное учреждение \"Гимназия №174\"г.Казани Республики Татарстан"]
[453,"Муниципальное бюджетное общеобразовательное учреждение «Лицей №159» Советского района г. Казани","Сулейманов","А.","А.","2005-03-14","М",10,10,63,null,63,100,"Призер","Валишина Дина Шамилевна","Муниципальное бюджетное общеобразовательное учреждение \"Лицей 159\" г.Казани Республики Татарстан"]
[454,"МБОУ «Средняя общеобразовательная школа №171 с углубленным изучением отдельных предметов» Советского района г. Казани (Школа - центр компетенции в электронном образовании)","Шакиров","А.","Р.","2005-11-07","М",10,10,63,null,63,100,"Призер","Владимирова Ильсияр Аглямовна","Муниципальное бюджетное общеобразовательное учреждение \"Школа №171\" Советского района г.Казани"]
[455,"Общеобразовательная школа-интернат «Лицей имени Н.И. Лобачевского» федерального государственного автономного образовательного учреждения высшего образования \"Казанский (Приволжский) федеральный университет\"","Ситдиков","А.","А.","2005-01-25","М",10,10,59,3,62,100,"Призер","Егорова Алевтина Николаевна","ОШИ \"Лицей имени Н.И. Лобачевского\" КФУ"]
[456,"Муниципальное бюджетное общеобразовательное учреждение «Гимназия №94» Московского района г. Казани","Хусаинов","А.","Р.","2005-04-12","М",10,10,60,null,60,100,"Призер","Ногманова Наталья Ливерьевна","Муниципальное бюджетное общеобразовательное учреждение \"Гимназия №94\" Московского района г. Казани"]
[457,"Муниципальное бюджетное общеобразовательное учреждение «Лицей №23» Ново-Савиновского района г.Казани","Вагапов","Л.","Д.","2004-12-04","М",10,10,58,null,58,100,"Призер","Мустафина Айгуль Фагимовна","Муниципальное бюджетное общеобразовательное учреждение \"Лицей №23\" Ново - Савиновского г.Казани"]
[458,"Муниципальное автономное общеобразовательное учреждение \"Лицей №131\" Вахитовского района г. Казани","Загидуллин","Д.","М.","2005-01-10","М",10,10,58,null,58,100,"Призер","Улыбин Григорий Иванович","МАОУ \"Лицей №131\""]
[459,"Муниципальное Бюджетное Общеобразовательное Учреждение \"Средняя общеобразовательная школа №151 с углубленным изучением отдельных предметов\" Кировского района г.Казани","Фокеева","В.","Р.","2006-01-23","Ж",10,10,58,null,58,100,"Призер","Маркина Анна Александровна","Муниципальное бюджетное общеобразовательное учреждение «Средняя общеобразовательная школа №151 с углубленным изучением отдельных предметов» Кировского района города Казани"]
[460,"Муниципальное бюджетное общеобразовательное учреждение «Гимназия № 90» Советского района г. Казани","Иминова","Л.","М.","2004-11-21","Ж",10,10,57,null,57,100,"Участник","Володин Александр Геннадьевич","Муниципальное бюджетное общеобразовательное учреждение «Гимназия №90» Советского района г. Казани"]
[461,"Муниципальное Бюджетное Общеобразовательное Учреждение \"Средняя общеобразовательная школа №151 с углубленным изучением отдельных предметов\" Кировского района г.Казани","Васина","А.","И.","2005-03-25","Ж",10,10,56,null,56,100,"Участник","Маркина Анна Александровна","Муниципальное бюджетное общеобразовательное учреждение «Средняя общеобразовательная школа №151 с углубленным изучением отдельных предметов» Кировского района города Казани"]
[462,"Муниципальное бюджетное образовательное учреждение «Средняя общеобразовательная татарско-русская школа №34» Московского района г. Казани","Орлова","А.","М.","2005-08-23","Ж",10,10,55,null,55,100,"Участник","Лебедева Оксана Валеьевна","МБОУ \"Средняя общеобразовательная татарско-русская школа №34\" Московского района г.Казани"]
[463,"Муниципальное бюджетное общеобразовательное учреждение «Гимназия № 90» Советского района г. Казани","Самигуллина","А.","И.","2005-06-12","Ж",10,10,55,null,55,100,"Участник","Володин Александр Геннадьевич","Муниципальное бюджетное общеобразовательное учреждение «Гимназия №90» Советского района г. Казани"]
[464,"Муниципальное бюджетное общеобразовательное учреждение «Гимназия № 90» Советского района г. Казани","Боваджонова","М.","С.","2005-07-06","Ж",10,10,54,null,54,100,"Участник","Володин Александр Геннадьевич","Муниципальное бюджетное общеобразовательное учреждение «Гимназия №90» Советского района г. Казани"]
[465,"Муниципальное бюджетное общеобразовательное учреждение «Гимназия № 90» Советского района г. Казани","Гайсин","Д.","А.","2005-01-11","М",10,10,54,null,54,100,"Участник","Володин Александр Геннадьевич","Муниципальное бюджетное общеобразовательное учреждение «Гимназия №90» Советского района г. Казани"]
[466,"Муниципальное бюджетное общеобразовательное учреждение «Лицей №83 - Центр образования» Приволжского района г. Казани","Сафаров","М.","М.","2005-06-06","М",10,10,52,null,52,100,"Участник","Бегунова Мария Александровна","Муниципальное бюджетное общеобразовательное учреждение «Лицей №83 - Центр образования» Приволжского района г. Казани"]
[467,"Муниципальное автономное общеобразовательное учреждение «Лицей №146 \"Ресурс\"» Ново-Савиновского района г. Казани","Шакиров","А.","З.","2005-07-06","М",10,10,52,null,52,100,"Участник","Халиуллинв Резеда Рашидовна","Муниципальное автономное общеобразовательное учреждение \"Лицей 146\" г.Казани Республики Татарстан"]
[468,"Муниципальное бюджетное общеобразовательное учреждение  \"Русско-татарская средняя общеобразовательная школа №81 с углубленным изучением отдельных предметов имени В.А.Григорьева\" Кировского района г. Казани","Запевалов","Е.","Р.","2004-12-02","М",10,10,50,null,50,100,"Участник","Лазарева Ольга Салиховна","Муниципальное бюджетное общеобразовательное учреждение \"Русско-татарская средняя общеобразовательная школа №81 с углубленным изучением отдельных предметов имени В.А. Григорьева\" Кировского района г.Казани Республики Татарстан"]
[469,"МБОУ «Средняя общеобразовательная школа №82 с углубленным изучением отдельных предметов им.Р.Г.Хасановой» Приволжского района г. Казани","Махов","И.","С.","2005-06-27","М",10,10,50,null,50,100,"Участник","Матвеев Игорь Владимирович","Муниципальное бюджетное общеобразовательное учреждение \"Школа №82\" г.Казани Республики Татарстан"]
[470,"Муниципальное бюджетное общеобразовательное учреждение \"Гимназия №10\" Авиастроительного района г.Казани","Шарифова","М.","М.","2004-03-27","Ж",10,10,50,null,50,100,"Участник","Валитова Зульфия Камилевна","МБОУ \"гимназия №10\" Авиастроительного района г. Казани"]
[471,"Муниципальное бюджетное общеобразовательное учреждение «Татарская гимназия №2 имени Шигабутдина Марджани при Казанском Федеральном Университете» Московского района г.Казани","Багавиев","А.","А.","2005-06-24","М",10,10,49,null,49,100,"Участник","Насыбуллина Резеда Сайриновна","МБОУ \"Татарская гимназия № 2\""]
[472,"Муниципальное автономное общеобразовательное учреждение «Гимназия-интернат №4» Кировского района г.Казани","Нигматуллина","Р.","В.","2004-06-14","Ж",10,10,49,null,49,100,"Участник","Амалиева Гузель Гадиловна","МАОУ \"Гимназия-интернат №4\" г.Казани"]
[473,"МБОУ «Средняя общеобразовательная школа № 9 с углубленным изучением английского языка» Ново-Савиновского района г.Казани","Петров","В.","А.","2005-05-12","М",10,10,49,null,49,100,"Участник","Черкес Сергей Вячеславович","МБОУ \"Школа №9\" Ново-Савиновского района г.Казани"]
[474,"Муниципальное бюджетное образовательное учреждение «Средняя общеобразовательная татарско-русская школа №34» Московского района г. Казани","Филимонова","А.","А.","2005-05-20","Ж",10,10,49,null,49,100,"Участник","Лебедева Оксана Валеьевна","МБОУ \"Средняя общеобразовательная татарско-русская школа №34\" Московского района г.Казани"]
[475,"Муниципальное бюджетное общеобразовательное учреждение «Средняя общеобразовательная школа с углубленным изучением отдельных предметов №184 им.М.И.Махмутова» Советского района г.Казани","Кудрова","К.","В.","2005-07-24","Ж",10,10,48,null,48,100,"Участник","Насыбуллин Л.А.","Муниципальное бюджетное общеобразовательное учреждение \"Школа №184\" г. Казани Республики Татарстан"]
[476,"Муниципальное бюджетное общеобразовательное учреждение «Гимназия №21» Приволжского района г. Казани","Романова","М. ","с.","2005-02-14","Ж",10,10,48,null,48,100,"Участник","Филюнин Владимир Александрович","МБОУ \" Гимназия № 21\" Приволжского района гКазани"]
[477,"Муниципальное бюджетное общеобразовательное учреждение «Многопрофильная гимназия №189 “Заман”» Кировского района г. Казани","Сафаров","Р.","Р.","2006-02-18","М",10,10,48,null,48,100,"Участник","Гимадеев Ильфат Халялетдинович","МБОУ Многопрофильная гимназия №189 \"Заман\""]
[478,"ФГКОУ «Казанское суворовское военное училище »","Смирнов","К.","Л.","2005-10-18","М",10,10,48,null,48,100,"Участник","Задорин Александр Викторович","ФГКОУ «Казанское суворовское военное училище »"]
[479,"МБОУ «Средняя общеобразовательная школа №171 с углубленным изучением отдельных предметов» Советского района г. Казани (Школа - центр компетенции в электронном образовании)","Малянов","Е.","П.","2004-10-13","Ж",10,10,47,null,47,100,"Участник","Владимирова Ильсияр Аглямовна","Муниципальное бюджетное общеобразовательное учреждение \"Школа №171\" Советского района г.Казани"]
[480,"МБОУ «Средняя общеобразовательная школа № 9 с углубленным изучением английского языка» Ново-Савиновского района г.Казани","Бобров","В.","Д.","2005-11-22","М",10,10,46,null,46,100,"Участник","Черкес Сергей Вячеславович","МБОУ \"Школа №9\" Ново-Савиновского района г.Казани"]
[481,"Муниципальное бюджетное общеобразовательное учреждение «Гимназия №93»  Советского района г.Казани","Гумеров","К.","И.","2005-07-06","М",10,10,46,null,46,100,"Участник","Гарифуллина Виктория Викторовна","МБОУ \"Гимназия №93\" Советского района г.Казани"]
[482,"Муниципальное бюджетное общеобразовательное учреждение \"Гимназия №3 с татарским языком обучения\"","Зиннатова","К.","А.","2005-10-16","Ж",10,10,46,null,46,100,"Участник","Гибадуллина Зиля Камиловна","Муниципальное бюджетное общеобразовательное учреждение \"Гимназия №3 с татарским языком обучения\" г.Казани Республики Татарстан"]
[483,"Муниципальное автономное общеобразовательное учреждение «Средняя общеобразовательная школа №18 с углубленным изучением английского языка» Вахитовского района г. Казани","Гильманов","А.","А.","2005-01-09","М",10,10,43,null,43,100,"Участник","Бухарина Ирина Владимировна","МОАУ СОШ № 18"]
[484,"Муниципальное автономное общеобразовательное учреждение «Гимназия №19» Приволжского района г. Казани","Гузельбаева","С.","А.","2005-07-05","Ж",10,10,43,null,43,100,"Участник","Никонорова Евгения Александровна","Муниципальное автономное образовательное учреждение \"Гимназия№19\""]
[485,"Муниципальное автономное общеобразовательное учреждение «Средняя общеобразовательная школа №39 с углубленным изучением английского языка» Вахитовского района г. Казани","Грузднев","Д.","С.","2005-08-02","М",10,10,42,null,42,100,"Участник","Максимова Чулпан Афраимовна","Муниципальное автономное общеобразовательное учреждение \"Средняя общеобразовательная школа №39 с углубленным изучением английского языка\" Вахитовского района г.Казани"]
[486,"Муниципальное бюджетное общеобразовательное учреждение «Гимназия №122 имени Ж.А. Зайцевой» Московского района г.Казани","Константинова","С.","Д.","2005-07-23","Ж",10,10,42,null,42,100,"Участник","Садыков Жаудат Назипович","МБОУ \"Гимназия №122 имени Ж.А.Зайцевой\""]
[487,"Муниципальное бюджетное общеобразовательное учреждение «Гимназия №75» Московского района г.Казани","Стенин","С.","А.","2005-10-12","М",10,10,42,null,42,100,"Участник","Султанова Кадрия Ханяфиевна","Муниципальное бюджетное общеобразовательное учреждение \"Гимназия № 75\" г.Казани Республики Татарстан"]
[488,"Муниципальное бюджетное общеобразовательное учреждение «Средняя общеобразовательная школа №101 имени П.А. Полушкина - Центр образования » Советского района г. Казани","Краснова","Ю.","И.","2005-06-03","Ж",10,10,41,null,41,100,"Участник","Строков Алексей Евгеньевич","Муниципальное бюджетное общеобразовательное учреждение \"Школа №101\" г.Казани Республики Татарстан"]
[489,"Муниципальное бюджетное общеобразовательное учреждение «Средняя общеобразовательная школа №101 имени П.А. Полушкина - Центр образования » Советского района г. Казани","Кузьмина","Е.","А.","2005-04-09","Ж",10,10,41,null,41,100,"Участник","Строков Алексей Евгеньевич","Муниципальное бюджетное общеобразовательное учреждение \"Школа №101\" г.Казани Республики Татарстан"]
[490,"МБОУ «Средняя общеобразовательная школа № 9 с углубленным изучением английского языка» Ново-Савиновского района г.Казани","Шарафиева","А.","А.","2005-05-06","Ж",10,10,41,null,41,100,"Участник","Черкес Сергей Вячеславович","МБОУ \"Школа №9\" Ново-Савиновского района г.Казани"]
[491,"МБОУ «Средняя общеобразовательная школа №82 с углубленным изучением отдельных предметов им.Р.Г.Хасановой» Приволжского района г. Казани","Гарипов","Т.","Т.","2005-03-24","М",10,10,40,null,40,100,"Участник","Матвеев Игорь Владимирович","Муниципальное бюджетное общеобразовательное учреждение \"Школа №82\" г.Казани Республики Татарстан"]
[492,"Муниципальное бюджетное общеобразовательное учреждение \"Гимназия №3 с татарским языком обучения\"","Гилязиева","А.","В.","2005-02-18","Ж",10,10,40,null,40,100,"Участник","Гибадуллина Зиля Камиловна","Муниципальное бюджетное общеобразовательное учреждение \"Гимназия №3 с татарским языком обучения\" г.Казани Республики Татарстан"]
[493,"Муниципальное бюджетное общеобразовательное учреждение  «Гимназия №27 с татарским языком обучения» Вахитовского района г. Казани","Ибрагимова","М.","А.","2005-05-23","Ж",10,10,39,null,39,100,"Участник","Батреев Ильдус Фирдусович","Муниципальное бюджетное общеобразовательное учреждение \"Гимназия №27 с татарским языком обучения\" г.Казани Республики Татарстан"]
[494,"Муниципальное бюджетное общеобразовательное учреждение \"Средняя общеобразовательная школа №77\" Авиастроительного района г. Казани","Митяев","Р.","Р.","2004-12-29","М",10,10,39,null,39,100,"Участник","Матяшина Елена Николаевна","МБОУ \"Школа№77№"]
[495,"Муниципальное бюджетное общеобразовательное учреждение «Гимназия №21» Приволжского района г. Казани","Хаченкова","Д. ","М.","2005-09-13","Ж",10,10,39,null,39,100,"Участник","Филюнин Владимир Александрович","МБОУ \" Гимназия № 21\"Приволжского района г Казани"]
[496,"Муниципальное  бюджетное общеобразовательное учреждение «Татарская гимназия №11» Советского района г. Казани","Давлетзянов","А.","И.","2004-09-27","М",10,10,38,null,38,100,"Участник","Бариева Рамзиля Абдулахатовна","Муниципальное бюджетное общеобразовательное учреждение \"Татарская гимназия №11\" Советского района г. Казани"]
[497,"Муниципальное бюджетное общеобразовательное учреждение «Гимназия №75» Московского района г.Казани","Тихонов","А.","А.","2005-04-29","М",10,10,38,null,38,100,"Участник","Султанова Кадрия Ханяфиевна","Муниципальное бюджетное общеобразовательное учреждение \"Гимназия № 75\" г.Казани Республики Татарстан"]
[498,"Муниципальное бюджетное образовательное учреждение «Средняя общеобразовательная татарско-русская школа №34» Московского района г. Казани","Асадуллин","К.","М.","2005-05-01","М",10,10,37,null,37,100,"Участник","Лебедева Оксана Валеьевна","МБОУ \"Средняя общеобразовательная татарско-русская школа №34\" Московского района г.Казани"]
[499,"Муниципальное бюджетное общеобразовательное учреждение «Средняя общеобразовательная школа №55 с углубленным изучением отдельных предметов» Московского района г.Казани","Петрова","С.","А.","2005-07-29","Ж",10,10,37,null,37,100,"Участник","Фатхеева А.В.","МБОУ \"Школа №55\" г.Казани Республики Татарстан"]
[500,"Муниципальное бюджетное общеобразовательное учреждение «Многопрофильный лицей №186 - «Перспектива» Приволжского района г.Казани","Трунаев","Д.","А.","2005-11-09","М",10,10,37,null,37,100,"Участник","Гильмутдинов Рустем Анварович","Муниципальное бюджетное общеобразовательное учреждение \"Многопрофильный лицей № 186 - \"Перспектива\" Приволжского района г.Казани"]
[501,"Муниципальное автономное общеобразовательное учреждение «Гимназия №139 - Центр образования» Приволжского района г. Казани","Филиппов","Г.","А.","2005-06-26","М",10,10,36,null,36,100,"Участник","Блохина Лилия Надировна","Муниципальное автономное общеобразовательное учреждение \"Гимназия №139-Центр образования\" Приволжского района г.Казани"]
[502,"Муниципальное бюджетное общеобразовательное учреждение «Гимназия № 90» Советского района г. Казани","Валиуллина","А.","И.","2005-07-22","Ж",10,10,35,null,35,100,"Участник","Володин Александр Геннадьевич","Муниципальное бюджетное общеобразовательное учреждение «Гимназия №90» Советского района г. Казани"]
[503,"Муниципальное бюджетное общеобразовательное учреждение  «Гимназия №27 с татарским языком обучения» Вахитовского района г. Казани","Гильманова","Л.","Р.","2005-07-12","Ж",10,10,35,null,35,100,"Участник","Батреев Ильдус Фирдусович","Муниципальное бюджетное общеобразовательное учреждение \"Гимназия №27 с татарским языком обучения\" г.Казани Республики Татарстан"]
[504,"Частное общеобразовательное учреждение средняя общеобразовательная школа «Елена-Сервис»","Красавина","В.","С.","2005-04-13","Ж",10,10,35,null,35,100,"Участник","Сабирова Гульнара Сабитовна","ЧОУ СОШ \"Елена-Сервис\""]
[505,"МБОУ «Русско-татарская средняя общеобразовательная школа №129» Приволжского района г. Казани","Гараева","С.","Ф.","2005-05-12","Ж",10,10,34,null,34,100,"Участник","Кунакбаева Альбина Фанисовна","Муниципальное бюджетное общеобразовательное учреждение \"Русско-татарская школа №129\"Приволжского района города Казани"]
[506,"Инженерный лицей-интернат КНИТУ-КАИ","Исхаков","Д.","А.","2006-01-23","М",10,10,34,null,34,100,"Участник","Нурекенова Алия Берековна","Инженерный лицей-интернат КНИТУ-КАИ"]
[507,"Муниципальное автономное общеобразовательное учреждение \"Гимназия №141\" Советского района г.Казани","Хайруллин","Т.","Ф.","2005-04-24","М",10,10,33,null,33,100,"Участник","Кочемасов В.Ю.","МАОУ \"Гимназия \"141\" г. Казани"]
[508,"Муниципальное бюджетное образовательное учреждение «Средняя общеобразовательная татарско-русская школа №34» Московского района г. Казани","Вафина","Р.","Д.","2005-03-16","М",10,10,32,null,32,100,"Участник","Лебедева Оксана Валеьевна","МБОУ \"Средняя общеобразовательная татарско-русская школа №34\" Московского района г.Казани"]
[509,"Муниципальное бюджетное общеобразовательное учреждение «Гимназия №3» Вахитовского района г. Казани","Гумбатов","А.","Э. О.","2005-10-04","М",10,10,32,null,32,100,"Участник","Саулова Анастасия Владимировна","Муниципальное бюджетное общеобразовательное учреждение \"Гимназия № 3\" Вахитовского района г. Казани Республики Тарарстан"]
[510,"МБОУ \"Гимназия №96\" Вахитовского района г. Казани","Идрисов","С.","Р.","2005-01-31","М",10,10,32,null,32,100,"Участник","Семенова Вероника Васильевна","МБОУ \"Гимназия №96\" Вахитовского района г. Казани"]
[511,"Муниципальное бюджетное общеобразовательное учреждение «Гимназия №7 имени Героя России А.В.Козина» Ново-Савиновского района г.Казани. Школа-центр компетенции в электронном образовании","Нигматова","Л.","М.","15.01.2005","Ж",10,10,32,null,32,100,"Участник","Мелехова ГульнараИльдусовна","Муниципальное бюджетное общеобразовательное учреждение \"Гимназия №7 имени Героя России А.В.Козина\" Ново-Савиновского района г. Казани\""]
[512,"Муниципальное бюджетное общеобразовательное учреждение «Гимназия №7 имени Героя России А.В.Козина» Ново-Савиновского района г.Казани. Школа-центр компетенции в электронном образовании","Филюшенко","У.","Д.","2005-12-06","Ж",10,10,32,null,32,100,"Участник","Мелехова Гульнара Ильдусовна","Муниципальное бюджетное общеобразовательное учреждение \"Гимнзия N7\" г.Казани Республики Татарстан"]
[513,"Муниципальное бюджетное общеобразовательное учреждение \"Гимназия №36\" Авиастроительного района г. Казани","Кутенков","С.","Д.","2005-07-07","М",10,10,31,null,31,100,"Участник","Рудовская Татьяна Геннадьевна","МБОУ \"Гимназия №36\" Авиастроительного района г.Казани"]
[514,"Муниципальное бюджетное общеобразовательное учреждение «Гимназия №155 с татарским языком обучения» Ново-Савиновского района г. Казани","Хайруллин","А.","Р.","17.07.2005","М",10,10,31,null,31,100,"Участник","Шайдуллин ЭмильИрекович","Муниципальное бюджетное общеобразовательное учреждение \"Гимназия №155 с татарским языком обучения\" Ново-Савиновского района г. Казани\""]
[515,"Муниципальное бюджетное общеобразовательное учреждение \"Лицей №5\" Вахитовского района г. Казани","Воронин","А.","Д.","2005-04-06","М",10,10,30,null,30,100,"Участник","Ахметзянов Ильфар Зуфарович","Муниципальное бюджетное общеобразовательное учреждение \"Лицей №5\" г.Казани Республики Татарстан"]
[516,"Муниципальное бюджетное общеобразовательное учреждение «Гимназия №75» Московского района г.Казани","Двоеглазов","А.","Е.","2005-09-29","М",10,10,30,null,30,100,"Участник","Султанова Кадрия Ханяфиевна","Муниципальное бюджетное общеобразовательное учреждение \"Гимназия № 75\" г.Казани Республики Татарстан"]
[517,"Муниципальное бюджетное образовательное учреждение \"Гимназия №9\" Московского района г.Казани","Николаев","А.","Ю.","2005-07-07","М",10,10,30,null,30,100,"Участник","Голубева Екатерина Юрьевна","МБОУ \"Гимназия №9\""]
[518,"Муниципальное бюджетное общеобразовательное учреждение «Гимназия №125» Советского района г. Казани","Пеньковцев","А.","Р.","2005-12-11","М",10,10,30,null,30,100,"Участник","Бабушкина Надежда Николаевна","Муниципальное бюджетное общеобразовательное учреждение \"Гимназия №125\" г. Казани Республики Татарстан"]
[519,"Муниципальное бюджетное общеобразовательное учреждение  «Гимназия №27 с татарским языком обучения» Вахитовского района г. Казани","Асадуллина","А.","Р.","2005-11-19","Ж",10,10,29,null,29,100,"Участник","Батреев Ильдус Фирдусович","Муниципальное бюджетное общеобразовательное учреждение \"Гимназия №27 с татарским языком обучения\" г.Казани Республики Татарстан"]
[520,"ГАОУ \"Полилингвальный комплекс \"Адымнар-Казань\"","Киямов","И.","И.","2005-01-14","М",10,10,29,null,29,100,"Участник","Сибгатов Булат Ильхамович","Государственное автономное общеобразовательное учреждение \"Полилингвальный комплекс \"Адымнар - путь к знаниям и согласию\" г.Казан"]
[521,"МБОУ «Татарско-русская средняя общеобразовательная школа №68 с углублённым изучением отдельных предметов» Приволжского района г. Казани","Романейко","Л.","Д.","2005-09-22","М",10,10,29,null,29,100,"Участник","Айдимирова Людмила Олеговна","Муниципальное бюджетное общеобразовательное учреждение \"Школа №68\" Приволжского р-на г.Казани Республики Татарстан"]
[522,"Муниципальное бюджетное общеобразовательное учреждение «Гимназия №155 с татарским языком обучения» Ново-Савиновского района г. Казани","Фатхуллина","С.","И.","2005-11-18","Ж",10,10,29,null,29,100,"Участник","Ахатова Роза Рахиповна","МБОУ \"Гимназия №155\""]
[523,"Муниципальное бюджетное общеобразовательное учреждение «Гимназия №12 с татарским языком обучения имени Ф. Г. Аитовой» Московского района г. Казани","Фролова","М.","М.","2005-08-06","Ж",10,10,29,null,29,100,"Участник","Шувалова Елена Михайловна","Муниципальное бюджетное общеобразовательное учреждение \"Гимназия №12 имени Ф.Г.Аитовой\" Московского района г.Казани Республики Татарстан"]
[524,"Муниципальное бюджетное общеобразовательное учреждение «Гимназия №122 имени Ж.А. Зайцевой» Московского района г.Казани","Бадуртдинов","Б.","А.","2005-09-12","М",10,10,27,null,27,100,"Участник","Садыков Жаудат Назипович","МБОУ \"Гимназия №122 имени Ж.А.Зайцевой\""]
[525,"Муниципальное бюджетное общеобразовательное учреждение «Средняя общеобразовательная школа №42» Приволжского района г. Казани","Кириллова","Н.","Е.","2007-08-27","Ж",10,10,26,null,26,100,"Участник","Аисова Зульфия Абдуловна","Муниципальное бюджетное общеобразовательное учреждение \"Школа №42\" г.Казани Республики Татарстан"]
[526,"Муниципальное бюджетное общеобразовательное учреждение «Татарская гимназия №2 имени Шигабутдина Марджани при Казанском Федеральном Университете» Московского района г.Казани","Билалов","К.",null,null,"М",10,10,25,null,25,100,"Участник",null,"Муниципальное бюджетное общеобразовательное учреждение «Татарская гимназия №2 имени Шигабутдина Марджани при Казанском Федеральном Университете» Московского района г.Казани"]
[527,"Муниципальное бюджетное общеобразовательное учреждение «Средняя общеобразовательная школа №12» Вахитовского района г. Казани","Захматов","К.","Д.","2004-12-22","М",10,10,25,null,25,100,"Участник","Клековкина НВ","МБОУ \"Школа № 12\" Вахитовского района г. Казани"]
[528,"Муниципальное автономное общеобразовательное учреждение «Средняя общеобразовательная школа №39 с углубленным изучением английского языка» Вахитовского района г. Казани","Локутанский","Д.","О.","2005-06-04","М",10,10,25,null,25,100,"Участник","Максимова Чулпан Афраимовна","Муниципальное автономное общеобразовательное учреждение \"Средняя общеобразовательная школа №39 с углубленным изучением английского языка\" Вахитовского района г.Казани"]
[529,"Муниципальное бюджетное общеобразовательное учреждение «Гимназия №125» Советского района г. Казани","Матвеева","А.","А.","2005-05-12","Ж",10,10,25,null,25,100,"Участник","Бабушкина Надежда Николаевна","Муниципальное бюджетное общеобразовательное учреждение \"Гимназия №125\" г. Казани Республики Татарстан"]
[530,"Муниципальное бюджетное общеобразовательное учреждение «Татарская гимназия №17 имени Г. Ибрагимова» Московского района г. Казани","Сафина","Д.","В.","2004-11-16","Ж",10,10,24,null,24,100,"Участник","Галиева Рита Рашидовна","Муниципальное бюджетное общеобразовательное учреждение «Татарская гимназия №17 имени Г. Ибрагимова» Московского района г. Казани"]
[531,"Муниципальное бюджетное общеобразовательное учреждение «Средняя общеобразовательная русско-татарская школа №13» Вахитовского района г. Казани","Чочокова ","А.","А.","2005-03-28","Ж",10,10,24,null,24,100,"Участник","Григорьева Ангелина Борисовна","Муниципальное бюджетное общеобразовательное учреждение «Школа №13» г. Казани Республики Татарстан"]
[532,"Муниципальное бюджетное общеобразовательное учреждение  «Гимназия №126» Советского района г. Казани","Яковлева","В.","Н.","2005-02-09","Ж",10,10,24,null,24,100,"Участник","Юрлова Анна Жоржовна","МБОУ \"Гимназия №126\""]
[533,"Муниципальное бюджетное общеобразовательное учреждение  «Гимназия №27 с татарским языком обучения» Вахитовского района г. Казани","Абинова","А.","А.","2005-08-30","Ж",10,10,23,null,23,100,"Участник","Батреев Ильдус Фирдусович","Муниципальное бюджетное общеобразовательное учреждение \"Гимназия №27 с татарским языком обучения\" г.Казани Республики Татарстан"]
[534,"Муниципальное бюджетное общеобразовательное учреждение «Гимназия №6» Приволжского района г. Казани","Гайнуллина","Д.","Р.","2005-07-13","Ж",10,10,22,null,22,100,"Участник","Яруллин Ильдус Ильясович","Муниципальное бюджетное общеобразовательное учреждение \"Гимназия № 6\" Приволжского района г.Казани Республики Татарстан"]
[535,"Муниципальное бюджетное общеобразовательное учреждение «Гимназия №13 с татарским языком обучения» Ново-Савиновского района г.Казани","Дзебисов","Н.","С.","2005-05-25","М",10,10,22,null,22,100,"Участник","Низамова Лилия Габделхалимовна","Муниципальное бюджетное общеобразовательное учреждение \"Гимназия № 13 с татарским яыком обучения\" Ново-Савиновско района г. Казани "]
[536,"МБОУ «Лицей №149 с татарским языком обучения» Советского района г. Казани","Волков","Д.","Р.","2004-10-07","М",10,10,21,null,21,100,"Участник","Ахметова Резеда Хабировна","Муниципальное бюджетное общеобразовательное учреждение \"Лицей № 149 с татарским языком обучения\"\" г.Казани Республики Татарстан"]
[537,"МБОУ \"Лицей №78 \"Фарватер\" Приволжского района г. Казани","Дронов","К.","А.","2005-07-23","М",10,10,21,null,21,100,"Участник","Тумакаева Зухра Наилевна","МБОУ \"Лицей №78 \"Фарватер\""]
[538,"Муниципальное бюджетное образовательное учреждение \"Гимназия №9\" Московского района г.Казани","Камалов","И.","З.","2005-08-05","М",10,10,21,null,21,100,"Участник","Голубева Екатерина Юрьевна","МБОУ \"Гимназия №9\""]
[539,"Муниципальное бюджетное общеобразовательное учреждение «Средняя общеобразовательная школа №140» Советского района г. Казани (с дошкольным отделением)","Салахова","А.","А.","2006-01-12","Ж",10,10,21,null,21,100,"Участник","Кулинич Олег Аркадьевич","МБОУ \"СОШ №140\"  Советского района г.Казани   "]
[540,"Муниципальное бюджетное общеобразовательное учреждение «Гимназия №155 с татарским языком обучения» Ново-Савиновского района г. Казани","Латипова","А.","Р.","2004-11-05","Ж",10,10,20,null,20,100,"Участник","Ахатова Роза Рахиповна","МБОУ \"Гимназия №155\""]
[541,"МБОУ «Средняя общеобразовательная школа №132 с углубленным изучением иностранных языков» Ново-Савиновского района г. Казани","Никифорова","А.","Е.","2005-10-20","Ж",10,10,20,null,20,100,"Участник","Бородовицына С.А.","«Школа № 132»"]
[542,"МБОУ «Лицей №149 с татарским языком обучения» Советского района г. Казани","Хаернасов","Э.","Ф.","2005-06-26","М",10,10,19,null,19,100,"Участник","Ахметова Резеда Хабировна","Муниципальное бюджетное общеобразовательное учреждение \"Лицей № 149 с татарским языком обучения\"\" г.Казани Республики Татарстан"]
[543,"МБОУ «Средняя общеобразовательная школа №143 с углубленным изучением отдельных предметов» Ново-Савиновского района г. Казани","Демидов","Д.","Д.","2005-05-31","М",10,10,18,null,18,100,"Участник","Сагдеева А.Н.","МБОУ \"Школа №143 с углубленным изучением отдельных предметов\" Ново-Савиновского района г.Казани"]
[544,"МБОУ «Средняя общеобразовательная  русско-татарская школа №111» Советского района г. Казани","Преснова","Е.","С.","2005-05-22","Ж",10,10,17,null,17,100,"Участник","Федосеева В.В.","Муниципальное бюджетное общеобразовательное учреждение \"Школа №111\" г.Казани Республики Татарстан"]
[545,"Муниципальное бюджетное общеобразовательное учреждение «Гимназия №175» Советского района г. Казани","Гадоев","А.","Х.","2005-12-23","М",10,10,16,null,16,100,"Участник","Хафизова Эльвира Закирзяновна","Муниципальное бюджетное общеобразовательное учреждение \"Гимназия №175\" г.Казани Республики Татарстан"]
[546,"Муниципальное бюджетное общеобразовательное учреждение «Гимназия №12 с татарским языком обучения имени Ф. Г. Аитовой» Московского района г. Казани","Исламова","Д.","Р.","2005-07-06","Ж",10,10,16,null,16,100,"Участник","Шувалова Елена Михайловна","Муниципальное бюджетное общеобразовательное учреждение \"Гимназия №12 имени Ф.Г.Аитовой\" Московского района г.Казани Республики Татарстан"]
[547,"МБОУ \"Лицей №78 \"Фарватер\" Приволжского района г. Казани","Белякова","Ю.","С.","2005-08-17","Ж",10,10,15,null,15,100,"Участник","Тумакаева Зухра Наилевна","МБОУ \"Лицей №78 \"Фарватер\""]
[548,"Муниципальное бюджетное общеобразовательное учреждение \"Средняя общеобразовательная школа № 173\" г. Казани","Валиуллина ","Д.","А.","2005-10-31","Ж",10,10,15,null,15,100,"Участник","Хафизова Альбина Ильдусовна","МБОУ \"Школа 173\""]
[549,"Муниципальное бюджетное общеобразовательное учреждение «Гимназия №175» Советского района г. Казани","Набиуллин","Б.","Р.","2005-10-13","М",10,10,15,null,15,100,"Участник","Хафизова Эльвира Закирзяновна","Муниципальное бюджетное общеобразовательное учреждение \"Гимназия №175\" г.Казани Республики Татарстан"]
[550,"Муниципальное автономное общеобразовательное учреждение «Гимназия №139 - Центр образования» Приволжского района г. Казани","Родионова","Е.","Д.","2004-12-29","Ж",10,10,15,null,15,100,"Участник","Блохина Лилия Надировна","Муниципальное автономное общеобразовательное учреждение \"Гимназия №139-Центр образования\" Приволжского района г.Казани"]
[551,"Муниципальное бюджетное общеобразовательное учреждение «Гимназия №18 с татарским языком обучения» Приволжского района г. Казани","Шигапова","Р.","Р.","2005-12-17","Ж",10,10,15,null,15,100,"Участник","Тахавиева Наиля Зиннуровна","Муниципальное бюджетное общеобразовательное учреждение \"Гимназия №18 с татарским языком обучения\" Приволжского р-на г.Казани РТ"]
[552,"Муниципальное бюджетное общеобразовательное учреждение «Гимназия №122 имени Ж.А. Зайцевой» Московского района г.Казани","Асеинова","К.","Р.","2005-01-13","Ж",10,10,14,null,14,100,"Участник","Садыков Жаудат Назипович","МБОУ \"Гимназия №122 имени Ж.А.Зайцевой\""]
[553,"Муниципальное бюджетное общеобразовательное учреждение \"Средняя общеобразовательная школа №32\" Кировского района г. Казани","Матвеев","М.","А.","2005-04-28","М",10,10,14,null,14,100,"Участник","Салахов Динар Дамирович","МБОУ \"Школа №32\" Кировского района г. Казани"]
[554,"МБОУ \"Лицей №78 \"Фарватер\" Приволжского района г. Казани","Фараджева","А.","Ш. к.","2005-05-30","Ж",10,10,14,null,14,100,"Участник","Тумакаева Зухра Наилевна","МБОУ \"Лицей №78 \"Фарватер\""]
[555,"Муниципальное бюджетное общеобразовательное учреждение «Гимназия №6» Приволжского района г. Казани","Трофимов","А.","А.","2005-06-11","М",10,10,13,null,13,100,"Участник","Гимадеева Чулпан Нурутдинова","Муниципальное бюджетное общеобразовательное учреждение \"Гимназия № 6\" Приволжского района г.Казани Республики Татарстан"]
[556,"Муниципальное автономное общеобразовательное учреждение «Гимназия №139 - Центр образования» Приволжского района г. Казани","Исмагилов","Т.","А.","2005-04-26","М",10,10,11,null,11,100,"Участник","Блохина Лилия Надировна","Муниципальное автономное общеобразовательное учреждение \"Гимназия №139-Центр образования\" Приволжского района г.Казани"]
[557,"Муниципальное бюджетное общеобразовательное учреждение \"Средняя общеобразовательная школа № 119\" Авиастроительного р-на г.Казани","Калинина","Г.","Д.","2005-11-24","Ж",10,10,11,null,11,100,"Участник","Четверкин Алексей Валерьевич","МБОУ \" Средняя школа №119\" Авиастроительного района г.Казани"]
[558,"Муниципальное бюджетное общеобразовательное учреждение \"Средняя общеобразовательная школа №32\" Кировского района г. Казани","Шарапов","И.","Э.","2005-06-02","М",10,10,10,null,10,100,"Участник","Салахов Динар Дамирович","МБОУ \"Школа №32\" Кировского района г. Казани"]
[559,"Муниципальное бюджетное общеобразовательное учреждение «Гимназия №125» Советского района г. Казани","Юдин","Р.","В.","2004-12-23","М",10,10,10,null,10,100,"Участник","Бабушкина Надежда Николаевна","Муниципальное бюджетное общеобразовательное учреждение \"Гимназия №125\" г. Казани Республики Татарстан"]
[560,"Муниципальное бюджетное общеобразовательное учреждение \"Средняя общеобразовательная школа № 119\" Авиастроительного р-на г.Казани","Гумерова","Э.","Р.","2005-04-26","Ж",10,10,9,null,9,100,"Участник","Четверкин Алексей Валерьевич","МБОУ \" Средняя школа №119\" Авиастроительного района г.Казани"]
[561,"Муниципальное бюджетное общеобразовательное учреждение \"Средняя общеобразовательная школа № 54 с углубленным изучением отдельных предметов\" Авиастроительного района  г. Казани","Якунин","М.","Д.","2004-12-18","М",10,10,9,null,9,100,"Участник","Нестерова Алена Петровна","Муниципальное бюджетное общеобразовательное учреждение \"Школа №54\" г.Казани Республики Татарстан"]
[562,"Муниципальное автономное общеобразовательное учреждение «Гимназия №139 - Центр образования» Приволжского района г. Казани","Королюк","А.","В.","2005-05-27","М",10,10,7,null,7,100,"Участник","Блохина Лилия Надировна","Муниципальное автономное общеобразовательное учреждение \"Гимназия №139-Центр образования\" Приволжского района г.Казани"]
[563,"МАОУ «Лицей-интернат №7» Ново-Савиновского района г. Казани","Гарапшин","И.","Р.","2004-11-10","М",11,11,89,null,89,100,"Победитель","Алексеева Лариса Владимировна","Муниципальное автономное общеобразовательное учреждение \"Лицей-интернат №7\""]
[564,"МАОУ «Лицей-интернат №7» Ново-Савиновского района г. Казани","Шаймарданов","Б.","И.","2004-08-24","М",11,11,84,1,85,100,"Призер","Алексеева Лариса Владимировна","Муниципальное автономное общеобразовательное учреждение \"Лицей-интернат №7\""]
[565,"Муниципальное автономное общеобразовательное учреждение «Средняя общеобразовательная школа №39 с углубленным изучением английского языка» Вахитовского района г. Казани","Хасанов","К.","А.","2004-08-31","М",11,11,84,null,84,100,"Призер","Акимова Ирина Сергеевна","Муниципальное автономное общеобразовательное учреждение \"Средняя общеобразовательная школа №39 с углубленным изучением английского языка\" Вахитовского района г.Казани"]
[566,"МАОУ «Лицей-интернат №7» Ново-Савиновского района г. Казани","Шангараев","Й.","Р.","2004-06-06","М",11,11,83,null,83,100,"Призер","Столяров Алексей Михайлович","Муниципальное автономное общеобразовательное учреждение \"Лицей-интернат №7\""]
[567,"Муниципальное автономное общеобразовательное учреждение «Средняя общеобразовательная школа №39 с углубленным изучением английского языка» Вахитовского района г. Казани","Идрисов","К.","Р.","2004-09-07","М",11,11,79,2,81,100,"Призер","Акимова Ирина Сергеевна","Муниципальное автономное общеобразовательное учреждение \"Средняя общеобразовательная школа №39 с углубленным изучением английского языка\" Вахитовского района г.Казани"]
[568,"МБОУ \"Средняя общеобразовательная школа №9 с углубленным изучением английского языка\" Ново-Савиновского района г. Казани\"","Мубаракшин","А.","Р.","14.01.2004","М",11,11,81,null,81,100,"Призер","Нургалиева ЛюдмилаПетровна","Муниципальное бюджетное общеобразовательное учреждение \"Средняя общеобразовательная школа №9 с углубленным изучением английского языка\" Ново-Савиновского района г. Казани\""]
[569,"МБОУ «Гимназия № 174» Советского района г. Казани","Иванова","А.","В.","2004-12-08","Ж",11,11,78,null,78,100,"Призер","Михайлова Елена Павловна","Муниципальное бюджетное общеобразовательное учреждение \"Гимназия №174\"г.Казани Республики Татарстан"]
[570,"Муниципальное автономное общеобразовательное учреждение для детей, проявивших выдающиеся способности «Средняя общеобразовательная школа-интернат «Специализированный олимпиадно-научный центр «СОлНЦе» Вахитовского района г. Казани","Галяутдинов","И.","Е.","2005-05-07","М",11,11,77,null,77,100,"Призер","Тухватулин Айрат Хамитович","МАОУ СОШИ «СОлНЦе»"]
[571,"МБОУ «Гимназия № 174» Советского района г. Казани","Азанов","Р.","Р.","2003-12-07","М",11,11,75,null,75,100,"Призер","Михайлова Елена Павловна","Муниципальное бюджетное общеобразовательное учреждение \"Гимназия №174\"г.Казани Республики Татарстан"]
[572,"Муниципальное автономное общеобразовательное учреждение «Гимназия №19» Приволжского района г. Казани","Ахтямов","Ю.","Р.","2004-04-23","М",11,11,73,null,73,100,"Призер","Баранова Ольга Алексеевна","Муниципальное автономное образовательное учреждение \"Гимназия№19\""]
[573,"Муниципальное бюджетное общеобразовательное учреждение «Гимназия №33» Авиастроительного района г. Казани","Гатауллина","А.","Г.","2004-03-19","Ж",11,11,73,null,73,100,"Призер","Нуруллина Эльмира Рафиковна","МБОУ \" Гимназия №33\""]
[574,"Муниципальное бюджетное общеобразовательное учреждение «Гимназия №33» Авиастроительного района г. Казани","Абсалямова","К.","Р.","2004-07-09","Ж",11,11,72,null,72,100,"Призер","Нуруллина Эльмира Рафиковна","МБОУ \" Гимназия №33\""]
[575,"ФГКОУ «Казанское суворовское военное училище »","Белов","В.","А.","2004-10-06","М",11,11,72,null,72,100,"Призер","Чудинова Гулия Зариповна","ФГКОУ «Казанское суворовское военное училище »"]
[576,"Муниципальное автономное общеобразовательное учреждение «Средняя общеобразовательная школа №39 с углубленным изучением английского языка» Вахитовского района г. Казани","Перевозчикова","С.","С.","2004-07-03","Ж",11,11,72,null,72,100,"Призер","Акимова Ирина Сергеевна","Муниципальное автономное общеобразовательное учреждение \"Средняя общеобразовательная школа №39 с углубленным изучением английского языка\" Вахитовского района г.Казани"]
[577,"Муниципальное бюджетное общеобразовательное учреждение «Средняя общеобразовательная школа №167 с углубленным изучением отдельных предметов» Советского района г. Казани","Салахова","А.","Ф.","2004-06-30","Ж",11,11,69,null,69,100,"Призер","Мухамадиев Марсель Рамильевич","Муниципальное бюджетное общеобразовательное учреждение «Средняя общеобразовательная школа № 167 с углубленным изучением отдельных предметов» Советского района г. Казани"]
[578,"Муниципальное бюджетное общеобразовательное учреждение \"Гимназия №3 с татарским языком обучения\"","Хамидуллина","С.","Р.","2004-03-24","Ж",11,11,68,null,68,100,"Призер","Сагеев Марат Ильдарович","Муниципальное бюджетное общеобразовательное учреждение \"Гимназия №3 с татарским языком обучения\" г.Казани Республики Татарстан"]
[579,"МБОУ «Гимназия № 174» Советского района г. Казани","Шайдуллина","Э.","Р.","2004-07-08","Ж",11,11,68,null,68,100,"Призер","Михайлова Елена Павловна","Муниципальное бюджетное общеобразовательное учреждение \"Гимназия №174\"г.Казани Республики Татарстан"]
[580,"Муниципальное бюджетное общеобразовательное учреждение \"Лицей №5\" Вахитовского района г. Казани","Степанова","Д.","Г.","2004-03-04","Ж",11,11,62,5,67,100,"Призер","Ахметзянов Ильфар Зуфарович","Муниципальное бюджетное общеобразовательное учреждение \"Лицей №5\" г.Казани Республики Татарстан"]
[581,"Муниципальное автономное общеобразовательное учреждение «Гимназия №19» Приволжского района г. Казани","Акман","Н.","М.","2003-12-18","М",11,11,66,null,66,100,"Призер","Баранова Ольга Алексеевна","Муниципальное автономное образовательное учреждение \"Гимназия№19\""]
[582,"МБОУ \"Гимназия №3 с татарским языком обучения\" Кировского района г.Казани\"","Маркелова","М.","А.","12.07.2004","Ж",11,11,66,null,66,100,"Призер","Сагеев МаратИльдарович","Муниципальное бюджетное общеобразовательное учреждение \"Гимназия №3 с татарским языком обучения\" Кировского района г.Казани\""]
[583,"Общеобразовательная школа-интернат «Лицей имени Н.И. Лобачевского» федерального государственного автономного образовательного учреждения высшего образования \"Казанский (Приволжский) федеральный университет\"","Трутнева","А.","В.","2004-03-28","Ж",11,11,61,5,66,100,"Призер","Билалова Дина Султановна","ОШИ \"Лицей имени Н.И. Лобачевского\" КФУ"]
[584,"Муниципальное автономное общеобразовательное учреждение «Гимназия №19» Приволжского района г. Казани","Глебов","С.","Е.","2004-07-27","М",11,11,65,null,65,100,"Призер","Баранова Ольга Алексеевна","Муниципальное автономное образовательное учреждение \"Гимназия№19\""]
[585,"Муниципальное бюджетное общеобразовательное учреждение «Лицей №159» Советского района г. Казани","Нотфуллин","Н.","Н.","2004-10-13","М",11,11,65,null,65,100,"Призер","Валишина Дина Шамилевна","Муниципальное бюджетное общеобразовательное учреждение \"Лицей 159\" г.Казани Республики Татарстан"]
[586,"ФГКОУ «Казанское суворовское военное училище »","Ахмеров","Р.","Ч.","2004-02-12","М",11,11,64,null,64,100,"Призер","Чудинова Гулия Зариповна","ФГКОУ «Казанское суворовское военное училище »"]
[587,"Муниципальное автономное общеобразовательное учреждение «Средняя общеобразовательная школа №18 с углубленным изучением английского языка» Вахитовского района г. Казани","Баданов","Р.","С.","2004-09-24","М",11,11,64,null,64,100,"Призер","Бухарина Ирина Владимировна","МОАУ СОШ № 18"]
[588,"Муниципальное автономное общеобразовательное учреждение «Гимназия-интернат №4» Кировского района г.Казани","Джураева","А.","Ш.","2004-12-18","Ж",11,11,60,4,64,100,"Призер","Амалиева Гузель Гадиловна","МАОУ \"Гимназия-интернат №4\" г.Казани"]
[589,"ГАОУ \"Полилингвальный комплекс \"Адымнар-Казань\"","Хисаметдинова","Д.","Р.","2004-06-04","Ж",11,11,64,null,64,100,"Призер","Сибгатов Булат Ильхамович","Государственное автономное общеобразовательное учреждение \"Полилингвальный комплекс \"Адымнар - путь к знаниям и согласию\" г.Казан"]
[590,"Муниципальное бюджетное общеобразовательное учреждение «Средняя общеобразовательная школа с углубленным изучением отдельных предметов №184 им.М.И.Махмутова» Советского района г.Казани","Теркулова","А.","Р.","2005-03-28","Ж",11,11,62,1,63,100,"Призер","Насыбуллин Л.А.","Муниципальное бюджетное общеобразовательное учреждение \"Школа №184\" г. Казани Республики Татарстан"]
[591,"Муниципальное бюджетное общеобразовательное учреждение «Лицей №23» Ново-Савиновского района г.Казани","Шарифуллин","С.","И.","2004-07-23","М",11,11,63,null,63,100,"Призер","Мустафина Айгуль Фагимовна","Муниципальное бюджетное общеобразовательное учреждение \"Лицей №23\" Ново - Савиновского г.Казани"]
[592,"Муниципальное бюджетное общеобразовательное учреждение «Лицей №23» Ново-Савиновского района г.Казани","Бородина","К.","С.","2004-03-11","Ж",11,11,62,null,62,100,"Участник","Мустафина Айгуль Фагимовна","Муниципальное бюджетное общеобразовательное учреждение \"Лицей №23\" Ново - Савиновского г.Казани"]
[593,"Муниципальное автономное общеобразовательное учреждение «Гимназия №19» Приволжского района г. Казани","Гайнутдинова","Д.","М.","2004-07-13","Ж",11,11,62,null,62,100,"Участник","Никонорова Евгения Александровна","Муниципальное автономное образовательное учреждение \"Гимназия№19\""]
[594,"Муниципальное бюджетное общеобразовательное учреждение «Гимназия №7 имени Героя России А.В.Козина» Ново-Савиновского района г.Казани. Школа-центр компетенции в электронном образовании","Гришина","А.","М.","2004-02-04","Ж",11,11,62,null,62,100,"Участник","Ипполитова Лариса Владимировна","Муниципальное бюджетное общеобразовательное учреждение \"Гимнзия N7\" г.Казани Республики Татарстан"]
[595,"Муниципальное бюджетное общеобразовательное учреждение \"Лицей №5\" Вахитовского района г. Казани","Ошина","Е.","Е.","2004-08-11","Ж",11,11,62,null,62,100,"Участник","Ахметзянов Ильфар Зуфарович","Муниципальное бюджетное общеобразовательное учреждение \"Лицей №5\" г.Казани Республики Татарстан"]
[596,"Муниципальное автономное общеобразовательное учреждение «Гимназия №19» Приволжского района г. Казани","Валеева","Д.","Ю.","2004-03-31","Ж",11,11,61,null,61,100,"Участник","Никонорова Евгения Александровна","Муниципальное автономное образовательное учреждение \"Гимназия№19\""]
[597,"Муниципальное бюджетное общеобразовательное учреждение «Гимназия №175» Советского района г. Казани","Зайнуллина","А.","М.","2004-06-30","Ж",11,11,61,null,61,100,"Участник","Хафизова Эльвира Закирзяновна","Муниципальное бюджетное общеобразовательное учреждение \"Гимназия №175\" г.Казани Республики Татарстан"]
[598,"Муниципальное бюджетное общеобразовательное учреждение \"Средняя общеобразовательная школа № 119\" Авиастроительного р-на г.Казани","Качанов","А.","И.","2004-09-25","М",11,11,61,null,61,100,"Участник","Четверкин Алексей Валерьевич","МБОУ \" Средняя школа №119\" Авиастроительного района г.Казани"]
[599,"Частное общеобразовательное учреждение средняя общеобразовательная школа «Елена-Сервис»","Яруллин","В.","К.","2004-07-20","М",11,11,61,null,61,100,"Участник","Сабирова Гульнара Сабитовна","ЧОУ СОШ \"Елена-Сервис\""]
[600,"МБОУ \"Гимназия №96\" Вахитовского района г. Казани","Гарифзянова","Д.","Д.","2004-08-06","Ж",11,11,54,6,60,100,"Участник","Муллахметова Юлия Геннадьевна","Муниципальное бюджетное общеобразовательное учреждение \"Гимназия № 96\" г.Казани Республики Татарстан"]
[601,"Муниципальное бюджетное общеобразовательное учреждение «Многопрофильная школа №181» Советского района г.Казани","Кашапова","А.","А.","2004-06-12","Ж",11,11,60,null,60,100,"Участник","Кадиров Ринат Монирович","Муниципальное бюджетное общеобразовательное учреждение «Многопрофильная школа №181» г.Казани Республики Татарстан"]
[602,"Муниципальное бюджетное общеобразовательное учреждение \"Гимназия №10\" Авиастроительного района г.Казани","Шишкин","К.","П.","2004-08-30","М",11,11,59,null,59,100,"Участник","Валитова Зульфия Камилевна","МБОУ \"гимназия №10\" Авиастроительного района г. Казани"]
[603,"Государственное бюджетное общеобразовательное учреждение \"Казанская кадетская школа-интернат им. Героя Советского Союза Б.К. Кузнецова\"","Ивошин","А.","Е.","2004-10-21","М",11,11,58,null,58,100,"Участник","Афанасьев В.Ю.","ККШИ им.Б.К.Кузнецова"]
[604,"Специализированный учебный научный центр – общеобразовательная школа-интернат «IT-лицей» федерального государственного автономного образовательного учреждения высшего образования «Казанский (Приволжский) федеральный университет»","Кривоватский","М.","Р.","2004-04-16","М",11,11,58,null,58,100,"Участник","Галимзянова Мадина Ахтямовна","ОШИ IТ-лицей ФГАОУ ВО К(П)ФУ"]
[605,"МБОУ «Средняя  общеобразовательная школа №49» Ново-Савиновского района г. Казани","Рясов","Е.","А.","2004-11-19","М",11,11,58,null,58,100,"Участник","Девятко Екатерина Вячеславовна","Муниципальное бюджетное общеобразовательное учреждение \"Школа №49\" г.Казани Республики Татарстан"]
[606,"Муниципальное бюджетное общеобразовательное учреждение «Гимназия №6» Приволжского района г. Казани","Антонова","М.","А.","2004-01-05","Ж",11,11,56,null,56,100,"Участник","Зелепуина Людмина Георгиевна","Муниципальное бюджетное общеобразовательное учреждение \"Гимназия № 6\" Приволжского района г.Казани Республики Татарстан"]
[607,"Муниципальное автономное общеобразовательное учреждение «Гимназия-интернат №4» Кировского района г.Казани","Латыпова","З.","Р.","2005-02-04","Ж",11,11,56,null,56,100,"Участник","Амалиева Гузель Гадиловна","МАОУ \"Гимназия-интернат №4\" г.Казани"]
[608,"Муниципальное бюджетное общеобразовательное учреждение «Татарская гимназия №1 им.Г.Тукая» Вахитовского района г. Казани","Локтионова","А.","А.","2004-11-24","Ж",11,11,56,null,56,100,"Участник","Ахметшина Алсу Тальгатовна","МБОУ \"Татарская гимназия №1 им.  Г. Тукая\" Вахитовского района г. Казани"]
[609,"Частное общеобразовательное учреждение средняя общеобразовательная школа «Елена-Сервис»","Синяшин","Е.","К.","29.09.2004","М",11,11,56,null,56,100,"Участник","Якимова ИринаВладимировна","Частное общеобразовательное учреждение средняя общеобразовательная школа \"Елена-Сервис\""]
[610,"МАОУ \"Лицей №121 имени Героя Советского Союза С. А. Ахтямова\" Советского района г.Казани","Суконнова","А.","М.","2004-06-07","Ж",11,11,56,null,56,100,"Участник","Хасанова Флера Анваровна","Муниципальное автономное общеобразовательное учреждение \"Лицей №121\" г.Казани Республики Татарстан"]
[611,"Муниципальное бюджетное общеобразовательное учреждение «Гимназия №21» Приволжского района г. Казани","Яшин","А.","К.","2004-12-02","М",11,11,55,null,55,100,"Участник","Франк Наталия Николаевна","МБОУ \" Гимназия № 21\" Приволжского района г Казани"]
[612,"Муниципальное бюджетное общеобразовательное учреждение «Гимназия №122 имени Ж.А. Зайцевой» Московского района г.Казани","Сафаргалеева","К.","М.","2004-02-26","Ж",11,11,54,null,54,100,"Участник","Садыков Жаудат Назипович","МБОУ \"Гимназия №122 имени Ж.А.Зайцевой\""]
[613,"Муниципальное бюджетное общеобразовательное учреждение «Средняя общеобразовательная школа №55 с углубленным изучением отдельных предметов» Московского района г.Казани","Зенина","А.","Э.","2004-08-28","Ж",11,11,53,null,53,100,"Участник","Фатхеева А.В.","МБОУ \"Школа №55\" г.Казани Республики Татарстан"]
[614,"Муниципальное бюджетное общеобразовательное учреждение «Гимназия №122 имени Ж.А. Зайцевой» Московского района г.Казани","Косимова","С.","С.","2004-11-03","Ж",11,11,51,null,51,100,"Участник","Чайковская Светлана Валентиновна","МБОУ \"Гимназия №122 имени Ж.А.Зайцевой\""]
[615,"Муниципальное бюджетное общеобразовательное учреждение  «Гимназия №126» Советского района г. Казани","Силантьев","Е.","А.","2003-11-30","М",11,11,50,null,50,100,"Участник","Юрлова Анна Жоржовна","МБОУ \"Гимназия №126\""]
[616,"Муниципальное бюджетное образовательное учреждение «Средняя общеобразовательная татарско-русская школа №34» Московского района г. Казани","Струков","А.","К.","2004-08-26","М",11,11,50,null,50,100,"Участник","Лебедева Оксана Валеьевна","МБОУ \"Средняя общеобразовательная татарско-русская школа №34\" Московского района г.Казани"]
[617,"Муниципальное бюджетное общеобразовательное учреждение  «Гимназия №27 с татарским языком обучения» Вахитовского района г. Казани","Валиева","А.","Р.","2004-09-09","Ж",11,11,49,null,49,100,"Участник","Батреев Ильдус Фирдусович","Муниципальное бюджетное общеобразовательное учреждение \"Гимназия №27 с татарским языком обучения\" г.Казани Республики Татарстан"]
[618,"Муниципальное бюджетное общеобразовательное учреждение «Гимназия №7 имени Героя России А.В.Козина» Ново-Савиновского района г.Казани. Школа-центр компетенции в электронном образовании","Салахова","А.","А.","2004-10-15","Ж",11,11,49,null,49,100,"Участник","Ипполитова Лариса Владимировна","Муниципальное бюджетное общеобразовательное учреждение \"Гимнзия N7\" г.Казани Республики Татарстан"]
[619,"Муниципальное бюджетное общеобразовательное учреждение \"Средняя общеобразовательная школа №127\" Приволжского района города Казани","Чубакова","Е.","А.","2004-01-21","Ж",11,11,49,null,49,100,"Участник","Захаров Владимир Николаевич","Муниципальное бюджетное общеобразовательное учреждение \"Школа №127\" г.Казани Республики Татарстан"]
[620,"Муниципальное автономное общеобразовательное учреждение «Гимназия №139 - Центр образования» Приволжского района г. Казани","Шишляева","К.","А.","2004-07-11","Ж",11,11,45,3,48,100,"Участник","Фазылзянова Ильмира Ильдусовна","Муниципальное автономное общеобразовательное учреждение \"Гимназия №139-Центр образования\" Приволжского района г.Казани"]
[621,"Общеобразовательная школа-интернат «Лицей имени Н.И. Лобачевского» федерального государственного автономного образовательного учреждения высшего образования \"Казанский (Приволжский) федеральный университет\"","Желифонов","В.","М.","2004-09-11","М",11,11,47,null,47,100,"Участник","Егорова Алевтина Николаевна","ОШИ \"Лицей имени Н.И. Лобачевского\" КФУ"]
[622,"Муниципальное бюджетное общеобразовательное учреждение «Гимназия №20 \"Гармония\"» Московского района г. Казани","Закирова","С.","М.","2004-10-12","Ж",11,11,47,null,47,100,"Участник","Конышева Е.В.","МБОУ \"Гимназия №20 \"Гармония\"\" Московского района г.Казани"]
[623,"Муниципальное бюджетное общеобразовательное учреждение «Средняя общеобразовательная школа №91» Ново-Савиновского района г. Казани","Фардеева","Д.","С.","2003-12-29","Ж",11,11,47,null,47,100,"Участник","Бурганова Татьяна Наилевна","МБОУ \"Школа 91\""]
[624,"Муниципальное бюджетное общеобразовательное учреждение «Средняя общеобразовательная школа №156» Советского района г. Казани","Жирнов","А.","Д.","2004-01-12","М",11,11,46,null,46,100,"Участник","Портнова Диана Фидаилевна","Муниципальное бюджетное общеобразовательное учреждение \"Школа №156\" Советского района г.Казани Республики Татарстан"]
[625,"МАОУ \"Лицей №121 имени Героя Советского Союза С. А. Ахтямова\" Советского района г.Казани","Никифоров","Д.","Д.","2004-11-03","М",11,11,46,null,46,100,"Участник","Гавриленко Анна Александровна","Муниципальное автономное общеобразовательное учреждение \"Лицей №121\" г.Казани Республики Татарстан"]
[626,"Муниципальное бюджетное общеобразовательное учреждение «Средняя общеобразовательная школа №120 с углубленным изучением отдельных предметов» Московского района г. Казани","Степанова","А.","С.","2004-09-17","Ж",11,11,46,null,46,100,"Участник","Татаренко Галина Васильевна","МБОУ \"Школа №120\" Московского района г.Казани"]
[627,"Муниципальное автономное общеобразовательное учреждение «Средняя общеобразовательная школа №18 с углубленным изучением английского языка» Вахитовского района г. Казани","Тиханова","Д.","Р.","2004-03-31","Ж",11,11,46,null,46,100,"Участник","Бухарина Ирина Владимировна","МОАУ СОШ № 18"]
[628,"МБОУ «Русско-татарская средняя общеобразовательная школа №129» Приволжского района г. Казани","Умерова","А.","Э.","2005-01-19","Ж",11,11,46,null,46,100,"Участник","Олексенко Ольга Александровна","Муниципальное бюджетное общеобразовательное учреждение \"Русско-татарская школа №129\"Приволжского района города Казани"]
[629,"Муниципальное бюджетное общеобразовательное учреждение «Гимназия № 90» Советского района г. Казани","Гайнуллина","А.","Р.","2004-01-11","Ж",11,11,45,null,45,100,"Участник","Михайлова Тамара Борисовна","Муниципальное бюджетное общеобразовательное учреждение «Гимназия №90» Советского района г. Казани"]
[630,"Муниципальное бюджетное общеобразовательное учреждение «Гимназия №33» Авиастроительного района г. Казани","Зайниева","А.","Р.","2003-10-29","Ж",11,11,45,null,45,100,"Участник","Нуруллина Эльмира Рафиковна","МБОУ \" Гимназия №33\""]
[631,"Муниципальное автономное общеобразовательное учреждение \"Гимназия №141\" Советского района г.Казани","Зобова","З.","А.","2004-04-19","Ж",11,11,45,null,45,100,"Участник","-","-"]
[632,"Муниципальное бюджетное общеобразовательное учреждение «Средняя общеобразовательная школа №12» Вахитовского района г. Казани","Раскин","Г.","М.","2004-01-10","М",11,11,45,null,45,100,"Участник","Земницкая М.А","МБОУ «Школа № 12» Вахитовского района г. Казани"]
[633,"МБОУ «Средняя общеобразовательная школа №170 с углублённым изучением отдельных предметов» Ново-Савиновского района г. Казани","Савин","В.","В.","2004-02-28","М",11,11,44,null,44,100,"Участник","Чернова Надежда Анатольевна","Муниципальное бюджетное общеобразовательное учреждение \"Школа №170\" г.Казани Республики Татарстан"]
[634,"Муниципальное бюджетное общеобразовательное учреждение \"Средняя общеобразовательная школа  с углубленным изучением отдельных предметов №62\" Авиастроительного района г.Казани","Серебренникова","А.","М.","2004-05-06","Ж",11,11,44,null,44,100,"Участник","Шагеева Резида Фахрлисламовна","Муниципальное бюджетное общеобразовательное учреждение \"Школа № 62\" Авиастроительного района г.Казани Республики Татарстан"]
[635,"Муниципальное автономное общеобразовательное учреждение \"Гимназия №141\" Советского района г.Казани","Титов","Е.","Д.","2004-09-13","М",11,11,44,null,44,100,"Участник","Кочемасов В.Ю.","МАОУ \"Гимназия 141\" г. Казани"]
[636,"МБОУ «Средняя общеобразовательная школа №84 с углубленным изучением иностранных языков» Советского района г. Казани","Хайрнасова","Д.","А.","2004-07-16","Ж",11,11,44,null,44,100,"Участник","Батманова Гульнар Ильдаровна","Муниципальное бюджетное общеобразовательное учреждение \"Школа № 84\" г.Казани Республики Татарстан"]
[637,"МАОУ \"Лицей №121 имени Героя Советского Союза С. А. Ахтямова\" Советского района г.Казани","Герасимова","С.","С.","2005-01-03","Ж",11,11,43,null,43,100,"Участник","Гавриленко Анна Александровна","Муниципальное автономное общеобразовательное учреждение \"Лицей №121\" г.Казани Республики Татарстан"]
[638,"МБОУ «Средняя общеобразовательная школа №82 с углубленным изучением отдельных предметов им.Р.Г.Хасановой» Приволжского района г. Казани","Хабибрахманов","Р.","Р.","2004-07-21","М",11,11,43,null,43,100,"Участник","Матвеев Игорь Владимирович","Муниципальное бюджетное общеобразовательное учреждение \"Школа №82\" г.Казани Республики Татарстан"]
[639,"Муниципальное бюджетное общеобразовательное учреждение «Гимназия №33» Авиастроительного района г. Казани","Ахметханова","А.","И.","2004-05-10","Ж",11,11,42,null,42,100,"Участник","Нуруллина Эльмира Рафиковна","МБОУ \" Гимназия №33\""]
[640,"Муниципальное бюджетное общеобразовательное учреждение «Гимназия №18 с татарским языком обучения» Приволжского района г. Казани","Гильмутдинов","И.","Р.","2003-12-21","М",11,11,42,null,42,100,"Участник","Усманова Эльмира Расыховна","Муниципальное бюджетное общеобразовательное учреждение \"Гимназия №18 с татарским языком обучения\" Приволжского р-на г.Казани РТ"]
[641,"Муниципальное бюджетное общеобразовательное учреждение «Гимназия №7 имени Героя России А.В.Козина» Ново-Савиновского района г.Казани. Школа-центр компетенции в электронном образовании","Грибова","М.","А.","2004-07-20","Ж",11,11,42,null,42,100,"Участник","Ипполитова Лариса Владимировна","Муниципальное бюджетное общеобразовательное учреждение \"Гимнзия N7\" г.Казани Республики Татарстан"]
[642,"Муниципальное бюджетное общеобразовательное учреждение «Лицей №83 - Центр образования» Приволжского района г. Казани","Камаев","Р.","Р.","2004-04-21","М",11,11,42,null,42,100,"Участник","Волкова Эльвира Николаевна","Муниципальное бюджетное общеобразовательное учреждение «Лицей №83 - Центр образования» Приволжского района г. Казани"]
[643,"МБОУ «Средняя общеобразовательная школа № 9 с углубленным изучением английского языка» Ново-Савиновского района г.Казани","Мавзютов","Б.","А.","2004-03-24","М",11,11,42,null,42,100,"Участник","Нургалиева Людмила Петровна","МБОУ \"Школа №9\" Ново-Савиновского района г.Казани"]
[644,"МБОУ \"Средняя русско-татарская общеобразовательная школа №57\" Кировского района г.Казани","Иванчева","А.","А.","2004-12-21","Ж",11,11,41,null,41,100,"Участник","Варфоломеева Зоя Владимировна","МБОУ \"Школа №57\""]
[645,"Муниципальное бюджетное общеобразовательное учреждение «Гимназия № 183» Советского района г.Казани","Камильянова","А.","Р.","2004-11-07","Ж",11,11,41,null,41,100,"Участник","Шакирова Гюзель Рустемовна","Муниципальное бюджетное общеобразовательное учреждение \"Гимназия 183\" г.Казани Республики Татарстан"]
[646,"Муниципальное бюджетное общеобразовательное учреждение «Средняя общеобразовательная школа с углубленным изучением отдельных предметов №184 им.М.И.Махмутова» Советского района г.Казани","Нигматуллина","А.","А.","2004-01-07","Ж",11,11,41,null,41,100,"Участник","Насыбуллин Л.А.","Муниципальное бюджетное общеобразовательное учреждение \"Школа №184\" г. Казани Республики Татарстан"]
[647,"Муниципальное автономное общеобразовательное учреждение «Средняя общеобразовательная школа №18 с углубленным изучением английского языка» Вахитовского района г. Казани","Николаев","А.","Ю.","2004-12-21","М",11,11,41,null,41,100,"Участник","Бухарина Ирина Владимировна","МОАУ СОШ № 18"]
[648,"Общеобразовательная школа-интернат «Лицей имени Н.И. Лобачевского» федерального государственного автономного образовательного учреждения высшего образования \"Казанский (Приволжский) федеральный университет\"","Хомяков","В.","П.","2004-10-12","М",11,11,41,null,41,100,"Участник","Егорова Алевтина Николаевна","ОШИ \"Лицей имени Н.И. Лобачевского\" КФУ"]
[649,"Муниципальное бюджетное общеобразовательное учреждение «Средняя общеобразовательная школа №144 с углубленным изучением отдельных предметов» Советского района г. Казани","Динюшева","Л.","Р.","2004-08-16","Ж",11,11,40,null,40,100,"Участник","Шарапов А.Р.","Муниципальное бюджетное общеобразовательное учреждение \"Школа №144\" Советского района г.Казани"]
[650,"Муниципальное бюджетное общеобразовательное учреждение «Гимназия №20 \"Гармония\"» Московского района г. Казани","Ибрагимова","Э.","И.","2004-07-13","Ж",11,11,40,null,40,100,"Участник","Конышева Е.В.","МБОУ \"Гимназия №20 \"Гармония\"\" Московского района г.Казани"]
[651,"Муниципальное бюджетное общеобразовательное учреждение \"Средняя общеобразовательная школа № 54 с углубленным изучением отдельных предметов\" Авиастроительного района  г. Казани","Шашкин","Б.","И.","2004-07-01","Ж",11,11,39,null,39,100,"Участник","Красильникова Светлана Викторовна","Муниципальное бюджетное общеобразовательное учреждение \"Школа №54\" г.Казани Республики Татарстан"]
[652,"Муниципальное бюджетное общеобразовательное учреждение «Гимназия №175» Советского района г. Казани","Бухтиенко","М.","В.","2004-02-10","Ж",11,11,38,null,38,100,"Участник","Хафизова Эльвира Закирзяновна","Муниципальное бюджетное общеобразовательное учреждение \"Гимназия №175\" г.Казани Республики Татарстан"]
[653,"Муниципальное бюджетное общеобразовательное учреждение «Гимназия №122 имени Ж.А. Зайцевой» Московского района г.Казани","Исламов","Д.","Р.","2004-07-07","М",11,11,38,null,38,100,"Участник","Чайковская Светлана Валентиновна","МБОУ \"Гимназия №122 имени Ж.А.Зайцевой\""]
[654,"Муниципальное бюджетное общеобразовательное учреждение «Гимназия № 90» Советского района г. Казани","Теплякова","А.","И.","2004-09-10","Ж",11,11,38,null,38,100,"Участник","Михайлова Тамара Борисовна","Муниципальное бюджетное общеобразовательное учреждение «Гимназия №90» Советского района г. Казани"]
[655,"Муниципальное бюджетное общеобразовательное учреждение «Средняя общеобразовательная школа №167 с углубленным изучением отдельных предметов» Советского района г. Казани","Бартош","А.","Р.","2005-02-03","М",11,11,37.7,null,37.7,100,"Участник","Мухамадиев Марсель Рамильевич","Муниципальное бюджетное общеобразовательное учреждение «Средняя общеобразовательная школа № 167 с углубленным изучением отдельных предметов» Советского района г. Казани"]
[656,"Общеобразовательная школа-интернат «Лицей имени Н.И. Лобачевского» федерального государственного автономного образовательного учреждения высшего образования \"Казанский (Приволжский) федеральный университет\"","Афендин","Х.","З.","2004-08-11","М",11,11,37,null,37,100,"Участник","Билалова Дина Султановна","ОШИ \"Лицей имени Н.И. Лобачевского\" КФУ"]
[657,"Муниципальное бюджетное общеобразовательное учреждение «Средняя общеобразовательная школа №167 с углубленным изучением отдельных предметов» Советского района г. Казани","Асьмаев","А.","Ш.","2004-03-07","М",11,11,36,null,36,100,"Участник","Мухамадиев Марсель Рамильевич","Муниципальное бюджетное общеобразовательное учреждение «Средняя общеобразовательная школа № 167 с углубленным изучением отдельных предметов» Советского района г. Казани"]
[658,"Муниципальное бюджетное общеобразовательное учреждение «Средняя общеобразовательная русско-татарская школа №87» Московского района г.Казани","Валами","Б.","Х.","2003-10-29","М",11,11,36,null,36,100,"Участник","Халимова Диана Ильгизовна","Муниципальное бюджетное общеобразовательное учреждение \"Школа №87\" г.Казани Республики Татарстан"]
[659,"Специализированный учебный научный центр – общеобразовательная школа-интернат «IT-лицей» федерального государственного автономного образовательного учреждения высшего образования «Казанский (Приволжский) федеральный университет»","Идиятуллин","Э.","М.","2004-02-25","М",11,11,35,null,35,100,"Участник","Галимзянова Мадина Ахтямовна","ОШИ IТ-лицей ФГАОУ ВО К(П)ФУ"]
[660,"Муниципальное бюджетное образовательное учреждение \"Гимназия №9\" Московского района г.Казани","Осипов","И.","И.","2004-09-16","М",11,11,35,null,35,100,"Участник","Голубева Екатерина Юрьевна","МБОУ \"Гимназия №9\""]
[661,"Муниципальное бюджетное общеобразовательное учреждение «Гимназия № 90» Советского района г. Казани","Игламов","А.","Т.","2004-03-12","М",11,11,34,null,34,100,"Участник","Михайлова Тамара Борисовна","Муниципальное бюджетное общеобразовательное учреждение «Гимназия №90» Советского района г. Казани"]
[662,"Муниципальное бюджетное общеобразовательное учреждение «Средняя общеобразовательная школа №51» Вахитовского района г. Казани","Масанкин","Д.","В.","2004-02-05","М",11,11,34,null,34,100,"Участник","Нуруллина Анастасия Сергеевна","Муниципальное бюджетное общеобразовательное учреждение \"Школа №51\" г.Казани Республики Татарстан"]
[663,"Муниципальное бюджетное общеобразовательное учреждение «Средняя общеобразовательная русско-татарская школа №161» Советского района г. Казани","Чернецов","Р.","А.","2004-02-03","М",11,11,34,null,34,100,"Участник","Ганеева Алсу Фиргатовна","Муниципальное бюджетное общеобразовательное учреждение \"Школа №161\" г.Казани Республики Татарстан"]
[664,"Муниципальное бюджетное общеобразовательное учреждение «Гимназия № 90» Советского района г. Казани","Камалиева","К.","Р.","2004-10-27","Ж",11,11,33,null,33,100,"Участник","Михайлова Тамара Борисовна","Муниципальное бюджетное общеобразовательное учреждение «Гимназия №90» Советского района г. Казани"]
[665,"Муниципальное бюджетное общеобразовательное учреждение «Средняя общеобразовательная школа №120 с углубленным изучением отдельных предметов» Московского района г. Казани","Мухторов","О.","А. у.","2004-04-04","М",11,11,33,null,33,100,"Участник","Татаренко Галина Васильевна","МБОУ \"Школа №120\" Московского района г.Казани"]
[666,"Муниципальное бюджетное общеобразовательное учреждение «Гимназия №3» Вахитовского района г. Казани","Хазиев","А.","И.","2004-08-22","М",11,11,33,null,33,100,"Участник","Кочкина Елена Владимировна","Муниципальное бюджетное общеобразовательное учреждение \"Гимназия № 3\" Вахитовского района г. Казани Республики Тарарстан"]
[667,"Муниципальное бюджетное общеобразовательное учреждение «Средняя общеобразовательная школа №64» Московского района г. Казани","Федотова","М.","В.","2004-05-05","Ж",11,11,32,null,32,100,"Участник","Перепеченова Наталья Николаевна","Муниципальное бюджетное общеобразовательное учреждение \"Школа №64\" Московского района г.Казани"]
[668,"Муниципальное бюджетное общеобразовательное учреждение «Средняя общеобразовательная школа №117» Авиастроительного района г. Казани","Буреев","Р.","К.","2004-08-04","М",11,11,31,null,31,100,"Участник","Ганиева Гузель Рафиковна","МБОУ \"Школа №117\""]
[669,"МБОУ «Татарско-русская средняя общеобразовательная школа №10 с углубленным изучением отдельных предметов» Приволжского района г. Казани","Гараева","А.","М.","2004-01-15","Ж",11,11,31,null,31,100,"Участник","Бердникова Лилия Галимджановна","МБОУ \"Школа №10\""]
[670,"Муниципальное бюджетное общеобразовательное учреждение «Гимназия №122 имени Ж.А. Зайцевой» Московского района г.Казани","Кузьмина","А.","А.","2004-02-08","Ж",11,11,29,null,29,100,"Участник","Садыков Жаудат Назипович","МБОУ \"Гимназия №122 имени Ж.А.Зайцевой\""]
[671,"Муниципальное бюджетное общеобразовательное учреждение \"Средняя общеобразовательная татарско-русская школа №71 с углубленным изучением отдельных предметов\" Ново-Савиновского района города Казани","Галимзянов","А.","М.","2004-12-28","М",11,11,28,null,28,100,"Участник","Халикова Гульназ Габбасовна","Муниципальное бюджетное общеобразовательное учреждение \"Средняя общеобразовательная татарско-русская школа №71 с углубленным изучением отдельных предметов\" Ново-Савиновского района города Казани"]
[672,"МБОУ «Средняя общеобразовательная школа №132 с углубленным изучением иностранных языков» Ново-Савиновского района г. Казани","Гаранина","А.","С.","2004-07-09","Ж",11,11,28,null,28,100,"Участник","Нургалиева Л.И.","«Школа № 132»"]
[673,"Муниципальное бюджетное образовательное учреждение \"Гимназия №9\" Московского района г.Казани","Саттаров","А.","Н.","2004-09-10","М",11,11,28,null,28,100,"Участник","Голубева Екатерина Юрьевна","МБОУ \"Гимназия №9\""]
[674,"Муниципальное бюджетное общеобразовательное учреждение «Гимназия № 183» Советского района г.Казани","Вахитов","Р.","М.","2004-05-30","М",11,11,27,null,27,100,"Участник","Шакирова Гюзель Рустемовна","Муниципальное бюджетное общеобразовательное учреждение \"Гимназия 183\" г.Казани Республики Татарстан"]
[675,"Муниципальное автономное общеобразовательное учреждение «Средняя общеобразовательная школа №18 с углубленным изучением английского языка» Вахитовского района г. Казани","Гиззатуллин","С.","Т.","2004-10-19","М",11,11,27,null,27,100,"Участник","Бухарина Ирина Владимировна","МОАУ СОШ № 18"]
[676,"МБОУ «Русско-татарская средняя общеобразовательная школа №129» Приволжского района г. Казани","Мубаракова","К.","И.","2004-06-27","Ж",11,11,27,null,27,100,"Участник","Олексенко Ольга Александровна","Муниципальное бюджетное общеобразовательное учреждение \"Русско-татарская школа №129\"Приволжского района города Казани"]
[677,"Муниципальное бюджетное общеобразовательное учреждение «Гимназия №7 имени Героя России А.В.Козина» Ново-Савиновского района г.Казани. Школа-центр компетенции в электронном образовании","Фаязов","К.","Э.","2004-05-24","М",11,11,26,null,26,100,"Участник","Ипполитова Лариса Владимировна","Муниципальное бюджетное общеобразовательное учреждение \"Гимнзия N7\" г.Казани Республики Татарстан"]
[678,"Муниципальное автономное общеобразовательное учреждение \"Гимназия №141\" Советского района г.Казани","Гайнуллин","Б.","И.","2004-09-14","М",11,11,25,null,25,100,"Участник","Кочемасов В.Ю.","МАОУ \"Гимназия 141\" г. Казани"]
[679,"Муниципальное бюджетное общеобразовательное учреждение «Средняя общеобразовательная школа № 137 с углубленным изучением отдельных предметов» Кировского района г. Казани","Ликанова","А.","А.","2004-05-08","Ж",11,11,25,null,25,100,"Участник","Клековкина Людмила Анатольевна","Муниципальное бюджетное общеобразовательное учреждение \"Школа №137 с углубленным изучением отдельных предметов\" Каировского района г.Казани Республики Татарстан"]
[680,"МБОУ «Средняя общеобразовательная школа № 9 с углубленным изучением английского языка» Ново-Савиновского района г.Казани","Боева","А.","М.","2004-02-08","Ж",11,11,24,null,24,100,"Участник","Нургалиева Людмила Петровна","МБОУ \"Школа №9\" Ново-Савиновского района г.Казани"]
[681,"Муниципальное бюджетное общеобразовательное учреждение \"Средняя общеобразовательная школа № 119\" Авиастроительного р-на г.Казани","Бурнаева","С.","Ш.","2004-06-24","Ж",11,11,23,null,23,100,"Участник","Четверкин Алексей Валерьевич","МБОУ \" Средняя школа №119\" Авиастроительного района г.Казани"]
[682,"МБОУ «Татарско-русская средняя общеобразовательная школа №10 с углубленным изучением отдельных предметов» Приволжского района г. Казани","Садовникова","К.","С.","2004-06-15","Ж",11,11,23,null,23,100,"Участник","Бердникова Лилия Галимджановна","МБОУ \"Школа №10\""]
[683,"Муниципальное бюджетное общеобразовательное учреждение «Средняя общеобразовательная школа №43» Ново-Савиновского района г. Казани","Шайхутдинова","Д.","А.","2004-07-15","Ж",11,11,23,null,23,100,"Участник","Шаряфетдинова Гюльнара Ингильевна","Муниципальное бюджетное общеобразовательное учреждение \"Школа №43\" г.Казани Республики Татарстан"]
[684,"Муниципальное бюджетное общеобразовательное учреждение «Гимназия №122 имени Ж.А. Зайцевой» Московского района г.Казани","Трусенева","В.","О.","2004-09-25","Ж",11,11,22,null,22,100,"Участник","Садыков Жаудат Назипович","МБОУ \"Гимназия №122 имени Ж.А.Зайцевой\""]
[685,"Муниципальное бюджетное общеобразовательное учреждение «Средняя общеобразовательная русско-татарская школа №161» Советского района г. Казани","Сафиуллин","Р.","М.","2004-08-04","М",11,11,21,null,21,100,"Участник","Ганеева Алсу Фиргатовна","Муниципальное бюджетное общеобразовательное учреждение \"Школа №161\" г.Казани Республики Татарстан"]
[686,"Муниципальное бюджетное общеобразовательное учреждение  \"Татарская гимназия №15\" Кировского района г.Казани","Хайруллин","Р.","М.","2004-10-09","М",11,11,21,null,21,100,"Участник","Хайруллина Зайтуна Зуфаровна","Муниципальное бюджетное общеобразовательное учреждение \"Татарская гимназия №15\" г.Казани Республики Татарстан"]
[687,"Муниципальное бюджетное общеобразовательное учреждение «Татарская гимназия №17 имени Г. Ибрагимова» Московского района г. Казани","Гафарова","К.","И.","2003-11-07","Ж",11,11,20,null,20,100,"Участник","Фархутдинов Ильшат Мансурович","Муниципальное бюджетное общеобразовательное учреждение «Татарская гимназия №17 имени Г. Ибрагимова» Московского района г. Казани"]
[688,"Муниципальное бюджетное общеобразовательное учреждение «Гимназия №125» Советского района г. Казани","Шарафутдинова","К.","Р.","2004-10-22","Ж",11,11,20,null,20,100,"Участник","Патранина Татьяна Ивановна","Муниципальное бюджетное общеобразовательное учреждение \"Гимназия №125\" г. Казани Республики Татарстан"]
[689,"Муниципальное бюджетное общеобразовательное учреждение «Лицей №83 - Центр образования» Приволжского района г. Казани","Мухамедов","Й.","Н.","2004-05-18","М",11,11,19,null,19,100,"Участник","Волкова Эльвира Николаевна","Муниципальное бюджетное общеобразовательное учреждение «Лицей №83 - Центр образования» Приволжского района г. Казани"]
[690,"МБОУ \"Гимназия №96\" Вахитовского района г. Казани","Мухаметшин","А.","Р.","2004-11-01","М",11,11,18,null,18,100,"Участник","Муллахметова Юлия Геннадьевна","Муниципальное бюджетное общеобразовательное учреждение \"Гимназия № 96\" г.Казани Республики Татарстан"]
[691,"МБОУ «Средняя общеобразовательная  русско-татарская школа №111» Советского района г. Казани","Сыщиков","М.","В.","2004-06-22","М",11,11,17,null,17,100,"Участник","Федосеева В.В.","Муниципальное бюджетное общеобразовательное учреждение \"Школа №111\" г.Казани Республики Татарстан"]
[692,"Муниципальное бюджетное общеобразовательное учреждение \"Средняя общеобразовательная школа № 119\" Авиастроительного р-на г.Казани","Шарапова","М.","И.","2004-09-28","Ж",11,11,17,null,17,100,"Участник","Четверкин Алексей Валерьевич","МБОУ \" Средняя школа №119\" Авиастроительного района г.Казани"]
[693,"МБОУ «Средняя общеобразовательная школа №171 с углубленным изучением отдельных предметов» Советского района г. Казани (Школа - центр компетенции в электронном образовании)","Вафин","Ф.","Ф.","2004-03-28","М",11,11,16,null,16,100,"Участник","Никифоров Сергей Анатольевич","Муниципальное бюджетное общеобразовательное учреждение \"Школа №171\" Советского района г.Казани"]
[694,"МБОУ \"Средняя русско-татарская общеобразовательная школа №57\" Кировского района г.Казани","Галимова","А.","Р.","2004-01-30","Ж",11,11,16,null,16,100,"Участник","Варфоломеева Зоя Владимировна","МБОУ \"Школа №57\""]
[695,"МБОУ \"Лицей №78 \"Фарватер\" Приволжского района г. Казани","Хакимов","Р.","И.","2004-04-07","М",11,11,16,null,16,100,"Участник","Тумакаева Зухра Наилевна","МБОУ \"Лицей №78 \"Фарватер\""]
[696,"Муниципальное бюджетное общеобразовательное учреждение «Средняя общеобразовательная школа №167 с углубленным изучением отдельных предметов» Советского района г. Казани","Валеева","Р.","И.","2004-01-23","Ж",11,11,14,null,14,100,"Участник","Мухамадиев Марсель Рамильевич","Муниципальное бюджетное общеобразовательное учреждение «Средняя общеобразовательная школа № 167 с углубленным изучением отдельных предметов» Советского района г. Казани"]
[697,"Муниципальное бюджетное общеобразовательное учреждение «Гимназия №21» Приволжского района г. Казани","Лукманова","А. ","Д.","2005-04-03","Ж",11,11,14,null,14,100,"Участник","Франк Наталия Николаевна","МБОУ \" Гимназия № 21\"Приволжского района г Казани"]
[698,"Муниципальное бюджетное общеобразовательное учреждение «Средняя общеобразовательная школа №156» Советского района г. Казани","Мансуров","И.","Ю.","2004-05-18","М",11,11,14,null,14,100,"Участник","Портнова Диана Фидаилевна","Муниципальное бюджетное общеобразовательное учреждение \"Школа №156\" Советского района г.Казани Республики Татарстан"]
[699,"МБОУ «Русско-татарская средняя общеобразовательная школа №97» Приволжского района г. Казани","Морозов","Д.","С.","2004-09-25","М",11,11,13,null,13,100,"Участник","Тюгаев И.А.","МБОУ \"Школа№97\""]
[700,"Муниципальное  бюджетное общеобразовательное учреждение «Татарская гимназия №11» Советского района г. Казани","Равилов","Р.","Н.","2004-01-05","М",11,11,13,null,13,100,"Участник","Бариева Рамзиля Абдулахатовна","Муниципальное бюджетное общеобразовательное учреждение \"Татарская гимназия №11\" Советского района г. Казани"]
[701,"Муниципальное бюджетное общеобразовательное учреждение \"Средняя общеобразовательная школа №32\" Кировского района г. Казани","Сон","К.","И.","2004-05-09","М",11,11,12,null,12,100,"Участник","Салахов Динар Дамирович","МБОУ \"Школа №32\" Кировского района г. Казани"]
[702,"Муниципальное бюджетное общеобразовательное учреждение «Средняя общеобразовательная школа №167 с углубленным изучением отдельных предметов» Советского района г. Казани","Сташевски","М.","З.","2004-08-15","Ж",11,11,10,null,10,100,"Участник","Мухамадиев Марсель Рамильевич","Муниципальное бюджетное общеобразовательное учреждение «Средняя общеобразовательная школа № 167 с углубленным изучением отдельных предметов» Советского района г. Казани"]
[703,"Муниципальное бюджетное общеобразовательное учреждение «Средняя общеобразовательная школа №130 имени Героя Российской Федерации майора С.А.Ашихмина» Московского района г.Казани","Купаев","С.","Ф.","2004-08-18","М",11,11,8,null,8,100,"Участник","Островская Лариса Анатольевна","Муниципальное бюджетное общеобразовательное учреждение «Средняя общеобразовательная школа №130 имени Героя Российской Федерации майора С.А.Ашихмина» Московского района г.Казани"]
[704,"МАОУ \"Лицей №121 имени Героя Советского Союза С. А. Ахтямова\" Советского района г.Казани","Басыров","Т.","И.","2004-03-04","М",11,11,6,null,6,100,"Участник","Хасанова Флера Анваровна","Муниципальное автономное общеобразовательное учреждение \"Лицей №121\" г.Казани Республики Татарстан"]